東方Projectのスペルカード - Statistics

General Stats
  • This quiz has been taken 77 times
    10 since last reset
  • The average score is 120 of 1964
Answer Stats
使用者 使用作品 スペルカード % Correct
霧雨魔理沙 紅:ボム(魔理沙B)妖:ボム(魔理沙B低速時) 永:ボム   4面Bボス2枚目(Easy/Normal) 萃:プレイヤー専用(壱符) 緋、非:プレイヤー専用(コスト3) 星、神、紺、鬼:ボム 心、深、憑:プレイヤー専用 恋符「マスタースパーク」
100%
霧雨魔理沙 萃:ストーリーCPU専用 符の参「マスタースパーク」
100%
博麗霊夢 紅:ボム(霊夢A)花:カードアタック(チャージ3) 星、神、輝、紺、鬼:ボム 心、深、憑:プレイヤー専用 霊符「夢想封印」
83%
ルーミア 紅:1面ボス1枚目 夜符「ナイトバード」
83%
十六夜咲夜 妖:ボム(咲夜A低速時)
永:ボム
萃:プレイヤー専用(壱符)
緋、非:プレイヤー専用(コスト2)
幻符「殺人ドール」
83%
八雲藍 妖:Exボス8枚目 式神「橙」
83%
文:LEVEL 6 SCENE-7 化猫「橙」
83%
八坂神奈子 風:6面ボス5枚目(Hard/Lunatic) 「風神様の神徳」
83%
八雲紫 緋、非:プレイヤー専用(コスト1) 式神「橙」
83%
チルノ 紅:2面ボス2枚目花:カードアタック(チャージ2、3) 非:プレイヤー専用(コスト5) 大:ボム 凍符「パーフェクトフリーズ」
67%
十六夜咲夜 紅:5面ボス3枚目(Hard/Lunatic) メイド秘技「殺人ドール」
67%
フランドール・スカーレット 紅:Exボス2枚目 禁忌「レーヴァテイン」
67%
フランドール・スカーレット 紅:Exボス4枚目 禁忌「カゴメカゴメ」
67%
フランドール・スカーレット 紅:Exボス9枚目 秘弾「そして誰もいなくなるか?」
67%
フランドール・スカーレット 紅:Exボス10枚目 QED「495年の波紋」
67%
八雲紫 妖:Phボス8枚目 式神「八雲藍」
67%
八雲紫 妖:Phボス11枚目 紫奥義「弾幕結界」
67%
霧雨魔理沙 永:4面Bボス2枚目(Hard/Lunatic) 恋心「ダブルスパーク」
67%
藤原妹紅 永:Exボス6枚目 虚人「ウー」
67%
霧雨魔理沙 永:ラストワード 「ブレイジングスター」
67%
霧雨魔理沙 萃:プレイヤー専用(弐符) 緋、非:プレイヤー専用(コスト5) ダ:LEVEL EX SCENE-8 心、深、憑:プレイヤー専用 彗星「ブレイジングスター」
67%
八雲紫 萃:ストーリーCPU専用 符の参「八雲藍」
67%
河城にとり 風:3面ボス2枚目(Easy/Normal) 水符「河童のポロロッカ」
67%
射命丸文 風:4面ボス3枚目(Lunatic) 「無双風神」
67%
洩矢諏訪子 風:Exボス7枚目非:プレイヤー専用(コスト3) 土着神「ケロちゃん風雨に負けず」
67%
古明地さとり 地:4面ボス3枚目(魔理沙C) 想起「河童のポロロッカ」
67%
博麗霊夢 紅:ボム(霊夢B)妖:ボム(霊夢B高速時) 永:4面Aボス1枚目(Easy/Normal) 萃:プレイヤー専用(壱符) 非:プレイヤー専用(コスト2) 夢符「封魔陣」
50%
ルーミア 紅:1面道中1枚目(Hard/Lunatic) 月符「ムーンライトレイ」
50%
チルノ 紅:2面ボス1枚目(Easy/Normal) 非:ストーリーCPU専用 氷符「アイシクルフォール」
50%
パチュリー・ノーレッジ 紅:4面ボス2枚目(Easy (魔理沙B))  4面ボス3枚目(Normal/Hard/Lunatic (魔理沙B))   4面ボス4枚目(Normal/Hard/Lunatic (魔理沙A))   4面ボス5枚目(Hard/Lunatic (霊夢B)) 土&金符「エメラルドメガリス」
50%
レミリア・スカーレット 紅:6面ボス5枚目(Hard/Lunatic) 「紅色の幻想郷」
50%
フランドール・スカーレット 紅:Exボス5枚目 禁忌「恋の迷路」
50%
チルノ 妖:1面道中1枚目(Hard/Lunatic) 霜符「フロストコラムス」
50%
???(西行寺幽々子) 妖:6面ボス6枚目(Easy) 「反魂蝶 -一分咲-」
50%
???(西行寺幽々子) 妖:6面ボス6枚目(Normal) 「反魂蝶 -参分咲-」
50%
???(西行寺幽々子) 妖:6面ボス6枚目(Hard) 「反魂蝶 -伍分咲-」
50%
???(西行寺幽々子) 妖:6面ボス6枚目(Lunatic) 「反魂蝶 -八分咲-」
50%
霧雨魔理沙 永:ボム(ラストスペル)
萃:プレイヤー専用(弐符)
緋、非:プレイヤー専用(コスト5)
魔砲「ファイナルスパーク」
50%
レミリア・スカーレット 永:ボム
萃:プレイヤー専用(壱符)
緋、非:プレイヤー専用(コスト3)
紅符「不夜城レッド」
50%
上白沢慧音 永:3面ボスラストスペル(Normal/Hard/Lunatic) 未来「高天原」
50%
霧雨魔理沙 永:4面Bボスラストスペル(Normal/Hard/Lunatic) 魔砲「ファイナルマスタースパーク」
50%
八意永琳 永:6面Aボスラストスペル 禁薬「蓬莱の薬」
50%
鈴仙・優曇華院・イナバ 永:ラストワード 緋、非:プレイヤー専用(コスト5) 深、憑:プレイヤー専用 「幻朧月睨(ルナティックレッドアイズ)」
50%
博麗霊夢 永:ラストワード 緋、非:プレイヤー専用(コスト5) 心:ラストワード 「夢想天生」
50%
アリス・マーガトロイド 萃:プレイヤー専用(弐符) 緋、非:プレイヤー専用(コスト3) 咒詛「蓬莱人形」
50%
蓬莱山輝夜 文:LEVEL 9 SCENE-6 新難題「金閣寺の一枚天井」
50%
鍵山雛 風:2面ボス1枚目(Easy/Normal) 疵符「ブロークンアミュレット」
50%
八坂神奈子 風:6面ボス2枚目(Easy/Normal) 筒粥「神の粥」
50%
比那名居天子 緋:ストーリーCPU、プレイヤー(コスト5) 非:プレイヤー専用(コスト5) ダ:LEVEL 10 SCENE-7 「全人類の緋想天」
50%
星熊勇儀 地:3面ボス3枚目 四天王奥義「三歩必殺」
50%
霊烏路空 地:6面ボス5枚目(Hard/Lunatic)非:プレイヤー専用(コスト4) 「サブタレイニアンサン」
50%
古明地こいし 地:Exボス2枚目 表象「弾幕パラノイア」
50%
西行寺幽々子 非:プレイヤー専用(コスト3) 「反魂蝶」
50%
古明地さとり ダ:LEVEL 9 SCENE-7 想起「うろおぼえの金閣寺」
50%
少名針妙丸 輝:6面ボス2枚目(Easy/Normal) 小槌「大きくなあれ」
50%
藤原妹紅 弾:三日目 3-4 深:エキストラストーリーCPU専用 惜命「不死身の捨て身」
50%
純狐 紺:6面ボス7枚目(Hard/Lunatic) 純符「純粋な弾幕地獄」
50%
八雲藍 妖:Exボス5枚目 式輝「プリンセス天狐 -Illusion-」
50%
ルーミア 紅:1面ボス2枚目 闇符「ディマーケイション」
33%
紅美鈴 紅:3面道中1枚目(Hard/Lunatic) 華符「セラギネラ9」
33%
十六夜咲夜 紅:5面道中1枚目(Easy/Normal) 奇術「ミスディレクション」
33%
十六夜咲夜 紅:5面道中1枚目(Hard/Lunatic) 奇術「幻惑ミスディレクション」
33%
十六夜咲夜 紅:5面ボス2枚目(Easy/Normal) メイド秘技「操りドール」
33%
十六夜咲夜 紅:5面ボス3枚目(Easy/Normal) 幻世「ザ・ワールド」
33%
十六夜咲夜 紅:6面道中1枚目(Normal/Hard/Lunatic) 緋、非:プレイヤー専用(コスト2) 奇術「エターナルミーク」
33%
レミリア・スカーレット 紅:6面ボス4枚目(Hard/Lunatic) 紅符「スカーレットマイスタ」
33%
パチュリー・ノーレッジ 紅:Ex道中3枚目
萃:プレイヤー専用(弐符)
緋:プレイヤー専用(コスト5)
火水木金土符「賢者の石」
33%
フランドール・スカーレット 紅:Exボス6枚目 禁弾「スターボウブレイク」
33%
フランドール・スカーレット 紅:Exボス7枚目 禁弾「カタディオプトリック」
33%
博麗霊夢 妖:ボム(霊夢A高速時) 永:4面A道中2枚目(Easy/Normal) 霊符「夢想封印 散」
33%
博麗霊夢 妖:ボム(霊夢A高速時) 永:4面Aボス2枚目(Easy/Normal) 霊符「夢想封印 集」
33%
十六夜咲夜 妖:ボム(咲夜B低速時)
萃:プレイヤー専用(壱符)
緋、非:プレイヤー専用(コスト3)
時符「プライベートスクウェア」
33%
アリス・マーガトロイド 妖:3面ボス3枚目(Easy/Normal) 闇符「霧の倫敦人形」
33%
妖:Ex道中1枚目 鬼符「青鬼赤鬼」
33%
妖:Ex道中2枚目 鬼神「飛翔毘沙門天」
33%
八雲藍 妖:Exボス2枚目 式神「十二神将の宴」
33%
八雲藍 妖:Exボス7枚目 式弾「ユーニラタルコンタクト」
33%
八雲藍 妖:Exボス10枚目 幻神「飯綱権現降臨」
33%
八雲紫 妖:Phボス9枚目 「人間と妖怪の境界」
33%
八雲紫 妖:Phボス10枚目 結界「生と死の境界」
33%
上白沢慧音 永:3面ボス2枚目(Easy) 国符「三種の神器 剣」
33%
上白沢慧音 永:3面ボス3枚目(Normal) 国符「三種の神器 玉」
33%
上白沢慧音 永:3面ボス3枚目(Hard) 国符「三種の神器 鏡」
33%
博麗霊夢 永:4面Aボス3枚目(Easy/Normal) 境界「二重弾幕結界」
33%
鈴仙・優曇華院・イナバ 永:5面ボス3枚目(Easy/Normal) 懶符「生神停止(アイドリングウェーブ)」
33%
鈴仙・優曇華院・イナバ 永:5面ボス4枚目 散符「真実の月(インビジブルフルムーン)」
33%
八意永琳 永:6面A道中1枚目 天丸「壺中の天地」
33%
八意永琳 永:6面Aボス4枚目 天呪「アポロ13」
33%
蓬莱山輝夜 永:6面Bボス1枚目(Hard/Lunatic) 神宝「ブリリアントドラゴンバレッタ」
33%
蓬莱山輝夜 永:6面Bボス3枚目(Hard/Lunatic) 神宝「サラマンダーシールド」
33%
蓬莱山輝夜 永:6面Bボスラストスペル5枚目(Normal) 「永夜返し -夜明け-」
33%
上白沢慧音 永:Ex道中2枚目 転世「一条戻り橋」
33%
藤原妹紅 永:Exボス1枚目 時効「月のいはかさの呪い」
33%
藤原妹紅 永:Exボス5枚目 滅罪「正直者の死」
33%
藤原妹紅 永:Exボス9枚目 「パゼストバイフェニックス」
33%
藤原妹紅 永:Exボスラストスペル 「インペリシャブルシューティング」
33%
十六夜咲夜 永:ラストワード 「デフレーションワールド」
33%
博麗霊夢 萃:プレイヤー専用(弐符) 緋、非:プレイヤー専用(コスト5) 神霊「夢想封印」
33%
レミリア・スカーレット 萃:プレイヤー専用(弐符) 緋、非:プレイヤー専用(コスト4) 神槍「スピア・ザ・グングニル」
33%
風見幽香 花:カードアタック(チャージ2、3) 花符「幻想郷の開花」
33%
リグル・ナイトバグ 文:LEVEL 1 SCENE-5 蝶符「バタフライストーム」
33%
パチュリー・ノーレッジ 文:LEVEL 5 SCENE-6 月&木符「サテライトヒマワリ」
33%
八雲紫 文:LEVEL EX SCENE-4 境符「波と粒の境界」
33%
秋穣子 風:1面ボス2枚目(Easy/Normal) 豊符「オヲトシハーベスター」
33%
鍵山雛 風:2面ボス1枚目(Hard/Lunatic) 疵痕「壊されたお守り」
33%
河城にとり 風:3面道中1枚目(Easy/Normal) 光学「オプティカルカモフラージュ」
33%
河城にとり 風:3面道中1枚目(Hard/Lunatic) 光学「ハイドロカモフラージュ」
33%
河城にとり 風:3面ボス1枚目(Lunatic) 漂溺「光り輝く水底のトラウマ」
33%
河城にとり 風:3面ボス3枚目(Easy/Normal) 河童「お化けキューカンバー」
33%
射命丸文 風:4面ボス1枚目(Hard/Lunatic) 岐符「サルタクロス」
33%
射命丸文 風:4面ボス3枚目(Normal/Hard) 緋:ストーリーCPU、プレイヤー(コスト5) 非:プレイヤー専用(コスト5) ダ:SPOILER SCENE-9 「幻想風靡」
33%
東風谷早苗 風:5面ボス4枚目(Easy/Normal) 奇跡「神の風」
33%
八坂神奈子 風:6面ボス5枚目(Easy/Normal) 「マウンテン・オブ・フェイス」
33%
洩矢諏訪子 風:Exボス3枚目非:ストーリーCPU、プレイヤー(コスト2) 神具「洩矢の鉄の輪」
33%
洩矢諏訪子 風:Exボス10枚目 祟符「ミシャグジさま」
33%
パチュリー・ノーレッジ 緋、非:プレイヤー専用(コスト3) 月木符「サテライトヒマワリ」
33%
鈴仙・優曇華院・イナバ 緋、非:プレイヤー専用(コスト3) 幻爆「近眼花火(マインドスターマイン)」
33%
水橋パルスィ 地:2面道中1枚目(Easy/Normal) 妬符「グリーンアイドモンスター」
33%
水橋パルスィ 地:2面ボス3枚目(Easy/Normal) 恨符「丑の刻参り」
33%
古明地さとり 地:4面ボス4枚目(霊夢A) 想起「波と粒の境界」
33%
古明地さとり 地:4面ボス4枚目(魔理沙B) 想起「賢者の石」
33%
古明地さとり 地:4面ボス4枚目(魔理沙C) 想起「光り輝く水底のトラウマ」
33%
霊烏路空 地:6面ボス4枚目(Hard/Lunatic) 「ヘルズトカマク」
33%
東風谷早苗 地:Ex道中3枚目 神徳「五穀豊穣ライスシャワー」
33%
古明地こいし 地:Exボス1枚目 表象「夢枕にご先祖総立ち」
33%
古明地こいし 地:Exボス3枚目 心、深、憑:プレイヤー専用 本能「イドの解放」
33%
古明地こいし 地:Exボス4枚目心、深、憑:プレイヤー専用 抑制「スーパーエゴ」
33%
古明地こいし 地:Exボス10枚目 「サブタレイニアンローズ」
33%
古明地こいし ダ:LEVEL 9 SCENE-6 「胎児の夢」
33%
霧雨魔理沙 大:Exボス5枚目 恋符「マスタースパークのような懐中電灯」
33%
鬼人正邪 輝:5面道中1枚目 欺符「逆針撃」
33%
少名針妙丸 輝:6面ボス1枚目(Hard/Lunatic) 小弾「小人の茨道」
33%
少名針妙丸 輝:6面ボス4枚目 小槌「お前が大きくなあれ」
33%
少名針妙丸 輝:6面ボス5枚目(Easy/Normal) 「進撃の小人」
33%
上白沢慧音 弾:三日目 3-3 「20XX年 死後の旅」
33%
十六夜咲夜 弾:七日目 7-6 時符「チェンジリングマジック」
33%
少名針妙丸 弾:八日目 8-4 「小人の地獄」
33%
豊聡耳神子 弾:最終日 10-7 「十七条の憲法爆弾」
33%
清蘭 紺:1面ボス1枚目(Lunatic) 弾符「鷹は撃ち抜いた」
33%
ドレミー・スイート 紺:3面ボス2枚目(Easy/Normal) 夢符「刈安色の迷夢」
33%
クラウンピース 紺:5面ボス5枚目(Easy/Normal) 「フェイクアポロ」
33%
クラウンピース 紺:5面ボス5枚目(Hard/Lunatic) 「アポロ捏造説」
33%
純狐 紺:6面ボス2枚目 「殺意の百合」
33%
純狐 紺:6面ボス4枚目 「震え凍える星」
33%
純狐 紺:6面ボス5枚目 「純粋なる狂気」
33%
純狐 紺:6面ボス7枚目(Easy/Normal) 純符「ピュアリーバレットヘル」
33%
ドレミー・スイート 紺:Ex道中2枚目 超特急「ドリームエクスプレス」
33%
ヘカーティア&純狐 紺:Exボス10枚目 「最初で最後の無名の弾幕」
33%
爾子田里乃 天:5面ボス2枚目(里乃に最多ダメージ) 冥加「ビハインドユー」
33%
摩多羅隠岐奈 天:Exボス2枚目 秘儀「裏切りの後方射撃」
33%
摩多羅隠岐奈 天:Exボス10枚目 「アナーキーバレットヘル」
33%
磐永阿梨夜 錦:6面ボス2枚目(Hard/Lunatic) 死符「恒久の冬」
33%
上白沢慧音 永:3面ボス2枚目(Lunatic) 野符「GHQクライシス」
33%
霧雨魔理沙 紅:ボム(魔理沙A)妖:ボム(魔理沙A高速時) 永:4面B道中2枚目(Easy/Normal) 萃:プレイヤー専用(壱符) 花:カードアタック(チャージ3) 緋、非:プレイヤー専用(コスト2) 魔符「スターダストレヴァリエ」
17%
チルノ 紅:2面ボス1枚目(Hard/Lunatic) 雹符「ヘイルストーム」
17%
チルノ 紅:2面ボス3枚目(Normal/Hard/Lunatic)文:LEVEL 2 SCENE-3 雪符「ダイアモンドブリザード」
17%
紅美鈴 紅:3面ボス1枚目 虹符「彩虹の風鈴」
17%
紅美鈴 紅:3面ボス2枚目(Easy/Normal) 彩符「彩雨」
17%
紅美鈴 紅:3面ボス3枚目(Hard/Lunatic) 彩符「彩光乱舞」
17%
紅美鈴 紅:3面ボス3枚目(Normal)、4枚目(Hard/Lunatic) 彩符「極彩颱風」
17%
パチュリー・ノーレッジ 紅:4面ボス1枚目(Easy/Normal (霊夢A)) 火符「アグニシャイン」
17%
パチュリー・ノーレッジ 紅:4面ボス1枚目(Easy/Normal (霊夢B)) 非:ストーリーCPU専用 水符「プリンセスウンディネ」
17%
パチュリー・ノーレッジ 紅:4面ボス1枚目(Easy/Normal (魔理沙A)) 木符「シルフィホルン」
17%
パチュリー・ノーレッジ 紅:4面ボス1枚目(Easy/Normal (魔理沙B)) 土符「レイジィトリリトン」
17%
パチュリー・ノーレッジ 紅:4面ボス2枚目(Normal (魔理沙B)) 金符「メタルファティーグ」
17%
パチュリー・ノーレッジ 紅:4面ボス2枚目(Normal (霊夢B))   4面ボス1枚目(Hard/Lunatic (魔理沙A)) 木符「シルフィホルン上級」
17%
パチュリー・ノーレッジ 紅:4面ボス2枚目(Hard/Lunatic (霊夢A)) 土符「トリリトンシェイク」
17%
パチュリー・ノーレッジ 紅:4面ボス2枚目(Hard/Lunatic (魔理沙B)) 金符「シルバードラゴン」
17%
パチュリー・ノーレッジ 紅:4面ボス2枚目(Easy (霊夢A))  4面ボス3枚目(Normal/Hard/Lunatic (霊夢A))   4面ボス5枚目(Hard/Lunatic (魔理沙B)) 火&土符「ラーヴァクロムレク」
17%
パチュリー・ノーレッジ 紅:4面ボス2枚目(Easy (魔理沙A))  4面ボス3枚目(Normal/Hard/Lunatic (魔理沙A))   4面ボス5枚目(Hard/Lunatic (霊夢A)) 木&火符「フォレストブレイズ」
17%
パチュリー・ノーレッジ 紅:4面ボス4枚目(Normal/Hard/Lunatic (霊夢A、霊夢B))  4面ボス5枚目(Hard/Lunatic (魔理沙B)) 金&水符「マーキュリポイズン」
17%
十六夜咲夜 紅:5面ボス1枚目(Hard/Lunatic) 幻象「ルナクロック」
17%
レミリア・スカーレット 紅:6面ボス1枚目(Normal) 天罰「スターオブダビデ」
17%
レミリア・スカーレット 紅:6面ボス3枚目(Normal) 呪詛「ブラド・ツェペシュの呪い」
17%
レミリア・スカーレット 紅:6面ボス4枚目(Normal) 紅符「スカーレットシュート」
17%
レミリア・スカーレット 紅:6面ボス5枚目(Normal) 萃:ストーリーCPU専用 「レッドマジック」
17%
レミリア・スカーレット 紅:6面ボス1枚目(Hard/Lunatic) 神罰「幼きデーモンロード」
17%
レミリア・スカーレット 紅:6面ボス2枚目(Hard/Lunatic) 獄符「千本の針の山」
17%
レミリア・スカーレット 紅:6面ボス3枚目(Hard/Lunatic) 神術「吸血鬼幻想」
17%
フランドール・スカーレット 紅:Exボス1枚目 禁忌「クランベリートラップ」
17%
フランドール・スカーレット 紅:Exボス3枚目 禁忌「フォーオブアカインド」
17%
フランドール・スカーレット 紅:Exボス8枚目 禁弾「過去を刻む時計」
17%
博麗霊夢 妖:ボム(霊夢B低速時) 永:4面中Aボス1枚目(Easy/Normal) 夢符「二重結界」
17%
霧雨魔理沙 妖:ボム(魔理沙A低速時) 永:4面中B道中1枚目(Easy/Normal) 魔符「ミルキーウェイ」
17%
霧雨魔理沙 妖:ボム(魔理沙B高速時) 永:4面中Bボス1枚目(Easy/Normal) 恋符「ノンディレクショナルレーザー」
17%
レティ・ホワイトロック 妖:1面ボス1枚目 寒符「リンガリングコールド」
17%
レティ・ホワイトロック 妖:1面ボス2枚目(Easy/Normal) 冬符「フラワーウィザラウェイ」
17%
妖:2面道中1枚目(Easy/Normal) 仙符「鳳凰卵」
17%
妖:2面ボス1枚目(Easy/Normal) 式符「飛翔晴明」
17%
アリス・マーガトロイド 妖:3面道中1枚目(Hard/Lunatic) 操符「乙女文楽」
17%
アリス・マーガトロイド 妖:3面ボス1枚目(Easy/Normal/Hard) 蒼符「博愛の仏蘭西人形」
17%
アリス・マーガトロイド 妖:3面ボス3枚目(Hard) 廻符「輪廻の西蔵人形」
17%
アリス・マーガトロイド 妖:3面ボス3枚目(Lunatic) 雅符「春の京人形」
17%
プリズムリバー三姉妹 妖:4面ボス1枚目(Hard/Lunatic) 騒符「ライブポルターガイスト」
17%
メルラン・プリズムリバー 妖:4面ボス2枚目(Easy/Normal (メルランに最多ダメージ)) 管霊「ヒノファンタズム」
17%
リリカ・プリズムリバー 妖:4面ボス2枚目(Hard/Lunatic (リリカに最多ダメージ)) 鍵霊「ベーゼンドルファー神奏」
17%
プリズムリバー三姉妹 妖:4面ボス4枚目(Easy/Normal) 大合葬「霊車コンチェルトグロッソ」
17%
西行寺幽々子 妖:6面ボス3枚目(Normal) 華霊「スワローテイルバタフライ」
17%
西行寺幽々子 妖:6面ボス4枚目(Easy) 幽曲「リポジトリ・オブ・ヒロカワ -偽霊-」
17%
西行寺幽々子 妖:6面ボス4枚目(Normal) 幽曲「リポジトリ・オブ・ヒロカワ -亡霊-」
17%
西行寺幽々子 妖:6面ボス4枚目(Hard) 幽曲「リポジトリ・オブ・ヒロカワ -幻霊-」
17%
西行寺幽々子 妖:6面ボス4枚目(Lunatic) 幽曲「リポジトリ・オブ・ヒロカワ -神霊-」
17%
西行寺幽々子 妖:6面ボス5枚目(Easy) 桜符「完全なる墨染の桜 -封印-」
17%
西行寺幽々子 妖:6面ボス5枚目(Normal) 桜符「完全なる墨染の桜 -亡我-」
17%
西行寺幽々子 妖:6面ボス5枚目(Hard) 桜符「完全なる墨染の桜 -春眠-」
17%
西行寺幽々子 妖:6面ボス5枚目(Lunatic) 桜符「完全なる墨染の桜 -開花-」
17%
八雲藍 妖:Exボス4枚目 式輝「四面楚歌チャーミング」
17%
八雲藍 妖:Exボス6枚目 式弾「アルティメットブディスト」
17%
八雲藍 妖:Exボス9枚目 「狐狗狸さんの契約」
17%
八雲藍 妖:Ph道中2枚目 式神「憑依荼吉尼天」
17%
八雲紫 妖:Phボス4枚目 罔両「ストレートとカーブの夢郷」
17%
博麗霊夢 永:ボム(ラストスペル)
  4面Aボスラストスペル(Normal/Hard/Lunatic)
非:ストーリーCPU専用
神霊「夢想封印 瞬」
17%
八雲紫 永:ボム
萃:プレイヤー専用(壱符)
緋、非:プレイヤー専用(コスト3)
境符「四重結界」
17%
十六夜咲夜 永:ボム(ラストスペル)
萃:プレイヤー専用(弐符)
緋、非:プレイヤー専用(コスト4)
幻葬「夜霧の幻影殺人鬼」
17%
魂魄妖夢 永:ボム(ラストスペル)
萃:プレイヤー専用(弐符)
緋、非:プレイヤー専用(コスト5)
人鬼「未来永劫斬」
17%
西行寺幽々子 永:ボム
萃:プレイヤー専用(壱符)
緋、非:プレイヤー専用(コスト2)
死符「ギャストリドリーム」
17%
リグル・ナイトバグ 永:1面道中1枚目(Lunatic) 蛍符「地上の彗星」
17%
リグル・ナイトバグ 永:1面ボスラストスペル(Normal/Hard/Lunatic) 隠蟲「永夜蟄居」
17%
ミスティア・ローレライ 永:2面ボス1枚目(Easy/Normal) 蛾符「天蛾の蠱道」
17%
ミスティア・ローレライ 永:2面ボス3枚目 夜盲「夜雀の歌」
17%
ミスティア・ローレライ 永:2面ボスラストスペル(Normal/Hard/Lunatic) 夜雀「真夜中のコーラスマスター」
17%
上白沢慧音 永:3面ボス2枚目(Normal) 野符「将門クライシス」
17%
上白沢慧音 永:3面ボス3枚目(Easy)  :3面ボス4枚目(Normal) 終符「幻想天皇」
17%
博麗霊夢 永:4面Aボス1枚目(Lunatic)心、深、憑:プレイヤー専用 神技「八方龍殺陣」
17%
霧雨魔理沙 永:4面Bボス3枚目(Easy/Normal) 非:プレイヤー専用(コスト3) 光符「アースライトレイ」
17%
鈴仙・優曇華院・イナバ 永:5面ボス3枚目(Hard/Lunatic) 懶惰「生神停止(マインドストッパー)」
17%
鈴仙・優曇華院・イナバ 永:5面ボスラストスペル(Normal/Hard/Lunatic) 月眼「月兎遠隔催眠術(テレメスメリズム)」
17%
八意永琳 永:6面Aボス3枚目(Easy/Normal) 操神「オモイカネディバイス」
17%
八意永琳 永:6面Aボス3枚目(Hard/Lunatic) 神脳「オモイカネブレイン」
17%
八意永琳 永:6面Aボス5枚目 秘術「天文密葬法」
17%
八意永琳 永:6面B道中1枚目 薬符「壺中の大銀河」
17%
蓬莱山輝夜 永:6面Bボス2枚目(Hard/Lunatic) 神宝「ブディストダイアモンド」
17%
蓬莱山輝夜 永:6面Bボス3枚目(Easy/Normal) 難題「火鼠の皮衣 -焦れぬ心-」
17%
蓬莱山輝夜 永:6面Bボスラストスペル2枚目(Easy) 「永夜返し -子の刻-」
17%
蓬莱山輝夜 永:6面Bボスラストスペル2枚目(Normal) 「永夜返し -子の二つ-」
17%
蓬莱山輝夜 永:6面Bボスラストスペル3枚目(Easy) 「永夜返し -丑の刻-」
17%
蓬莱山輝夜 永:6面Bボスラストスペル4枚目(Easy) 「永夜返し -寅の刻-」
17%
蓬莱山輝夜 永:6面Bボスラストスペル5枚目(Lunatic) 「永夜返し -世明け-」
17%
藤原妹紅 永:Exボス3枚目 藤原「滅罪寺院傷」
17%
藤原妹紅 永:Exボス7枚目 不滅「フェニックスの尾」
17%
藤原妹紅 永:Exボス8枚目 蓬莱「凱風快晴 -フジヤマヴォルケイノ-」
17%
藤原妹紅 永:Exボス10枚目 「蓬莱人形」
17%
リグル・ナイトバグ 永:ラストワード 「季節外れのバタフライストーム」
17%
八意永琳 永:ラストワード 「天網蜘網捕蝶の法」
17%
蓬莱山輝夜 永:ラストワード 「蓬莱の樹海」
17%
因幡てゐ 永:ラストワード 「エンシェントデューパー」
17%
魂魄妖夢 永:ラストワード 「待宵反射衛星斬」
17%
アリス・マーガトロイド 永:ラストワード 「グランギニョル座の怪人」
17%
レミリア・スカーレット 永:ラストワード 「スカーレットディスティニー」
17%
西行寺幽々子 永:ラストワード 「西行寺無余涅槃」
17%
霧雨魔理沙 萃:プレイヤー専用(壱符) 緋、非:プレイヤー専用(コスト2) 儀符「オーレリーズサン」
17%
十六夜咲夜 萃:プレイヤー専用(弐符) 緋、非:プレイヤー専用(コスト4) 傷魂「ソウルスカルプチュア」
17%
アリス・マーガトロイド 萃:プレイヤー専用(壱符) 緋、非:プレイヤー専用(コスト2) 咒符「上海人形」
17%
魂魄妖夢 萃:プレイヤー専用(壱符)緋、非:プレイヤー専用(コスト2) 断命剣「冥想斬」
17%
八雲紫 萃:プレイヤー専用(弐符) 式神「八雲藍+」
17%
八雲紫 萃:ストーリーCPU専用 符の壱「四重結界」
17%
伊吹萃香 萃:ストーリーCPU専用文:LEVEL EX SCENE-8 「百万鬼夜行」
17%
霧雨魔理沙 花:カードアタック(チャージ2) 魔符「スターダスト」
17%
霧雨魔理沙 花:ボスアタック 魔符「イリュージョンスター」
17%
鈴仙・優曇華院・イナバ 花:ボスアタック 散符「栄華之夢(ルナメガロポリス)」
17%
リリカ・プリズムリバー 花:ボスアタック 騒符「リリカ・ソロライブ」
17%
ルナサ・プリズムリバー 花:ボスアタック 騒符「ルナサ・ソロライブ」
17%
メディスン・メランコリー 花:カードアタック(チャージ2、3) 毒符「神経の毒」
17%
風見幽香 花:ボスアタック 幻想「花鳥風月、嘯風弄月」
17%
ルーミア 文:LEVEL 1 SCENE-6 夜符「ミッドナイトバード」
17%
チルノ 文:LEVEL 2 SCENE-5非:ストーリーCPU専用 凍符「マイナスK」
17%
メディスン・メランコリー 文:LEVEL 4 SCENE-5 毒符「ポイズンブレス」
17%
メディスン・メランコリー 文:LEVEL 4 SCENE-7 譫妄「イントゥデリリウム」
17%
紅美鈴 文:LEVEL 5 SCENE-3非:プレイヤー専用(コスト5) 華符「彩光蓮華掌」
17%
パチュリー・ノーレッジ 文:LEVEL 5 SCENE-8 日&月符「ロイヤルダイアモンドリング」
17%
八雲藍 文:LEVEL 8 SCENE-7 超人「飛翔役小角」
17%
四季映姫・ヤマザナドゥ 文:LEVEL 10 SCENE-4 審判「十王裁判」
17%
秋穣子 風:1面ボス1枚目(Easy/Normal) 秋符「オータムスカイ」
17%
秋穣子 風:1面ボス2枚目(Hard/Lunatic) 豊作「穀物神の約束」
17%
鍵山雛 風:2面道中1枚目(Hard/Lunatic) 厄符「厄神様のバイオリズム」
17%
鍵山雛 風:2面ボス2枚目(Hard/Lunatic) 悲運「大鐘婆の火」
17%
鍵山雛 風:2面ボス3枚目(Easy/Normal) 創符「ペインフロー」
17%
鍵山雛 風:2面ボス3枚目(Hard/Lunatic) 創符「流刑人形」
17%
河城にとり 風:3面ボス1枚目(Easy/Normal) 洪水「ウーズフラッディング」
17%
河城にとり 風:3面ボス2枚目(Lunatic) 水符「河童の幻想大瀑布」
17%
河城にとり 風:3面ボス3枚目(Hard) 河童「のびーるアーム」
17%
河城にとり 風:3面ボス3枚目(Lunatic) 河童「スピン・ザ・セファリックプレート」
17%
射命丸文 風:4面ボス2枚目(Easy/Normal) 風神「風神木の葉隠れ」
17%
射命丸文 風:4面ボス2枚目(Hard) 風神「天狗颪」
17%
射命丸文 風:4面ボス4枚目(Hard) 塞符「天孫降臨」
17%
東風谷早苗 風:5面道中1枚目(Easy/Normal) 非:プレイヤー専用(コスト2) 神:ボム 秘術「グレイソーマタージ」
17%
東風谷早苗 風:5面道中1枚目(Hard)非:プレイヤー専用(コスト4) 秘術「忘却の祭儀」
17%
東風谷早苗 風:5面ボス1枚目(Easy/Normal)非:プレイヤー専用(コスト3) 奇跡「白昼の客星」
17%
東風谷早苗 風:5面ボス2枚目(Easy/Normal)非:プレイヤー専用(コスト3) 開海「海が割れる日」
17%
東風谷早苗 風:5面ボス2枚目(Hard/Lunatic)非:プレイヤー専用(コスト5) 開海「モーゼの奇跡」
17%
東風谷早苗 風:5面ボス4枚目(Hard/Lunatic) 大奇跡「八坂の神風」
17%
八坂神奈子 風:6面ボス3枚目(Easy/Normal) 贄符「御射山御狩神事」
17%
八坂神奈子 風:6面ボス3枚目(Lunatic) 神秘「ヤマトトーラス」
17%
八坂神奈子 風:6面ボス4枚目(Easy/Normal) 天流「お天水の奇跡」
17%
洩矢諏訪子 風:Exボス1枚目 非:プレイヤー専用(コスト3) 開宴「二拝二拍一拝」
17%
洩矢諏訪子 風:Exボス5枚目非:プレイヤー専用(コスト4) 蛙狩「蛙は口ゆえ蛇に呑まるる」
17%
洩矢諏訪子 風:Exボス6枚目 土着神「七つの石と七つの木」
17%
霧雨魔理沙 緋:ストーリーCPU、プレイヤー(コスト5) 非:プレイヤー専用(コスト5) 邪恋「実りやすいマスタースパーク」
17%
パチュリー・ノーレッジ 緋:ストーリーCPU専用 火符「アキバサマー」
17%
八雲紫 緋、非:プレイヤー専用(コスト5) 廃線「ぶらり廃駅下車の旅」
17%
鈴仙・優曇華院・イナバ 緋、非:プレイヤー専用(コスト3) 喪心「喪心創痍(ディスカーダー)」
17%
比那名居天子 緋、非:プレイヤー専用(コスト2) 地符「不譲土壌の剣」
17%
比那名居天子 緋、非:プレイヤー専用(コスト5) 地震「先憂後楽の剣」
17%
比那名居天子 緋、非:プレイヤー専用(コスト4) 気符「無念無想の境地」
17%
黒谷ヤマメ 地:1面ボス1枚目(Easy/Normal) 罠符「キャプチャーウェブ」
17%
水橋パルスィ 地:2面ボス3枚目(Hard/Lunatic) 恨符「丑の刻参り七日目」
17%
星熊勇儀 地:3面道中1枚目 鬼符「怪力乱神」
17%
星熊勇儀 地:3面ボス2枚目(Easy/Normal) 力業「大江山嵐」
17%
古明地さとり 地:4面ボス3枚目(霊夢B) 想起「百万鬼夜行」
17%
古明地さとり 地:4面ボス2枚目(霊夢C) 想起「風神木の葉隠れ」
17%
古明地さとり 地:4面ボス2枚目(魔理沙A) 想起「春の京人形」
17%
古明地さとり 地:4面ボス2枚目(魔理沙B) 想起「マーキュリポイズン」
17%
古明地さとり 地:4面ボス3枚目(魔理沙B) 想起「プリンセスウンディネ」
17%
古明地さとり 地:4面ボス2枚目(魔理沙C) 想起「のびーるアーム」
17%
火焔猫燐 地:5面道中1枚目(Easy/Normal) 猫符「キャッツウォーク」
17%
火焔猫燐 地:5面ボス1枚目(Easy/Normal) 呪精「ゾンビフェアリー」
17%
霊烏路空 地:6面ボス2枚目(Normal)非:プレイヤー専用(コスト3) 爆符「メガフレア」
17%
霊烏路空 地:6面ボス2枚目(Hard)非:プレイヤー専用(コスト5) 爆符「ギガフレア」
17%
霊烏路空 地:6面ボス2枚目(Lunatic) 爆符「ペタフレア」
17%
霊烏路空 地:6面ボス3枚目(Lunatic)非:プレイヤー専用(コスト4) 焔星「十凶星」
17%
霊烏路空 地:6面ボス5枚目(Easy/Normal)非:プレイヤー専用(コスト1~5) 「地獄の人工太陽」
17%
古明地こいし 地:Exボス5枚目 反応「妖怪ポリグラフ」
17%
古明地こいし 地:Exボス6枚目 無意識「弾幕のロールシャッハ」
17%
古明地こいし 地:Exボス9枚目 「嫌われ者のフィロソフィ」
17%
ナズーリン 星:1面ボス2枚目(Easy/Normal) 視符「ナズーリンペンデュラム」
17%
多々良小傘 星:2面ボス2枚目(Easy/Normal) 雨符「雨夜の怪談」
17%
村紗水蜜 星:4面ボス1枚目(Hard) 転覆「沈没アンカー」
17%
ナズーリン 星:5面道中1枚目 宝塔「グレイテストトレジャー」
17%
聖白蓮 星:6面ボス5枚目(Lunatic) 深:エキストラストーリーCPU専用 超人「聖白蓮」
17%
封獣ぬえ 星:Exボス5枚目 鵺符「弾幕キメラ」
17%
封獣ぬえ 星:Exボス9枚目 「平安京の悪夢」
17%
封獣ぬえ 星:Exボス10枚目 恨弓「源三位頼政の弓」
17%
十六夜咲夜 非:プレイヤー専用(コスト3) 時計「ルナダイアル」
17%
パチュリー・ノーレッジ 非:プレイヤー専用(コスト5) 日月符「ロイヤルダイアモンドリング」
17%
レミリア・スカーレット 非:プレイヤー専用(コスト4) 悪魔「レミリアストレッチ」
17%
秋穣子 ダ:LEVEL 1 SCENE-6 焼芋「スイートポテトルーム」
17%
黒谷ヤマメ ダ:LEVEL 3 SCENE-4 細綱「カンダタロープ」
17%
ナズーリン ダ:LEVEL 7 SCENE-6 財宝「ゴールドラッシュ」
17%
八坂神奈子 ダ:LEVEL 11 SCENE-5 御柱「メテオリックオンバシラ」
17%
八坂神奈子 ダ:LEVEL 11 SCENE-7 儚道「御神渡りクロス」
17%
封獣ぬえ ダ:LEVEL 12 SCENE-6 正体不明「厠の花子さん」
17%
ルナチャイルド 大:1面ボス1枚目(A-1) 月符「ルナティックレイン」
17%
サニーミルク 大:2面ボス2枚目(A2-2) 光精「ダイアモンドリング」
17%
霧雨魔理沙 大:Exボス10枚目 「妖精尽滅光」
17%
宮古芳香 神:3面ボス2枚目(Easy/Normal) 毒爪「ポイズンレイズ」
17%
豊聡耳神子 神:6面ボス3枚目 召喚「豪族乱舞」
17%
豊聡耳神子 神:6面ボス5枚目(Easy/Normal) 光符「救世観音の光後光」
17%
豊聡耳神子 神:6面ボス5枚目(Hard/Lunatic) 光符「グセフラッシュ」
17%
二ッ岩マミゾウ 神:Exボス5枚目 伍番勝負「鳥獣戯画」
17%
二ッ岩マミゾウ 神:Exボス10枚目 狢符「満月のポンポコリン」
17%
霧雨魔理沙 心、深、憑:プレイヤー専用 星符「サテライトイリュージョン」
17%
物部布都 心:ラストワード 「大火の改新」
17%
古明地こいし 心、深、憑:プレイヤー専用 夢符「ご先祖様が見ているぞ」
17%
古明地こいし 心:ラストワード 「ブランブリーローズガーデン」
17%
二ッ岩マミゾウ 心:ストーリーCPU専用 変化「鳥獣戯画」
17%
秦こころ 心、深、憑:プレイヤー専用 怒面「怒れる忌狼の面」
17%
秦こころ 心:ストーリーCPU専用 怒符「怒れる忌狼の面」
17%
博麗霊夢 輝:ボム(霊夢A) 妖器「無慈悲なお祓い棒」
17%
霧雨魔理沙 輝:ボム(魔理沙A) 妖器「ダークスパーク」
17%
わかさぎ姫 輝:1面ボス2枚目(Easy/Normal) 鱗符「スケールウェイブ」
17%
赤蛮奇 輝:2面ボス2枚目(Hard) 飛頭「セブンズヘッド」
17%
赤蛮奇 輝:2面ボス2枚目(Lunatic) 飛頭「ナインズヘッド」
17%
九十九弁々 輝:4面ボス3枚目(Hard (妖器使用時)) 楽符「凶悪な五線譜」
17%
九十九八橋 輝:4面ボス3枚目(Hard/Luantic (妖器非使用時)) 箏曲「下剋上レクイエム」
17%
少名針妙丸 輝:6面ボス2枚目(Hard/Lunatic) 小槌「もっと大きくなあれ」
17%
少名針妙丸 輝:6面ボス5枚目(Hard/Lunatic) 「ウォールオブイッスン」
17%
少名針妙丸 輝:6面ボス6枚目(Easy/Normal) 「ホップオマイサムセブン」
17%
九十九姉妹 輝:Ex道中2枚目 弦楽「浄瑠璃世界」
17%
堀川雷鼓 輝:Exボス1枚目 一鼓「暴れ宮太鼓」
17%
堀川雷鼓 輝:Exボス4枚目 死鼓「ランドパーカス」
17%
堀川雷鼓 輝:Exボス8枚目 八鼓「雷神の怒り」
17%
堀川雷鼓 輝:Exボス9枚目 「ブルーレディショー」
17%
チルノ 弾:一日目 1-5 氷王「フロストキング」
17%
赤蛮奇 弾:二日目 2-4 飛首「エクストリームロングネック」
17%
上白沢慧音 弾:三日目 3-6 大火「江戸のフラワー」
17%
西行寺幽々子 弾:四日目 4-3 蝶符「花蝶風月」
17%
九十九八橋 弾:五日目 5-6 琴符「天の詔琴」
17%
犬走椛 弾:六日目 6-5 牙符「咀嚼玩味」
17%
東風谷早苗 弾:七日目 7-4 蛇符「バインドスネークカモン」
17%
博麗霊夢 弾:八日目 8-2 神籤「反則結界」
17%
博麗霊夢 弾:八日目 8-5 「パスウェイジョンニードル」
17%
二ッ岩マミゾウ 弾:八日目 8-6 「にんげんって良いな」
17%
八坂神奈子 弾:九日目 9-1 御柱「ライジングオンバシラ」
17%
比那名居天子 弾:最終日 10-3 「全妖怪の緋想天」
17%
レミリア・スカーレット 弾:最終日 10-4 「フィットフルナイトメア」
17%
八雲紫 弾:最終日 10-5 「不可能弾幕結界」
17%
レミリア・スカーレット 弾:最終日 10-9 「きゅうけつ鬼ごっこ」
17%
博麗霊夢 弾G:シーンEx 1枚目 「反則結界」
17%
博麗霊夢 深、憑:怪ラストワード *あんな隙間に巫女がいるなんて!*
17%
清蘭 紺:1面ボス2枚目 銃符「ルナティックガン」
17%
鈴瑚 紺:2面ボス1枚目(Easy/Normal) 兎符「ストロベリーダンゴ」
17%
ドレミー・スイート 紺:3面ボス1枚目(Lunatic) 夢符「愁永遠の夢」
17%
ドレミー・スイート 紺:3面ボス2枚目(Hard/Lunatic) 夢符「刈安色の錯綜迷夢」
17%
ドレミー・スイート 紺:3面ボス3枚目(Easy/Normal) 夢符「ドリームキャッチャー」
17%
ドレミー・スイート 紺:3面ボス3枚目(Hard) 夢符「蒼色のドリームキャッチャー」
17%
クラウンピース 紺:5面ボス1枚目(Easy/Normal) 獄符「ヘルエクリプス」
17%
クラウンピース 紺:5面ボス1枚目(Hard/Lunatic) 獄符「地獄の蝕」
17%
クラウンピース 紺:5面ボス3枚目(Lunatic) 獄炎「かすりの獄意」
17%
クラウンピース 紺:5面ボス4枚目 地獄「ストライプドアビス」
17%
純狐 紺:6面ボス1枚目 「掌の純光」
17%
ドレミー・スイート 紺:Ex道中3枚目 這夢「クリーピングバレット」
17%
ヘカーティア・ラピスラズリ 紺:Exボス3枚目 月「アポロ反射鏡」
17%
ヘカーティア・ラピスラズリ 紺:Exボス6枚目 地球「地獄に降る雨」
17%
ヘカーティア・ラピスラズリ 紺:Exボス7枚目 月「ルナティックインパクト」
17%
博麗霊夢 天:ボム 霊符「夢想桜花封印」
17%
坂田ネムノ 天:2面ボス2枚目(Easy/Normal) 刃符「山姥の包丁研ぎ」
17%
坂田ネムノ 天:2面ボス2枚目(Hard/Lunatic) 刃符「山姥の鬼包丁研ぎ」
17%
高麗野あうん 天:3面ボス1枚目(Hard/Lunatic) 狗符「山狗の散歩」
17%
高麗野あうん 天:3面ボス3枚目 狗符「独り阿吽の呼吸」
17%
矢田寺成美 天:4面ボス2枚目(Easy/Normal) 魔符「バレットゴーレム」
17%
矢田寺成美 天:4面ボス2枚目(Hard/Lunatic) 魔符「ペットの巨大弾生命体」
17%
丁礼田舞 天:5面ボス1枚目(Easy/Normal (舞に最多ダメージ)) 竹符「バンブースピアダンス」
17%
丁礼田舞 天:5面ボス2枚目(舞に最多ダメージ) 笹符「タナバタスターフェスティバル」
17%
摩多羅隠岐奈 天:6面ボス2枚目(Easy/Normal) 裏夏「スコーチ・バイ・ホットサマー」
17%
摩多羅隠岐奈 天:6面ボス4枚目(Hard/Lunatic) 裏冬「異常降雪の雪だるま」
17%
摩多羅隠岐奈 天:6面ボス6枚目(春装備) 「裏・ブリージーチェリーブロッサム」
17%
摩多羅隠岐奈 天:6面ボス6枚目(夏装備) 「裏・パーフェクトサマーアイス」
17%
摩多羅隠岐奈 天:6面ボス6枚目(秋装備) 「裏・クレイジーフォールウィンド」
17%
摩多羅隠岐奈 天:6面ボス6枚目(冬装備) 「裏・エクストリームウィンター」
17%
舞&里乃 天:Ex道中3枚目 弾舞「二つ目の台風」
17%
摩多羅隠岐奈 天:Exボス1枚目 秘儀「リバースインヴォーカー」
17%
ドレミー・スイート 憑:プレイヤー専用 羊符「ナイトメア・オブ・キメラ」
17%
八雲紫 憑:プレイヤー専用 式神「八雲藍&橙」
17%
ヘカーティア・ラピスラズリ 秘:裏・木曜日 弾幕夢2 異界「恨みがましい地獄の雨」
17%
吉弔八千慧 鬼:4面ボス1枚目獣:ボスアタック 亀符「亀甲地獄」
17%
吉弔八千慧 鬼:4面ボス3枚目 獣:ストーリーCPUボスアタック 龍符「龍紋弾」
17%
杖刀偶磨弓 鬼:5面ボス1枚目(Easy/Normal) 埴輪「弓兵埴輪」
17%
杖刀偶磨弓 鬼:5面ボス2枚目(Easy/Normal) 埴輪「剣士埴輪」
17%
玉造魅須丸 虹:4面ボス2枚目(Hard/Lunatic) 女王珠「虹の扉の向こうに」
17%
天弓千亦 虹:6面ボス3枚目(Easy/Normal) 「バレットマーケット」
17%
天弓千亦 虹:6面ボス3枚目(Hard) 「密度の高いバレットマーケット」
17%
天弓千亦 虹:6面ボス5枚目(Easy/Normal) 「バレットドミニオン」
17%
天弓千亦 虹:6面ボス6枚目 「弾幕のアジール」
17%
姫虫百々世 虹:Exボス1枚目 蠱毒「カニバリスティックインセクト」
17%
姫虫百々世 虹:Exボス5枚目 採掘「マインブラスト」
17%
姫虫百々世 虹:Exボス7枚目 大蜈蚣「スネークイーター」
17%
姫虫百々世 虹:Exボス8枚目 大蜈蚣「ドラゴンイーター」
17%
饕餮尤魔 剛:ストーリーCPU専用 「強欲な獣神トウテツの夕餉」
17%
チルノ 闇:2nd Market 1枚目 「パーフェクトフリィィィズ!」
17%
博麗霊夢 獣:ボスアタック 霊符「蹂躙陰陽玉」
17%
東風谷早苗 獣:ボスアタック 風符「ウィンドライダー」
17%
東風谷早苗 獣:ボスアタック 風符「ウィンドマスター」
17%
八雲藍 獣:ボスアタック 式神「スティルハンター チェン」
17%
豫母都日狭美 獣:ボスアタック 執行者「脱獄ストーカー」
17%
日白残無 獣:ボスアタック 「純霊弾」
17%
塵塚ウバメ 錦:1面ボス3枚目 塵符「塵のすみか」
17%
道神馴子 錦:3面ボス1枚目(Hard/Lunatic) 謎符「ヘキサゴナルラビリンス」
17%
道神馴子 錦:3面ボス4枚目 金符「弾幕の金字塔」
17%
ユイマン・浅間 錦:4面ボス4枚目 虚構「ディスコミュニケーション」
17%
綿月豊姫 錦:5面ボス2枚目(Easy/Normal) 災禍「山津波」
17%
綿月豊姫 錦:5面ボス2枚目(Lunatic) 災禍「終わらない山津波」
17%
綿月豊姫 錦:5面ボス4枚目 「ムーンドラゴン」
17%
磐永阿梨夜 錦:6面ボス2枚目(Easy/Normal) 死符「永遠の冬」
17%
磐永阿梨夜 錦:6面ボス4枚目 「弾幕の化石」
17%
磐永阿梨夜 錦:6面ボス5枚目 地符「幻想のリリクウィー」
17%
磐永阿梨夜 錦:6面ボス6枚目 月符「錦の上のイマジナリー」
17%
磐永阿梨夜 錦:6面ボス7枚目(Easy/Normal) 「ストーンゴッデス」
17%
磐永阿梨夜 錦:6面ボス7枚目(Hard/Lunatic) 「不生不滅の石の女神」
17%
ユイマン・浅間 錦:Ex道中1枚目 鹿符「ディアジェノサイダー」
17%
ユイマン・浅間 錦:Ex道中2枚目 蛇姫「スネークランダー」
17%
ユイマン・浅間 錦:Ex道中3枚目 「ゾルタクスコミュニケーション」
17%
渡里ニナ 錦:Exボス1枚目 真実「テトラモノアイ」
17%
渡里ニナ 錦:Exボス2枚目 真実「オールドイルミナティ」
17%
渡里ニナ 錦:Exボス3枚目 真実「ケムトレイルクラウド」
17%
渡里ニナ 錦:Exボス4枚目 真実「レプティリアンインテリジェンス」
17%
渡里ニナ 錦:Exボス5枚目 真実「フラットアーサー」
17%
渡里ニナ 錦:Exボス6枚目 真実「アーティフィシャルディザスター」
17%
渡里ニナ 錦:Exボス7枚目 真実「ニューワールドオーダー」
17%
渡里ニナ 錦:Exボス8枚目 真実「タルタリアンラプソディ」
17%
渡里ニナ 錦:Exボス9枚目 「チョコレートリバー」
17%
渡里ニナ 錦:Exボス10枚目 「アンゴルモアの大王」
17%
上白沢慧音 永:3面ボス1枚目(Normal/Hard/Lunatic) 始符「エフェメラリティ137」
17%
古明地こいし ダ:LEVEL 9 SCENE-4 記憶「DNAの瑕」
17%
紅美鈴 紅:3面道中1枚目(Easy/Normal) 華符「芳華絢爛」
0%
紅美鈴 紅:3面ボス2枚目(Hard/Lunatic) 幻符「華想夢葛」
0%
パチュリー・ノーレッジ 紅:4面ボス2枚目(Normal (魔理沙A))   4面ボス1枚目(Hard/Lunatic (霊夢A)) 火符「アグニシャイン上級」
0%
パチュリー・ノーレッジ 紅:4面ボス2枚目(Normal (魔理沙B))   4面ボス1枚目(Hard/Lunatic (魔理沙B)) 土符「レイジィトリリトン上級」
0%
パチュリー・ノーレッジ 紅:4面ボス2枚目(Hard/Lunatic (魔理沙A)) 火符「アグニレイディアンス」
0%
パチュリー・ノーレッジ 紅:4面ボス1枚目(Hard/Lunatic (霊夢B)) 水符「ベリーインレイク」
0%
パチュリー・ノーレッジ 紅:4面ボス2枚目(Hard/Lunatic (霊夢B)) 木符「グリーンストーム」
0%
パチュリー・ノーレッジ 紅:4面ボス2枚目(Easy (霊夢B))  4面ボス3枚目(Normal/Hard/Lunatic (霊夢B))   4面ボス4枚目(Normal/Hard/Lunatic (魔理沙B)) 水&木符「ウォーターエルフ」
0%
十六夜咲夜 紅:5面ボス1枚目(Easy/Normal) 幻在「クロックコープス」
0%
十六夜咲夜 紅:5面ボス2枚目(Hard/Lunatic) 幻幽「ジャック・ザ・ルドビレ」
0%
レミリア・スカーレット 紅:6面ボス2枚目(Normal) 冥符「紅色の冥界」
0%
パチュリー・ノーレッジ 紅:Ex道中1枚目
萃:プレイヤー専用(弐符)
緋、非:プレイヤー専用(コスト4)
月符「サイレントセレナ」
0%
パチュリー・ノーレッジ 紅:Ex道中2枚目
萃:プレイヤー専用(弐符)
緋:プレイヤー専用(コスト5)
日符「ロイヤルフレア」
0%
十六夜咲夜 妖:ボム(咲夜A高速時) 幻符「インディスクリミネイト」
0%
十六夜咲夜 妖:ボム(咲夜B高速時) 時符「パーフェクトスクウェア」
0%
チルノ 妖:1面道中1枚目(Hard/Lunatic)(没) 凍符「フリーズアクトレス」
0%
レティ・ホワイトロック 妖:1面ボス2枚目(Hard) 白符「アンデュレイションレイ」
0%
レティ・ホワイトロック 妖:1面ボス2枚目(Lunatic) 怪符「テーブルターニング」
0%
妖:2面道中1枚目(Hard/Lunatic) 仙符「鳳凰展翅」
0%
妖:2面ボス1枚目(Hard) 陰陽「道満晴明」
0%
妖:2面ボス1枚目(Lunatic) 陰陽「晴明大紋」
0%
妖:2面ボス2枚目(Easy/Normal) 天符「天仙鳴動」
0%
妖:2面ボス2枚目(Hard) 翔符「飛翔韋駄天」
0%
妖:2面ボス2枚目(Lunatic) 童符「護法天童乱舞」
0%
妖:2面ボス3枚目(Easy/Normal) 仙符「屍解永遠」
0%
妖:2面ボス3枚目(Hard) 鬼符「鬼門金神」
0%
妖:2面ボス3枚目(Lunatic) 方符「奇門遁甲」
0%
アリス・マーガトロイド 妖:3面道中1枚目(Easy/Normal)(没) 操符「マリオネットパラル」
0%
アリス・マーガトロイド 妖:3面道中1枚目(Easy/Normal)(没) 操符「マニピュレイトパペット」
0%
アリス・マーガトロイド 妖:3面ボス1枚目(Lunatic) 蒼符「博愛のオルレアン人形」
0%
アリス・マーガトロイド 妖:3面ボス2枚目(Easy/Normal) 紅符「紅毛の和蘭人形」
0%
アリス・マーガトロイド 妖:3面ボス2枚目(Hard/Lunatic) 白符「白亜の露西亜人形」
0%
アリス・マーガトロイド 妖:3面ボス4枚目(Easy/Normal/Hard) 咒詛「魔彩光の上海人形」
0%
アリス・マーガトロイド 妖:3面ボス4枚目(Lunatic) 咒詛「首吊り蓬莱人形」
0%
プリズムリバー三姉妹 妖:4面ボス1枚目(Easy/Normal) 騒符「ファントムディニング」
0%
ルナサ・プリズムリバー 妖:4面ボス2枚目(Easy/Normal (ルナサに最多ダメージ)) 弦奏「グァルネリ・デル・ジェス」
0%
ルナサ・プリズムリバー 妖:4面ボス2枚目(Hard (ルナサに最多ダメージ)) 神弦「ストラディヴァリウス」
0%
ルナサ・プリズムリバー 妖:4面ボス2枚目(Lunatic (ルナサに最多ダメージ)) 偽弦「スードストラディヴァリウス」
0%
メルラン・プリズムリバー 妖:4面ボス2枚目(Hard/Lunatic (メルランに最多ダメージ)) 冥管「ゴーストクリフォード」
0%
リリカ・プリズムリバー 妖:4面ボス2枚目(Easy/Normal (リリカに最多ダメージ)) 冥鍵「ファツィオーリ冥奏」
0%
プリズムリバー三姉妹 妖:4面ボス3枚目(Easy/Normal) 合葬「プリズムコンチェルト」
0%
プリズムリバー三姉妹 妖:4面ボス3枚目(Hard/Lunatic) 騒葬「スティジャンリバーサイド」
0%
プリズムリバー三姉妹 妖:4面ボス4枚目(Hard) 大合葬「霊車コンチェルトグロッソ改」
0%
プリズムリバー三姉妹 妖:4面ボス4枚目(Lunatic) 大合葬「霊車コンチェルトグロッソ怪」
0%
魂魄妖夢 妖:5面道中1枚目(Easy/Normal) 幽鬼剣「妖童餓鬼の断食」
0%
魂魄妖夢 妖:5面道中1枚目(Hard) 餓鬼剣「餓鬼道草紙」
0%
魂魄妖夢 妖:5面道中1枚目(Lunatic) 餓王剣「餓鬼十王の報い」
0%
魂魄妖夢 妖:5面ボス1枚目(Easy/Normal) 獄界剣「二百由旬の一閃」
0%
魂魄妖夢 妖:5面ボス1枚目(Hard) 獄炎剣「業風閃影陣」
0%
魂魄妖夢 妖:5面ボス1枚目(Lunatic) 獄神剣「業風神閃斬」
0%
魂魄妖夢 妖:5面ボス2枚目(Easy/Normal) 畜趣剣「無為無策の冥罰」
0%
魂魄妖夢 妖:5面ボス2枚目(Hard/Lunatic) 修羅剣「現世妄執」
0%
魂魄妖夢 妖:5面ボス3枚目(Easy/Normal) 人界剣「悟入幻想」
0%
魂魄妖夢 妖:5面ボス3枚目(Hard) 人世剣「大悟顕晦」
0%
魂魄妖夢 妖:5面ボス3枚目(Lunatic) 人神剣「俗諦常住」
0%
魂魄妖夢 妖:5面ボス4枚目(Easy/Normal) 天上剣「天人の五衰」
0%
魂魄妖夢 妖:5面ボス4枚目(Hard) 天界剣「七魄忌諱」
0%
魂魄妖夢 妖:5面ボス4枚目(Lunatic) 天神剣「三魂七魄」
0%
魂魄妖夢 妖:6面道中1枚目 六道剣「一念無量劫」
0%
西行寺幽々子 妖:6面ボス1枚目(Easy) 亡郷「亡我郷 -さまよえる魂-」
0%
西行寺幽々子 妖:6面ボス1枚目(Normal) 亡郷「亡我郷 -宿罪-」
0%
西行寺幽々子 妖:6面ボス1枚目(Hard) 亡郷「亡我郷 -道無き道-」
0%
西行寺幽々子 妖:6面ボス1枚目(Lunatic) 亡郷「亡我郷 -自尽-」
0%
西行寺幽々子 妖:6面ボス2枚目(Easy) 亡舞「生者必滅の理 -眩惑-」
0%
西行寺幽々子 妖:6面ボス2枚目(Normal) 亡舞「生者必滅の理 -死蝶-」
0%
西行寺幽々子 妖:6面ボス2枚目(Hard) 亡舞「生者必滅の理 -毒蛾-」
0%
西行寺幽々子 妖:6面ボス2枚目(Lunatic) 亡舞「生者必滅の理 -魔境-」
0%
西行寺幽々子 妖:6面ボス3枚目(Easy) 華霊「ゴーストバタフライ」
0%
西行寺幽々子 妖:6面ボス3枚目(Hard) 華霊「ディープルーティドバタフライ」
0%
西行寺幽々子 妖:6面ボス3枚目(Lunatic) 華霊「バタフライディルージョン」
0%
八雲藍 妖:Exボス1枚目 式神「仙狐思念」
0%
八雲藍 妖:Exボス3枚目 式輝「狐狸妖怪レーザー」
0%
八雲藍 妖:Ph道中1枚目 式神「前鬼後鬼の守護」
0%
八雲紫 妖:Phボス1枚目 結界「夢と現の呪」
0%
八雲紫 妖:Phボス2枚目 結界「動と静の均衡」
0%
八雲紫 妖:Phボス3枚目 結界「光と闇の網目」
0%
八雲紫 妖:Phボス5枚目 罔両「八雲紫の神隠し」
0%
八雲紫 妖:Phボス6枚目 罔両「禅寺に棲む妖蝶」
0%
八雲紫 妖:Phボス7枚目 魍魎「二重黒死蝶」
0%
博麗霊夢 永:ボム 萃:プレイヤー専用(壱符) 緋、非:プレイヤー専用(コスト2) 霊符「夢想妙珠」
0%
八雲紫 永:ボス(ラストスペル) 境界「永夜四重結界」
0%
アリス・マーガトロイド 永:ボム
萃:プレイヤー専用(壱符)
緋、非:プレイヤー専用(コスト1)
魔符「アーティフルサクリファイス」
0%
アリス・マーガトロイド 永:ボム(ラストスペル)
萃:プレイヤー専用(弐符)
緋、非:プレイヤー専用(コスト3)
魔操「リターンイナニメトネス」
0%
レミリア・スカーレット 永:ボム(ラストスペル)
萃:プレイヤー専用(弐符)
緋、非:プレイヤー専用(コスト5)
紅魔「スカーレットデビル」
0%
魂魄妖夢 永:ボム
萃:プレイヤー専用(壱符)
緋、非:プレイヤー専用(コスト2)
人符「現世斬」
0%
西行寺幽々子 永:ボム(ラストスペル)
萃:プレイヤー専用(弐符)
緋、非:プレイヤー専用(コスト4)
死蝶「華胥の永眠」
0%
リグル・ナイトバグ 永:1面道中1枚目(Hard) 蛍符「地上の流星」
0%
リグル・ナイトバグ 永:1面ボス1枚目 灯符「ファイヤフライフェノメノン」
0%
リグル・ナイトバグ 永:1面ボス2枚目(Easy) 蠢符「リトルバグ」
0%
リグル・ナイトバグ 永:1面ボス2枚目(Normal) 蠢符「リトルバグストーム」
0%
リグル・ナイトバグ 永:1面ボス2枚目(Hard) 蠢符「ナイトバグストーム」
0%
リグル・ナイトバグ 永:1面ボス2枚目(Lunatic) 蠢符「ナイトバグトルネード」
0%
ミスティア・ローレライ 永:2面道中1枚目(Easy/Normal) 声符「梟の夜鳴声」
0%
ミスティア・ローレライ 永:2面道中1枚目(Hard/Lunatic) 声符「木菟咆哮」
0%
ミスティア・ローレライ 永:2面ボス1枚目(Hard) 毒符「毒蛾の鱗粉」
0%
ミスティア・ローレライ 永:2面ボス1枚目(Lunatic) 猛毒「毒蛾の暗闇演舞」
0%
ミスティア・ローレライ 永:2面ボス2枚目 鷹符「イルスタードダイブ」
0%
上白沢慧音 永:3面道中1枚目 産霊「ファーストピラミッド」
0%
上白沢慧音 永:3面ボス1枚目(Easy) 野符「武烈クライシス」
0%
上白沢慧音 永:3面ボス2枚目(Hard) 野符「義満クライシス」
0%
上白沢慧音 永:3面ボス3枚目(Lunatic) 国体「三種の神器 郷」
0%
上白沢慧音 永:3面ボス4枚目(Hard/Lunatic) 虚史「幻想郷伝説」
0%
博麗霊夢 永:4面A道中1枚目(Hard/Lunatic) 緋:ストーリーCPU専用 夢境「二重大結界」
0%
博麗霊夢 永:4面A道中2枚目(Hard/Lunatic) 散霊「夢想封印 寂」
0%
博麗霊夢 永:4面Aボス1枚目(Hard)萃:プレイヤー専用(弐符) 緋、非:プレイヤー専用(コスト4) 神技「八方鬼縛陣」
0%
博麗霊夢 永:4面Aボス2枚目(Hard/Lunatic) 回霊「夢想封印 侘」
0%
博麗霊夢 永:4面Aボス3枚目(Hard/Lunatic) 大結界「博麗弾幕結界」
0%
霧雨魔理沙 永:4面B道中1枚目(Hard/Lunatic) 魔空「アステロイドベルト」
0%
霧雨魔理沙 永:4面B道中2枚目(Hard/Lunatic) 黒魔「イベントホライズン」
0%
霧雨魔理沙 永:4面Bボス1枚目(Hard/Lunatic) 恋風「スターライトタイフーン」
0%
霧雨魔理沙 永:4面Bボス3枚目(Hard/Lunatic) 光撃「シュート・ザ・ムーン」
0%
鈴仙・優曇華院・イナバ 永:5面ボス1枚目(Easy/Normal) 波符「赤眼催眠(マインドシェイカー)」
0%
鈴仙・優曇華院・イナバ 永:5面ボス1枚目(Hard/Lunatic) 幻波「赤眼催眠(マインドブローイング)」
0%
鈴仙・優曇華院・イナバ 永:5面ボス2枚目(Easy/Normal) 狂符「幻視調律(ビジョナリチューニング)」
0%
鈴仙・優曇華院・イナバ 永:5面ボス2枚目(Hard/Lunatic) 狂視「狂視調律(イリュージョンシーカー)」
0%
八意永琳 永:6面Aボス1枚目(Easy/Normal) 覚神「神代の記憶」
0%
八意永琳 永:6面Aボス1枚目(Hard/Lunatic) 神符「天人の系譜」
0%
八意永琳 永:6面Aボス2枚目(Easy/Normal) 蘇活「生命遊戯 -ライフゲーム-」
0%
八意永琳 永:6面Aボス2枚目(Hard/Lunatic) 蘇生「ライジングゲーム」
0%
蓬莱山輝夜 永:6面Bボス1枚目(Easy/Normal) 難題「龍の頸の玉 -五色の弾丸-」
0%
蓬莱山輝夜 永:6面Bボス2枚目(Easy/Normal) 難題「仏の御石の鉢 -砕けぬ意思-」
0%
蓬莱山輝夜 永:6面Bボス4枚目(Easy/Normal) 難題「燕の子安貝 -永命線-」
0%
蓬莱山輝夜 永:6面Bボス4枚目(Hard/Lunatic) 神宝「ライフスプリングインフィニティ」
0%
蓬莱山輝夜 永:6面Bボス5枚目(Easy/Normal) 難題「蓬莱の弾の枝 -虹色の弾幕-」
0%
蓬莱山輝夜 永:6面Bボス5枚目(Hard/Lunatic) 神宝「蓬莱の玉の枝 -夢色の郷-」
0%
蓬莱山輝夜 永:6面Bボスラストスペル1枚目(Easy) 「永夜返し -初月-」
0%
蓬莱山輝夜 永:6面Bボスラストスペル1枚目(Normal) 「永夜返し -三日月-」
0%
蓬莱山輝夜 永:6面Bボスラストスペル1枚目(Hard) 「永夜返し -上つ弓張-」
0%
蓬莱山輝夜 永:6面Bボスラストスペル1枚目(Lunatic) 「永夜返し -待宵-」
0%
蓬莱山輝夜 永:6面Bボスラストスペル2枚目(Hard) 「永夜返し -子の三つ-」
0%
蓬莱山輝夜 永:6面Bボスラストスペル2枚目(Lunatic) 「永夜返し -子の四つ-」
0%
蓬莱山輝夜 永:6面Bボスラストスペル3枚目(Normal) 「永夜返し -丑の二つ-」
0%
蓬莱山輝夜 永:6面Bボスラストスペル3枚目(Hard) 「永夜返し -丑三つ時-」
0%
蓬莱山輝夜 永:6面Bボスラストスペル3枚目(Lunatic) 「永夜返し -丑の四つ-」
0%
蓬莱山輝夜 永:6面Bボスラストスペル4枚目(Normal) 「永夜返し -寅の二つ-」
0%
蓬莱山輝夜 永:6面Bボスラストスペル4枚目(Hard) 「永夜返し -寅の三つ-」
0%
蓬莱山輝夜 永:6面Bボスラストスペル4枚目(Lunatic) 「永夜返し -寅の四つ-」
0%
蓬莱山輝夜 永:6面Bボスラストスペル5枚目(Easy) 「永夜返し -朝靄-」
0%
蓬莱山輝夜 永:6面Bボスラストスペル5枚目(Hard) 「永夜返し -明けの明星-」
0%
上白沢慧音 永:Ex道中1枚目 旧史「旧秘境史 -オールドヒストリー-」
0%
上白沢慧音 永:Ex道中3枚目 新史「新幻想史 -ネクストヒストリー-」
0%
藤原妹紅 永:Exボス2枚目 不死「火の鳥 -鳳翼天翔-」
0%
藤原妹紅 永:Exボス4枚目 不死「徐福時空」
0%
ミスティア・ローレライ 永:ラストワード 「ブラインドナイトバード」
0%
上白沢慧音 永:ラストワード 「日出づる国の天子」
0%
藤原妹紅 永:ラストワード 「フェニックス再誕」
0%
上白沢慧音 永:ラストワード 「無何有浄化」
0%
八雲紫 永:ラストワード 「深弾幕結界 -夢幻泡影-」
0%
博麗霊夢 萃:プレイヤー専用(壱符) 緋、非:プレイヤー専用(コスト2) 宝符「陰陽宝玉」
0%
博麗霊夢 萃:プレイヤー専用(弐符) 緋、非:プレイヤー専用(コスト4) 宝具「陰陽鬼神玉」
0%
博麗霊夢 萃:ストーリーCPU専用 符の壱「夢想妙珠連」
0%
博麗霊夢 萃:ストーリーCPU専用 符の弐「陰陽散華」
0%
博麗霊夢 萃:ストーリーCPU専用 符の参「魔浄閃結」
0%
博麗霊夢 萃:ストーリーCPU専用 力符「陰陽玉将」
0%
博麗霊夢 萃:ストーリーCPU専用 夢戦「幻想之月」
0%
博麗霊夢 萃:ストーリーCPU専用 無題「空を飛ぶ不思議な巫女」
0%
霧雨魔理沙 萃:プレイヤー専用(弐符) ダ:LEVEL EX SCENE-5 天儀「オーレリーズソーラーシステム」
0%
霧雨魔理沙 萃:ストーリーCPU専用 符の壱「スターダストレヴァリエ」
0%
霧雨魔理沙 萃:ストーリーCPU専用 符の弐「アステロイドベルト」
0%
霧雨魔理沙 萃:ストーリーCPU専用 緋、非:プレイヤー専用(コスト5) 星符「ドラゴンメテオ」
0%
十六夜咲夜 萃:プレイヤー専用(弐符) 緋、非:プレイヤー専用(コスト5) 「咲夜の世界」
0%
十六夜咲夜 萃:プレイヤー専用(壱符) 緋、非:プレイヤー専用(コスト2) 傷符「インスクライブレッドソウル」
0%
十六夜咲夜 萃:ストーリーCPU専用 符の壱「連続殺人ドール」
0%
十六夜咲夜 萃:ストーリーCPU専用 符の弐「チェックメイド」
0%
十六夜咲夜 萃:ストーリーCPU専用 手品「クロースアップ殺人鬼」
0%
アリス・マーガトロイド 萃:プレイヤー専用(壱符) 緋、非:プレイヤー専用(コスト2) 戦符「リトルレギオン」
0%
アリス・マーガトロイド 萃:プレイヤー専用(弐符) 緋、非:プレイヤー専用(コスト4) 戦操「ドールズウォー」
0%
アリス・マーガトロイド 萃:ストーリーCPU専用 符の壱「アーティフルチャンター」
0%
アリス・マーガトロイド 萃:ストーリーCPU専用 符の弐「ドールクルセイダー」
0%
アリス・マーガトロイド 萃:ストーリーCPU専用 魔光「デヴィリーライトレイ」
0%
パチュリー・ノーレッジ 萃:プレイヤー専用(壱符) 緋、非:プレイヤー専用(コスト3) 火金符「セントエルモピラー」
0%
パチュリー・ノーレッジ 萃:プレイヤー専用(壱符) 緋、非:プレイヤー専用(コスト2) 土水符「ノエキアンデリュージュ」
0%
パチュリー・ノーレッジ 萃:プレイヤー専用(壱符) 緋、非:プレイヤー専用(コスト2) 金木符「エレメンタルハーベスター」
0%
パチュリー・ノーレッジ 萃:ストーリーCPU専用 符の壱「セントエルモエクスプロージョン」
0%
パチュリー・ノーレッジ 萃:ストーリーCPU専用 符の弐「デリュージュフォーティディ」
0%
パチュリー・ノーレッジ 萃:ストーリーCPU専用 金土符「ジンジャガスト」
0%
魂魄妖夢 萃:プレイヤー専用(弐符)緋、非:プレイヤー専用(コスト4) 断迷剣「迷津慈航斬」
0%
魂魄妖夢 萃:プレイヤー専用(壱符)緋、非:プレイヤー専用(コスト2) 魂符「幽明の苦輪」
0%
魂魄妖夢 萃:プレイヤー専用(弐符)緋、非:プレイヤー専用(コスト5) 魂魄「幽明求聞持聡明の法」
0%
魂魄妖夢 萃:ストーリーCPU専用 符の壱「二重の苦輪」
0%
魂魄妖夢 萃:ストーリーCPU専用 符の弐「心眼迷想斬」
0%
魂魄妖夢 萃:ストーリーCPU専用 符の参「業風神閃斬」
0%
魂魄妖夢 萃:ストーリーCPU専用 奥義「西行春風斬」
0%
レミリア・スカーレット 萃:プレイヤー専用(壱符) 緋、非:プレイヤー専用(コスト2) 必殺「ハートブレイク」
0%
レミリア・スカーレット 萃:プレイヤー専用(壱符) 緋、非:プレイヤー専用(コスト2) 夜符「デーモンキングクレイドル」
0%
レミリア・スカーレット 萃:プレイヤー専用(弐符) 緋、非:プレイヤー専用(コスト5) 夜王「ドラキュラクレイドル」
0%
レミリア・スカーレット 萃:ストーリーCPU専用 符の壱「バッドレディスクランブル」
0%
レミリア・スカーレット 萃:ストーリーCPU専用 符の弐「マイハートブレイク」
0%
レミリア・スカーレット 萃:ストーリーCPU専用 符の参「ヘルカタストロフィ」
0%
レミリア・スカーレット 萃:ストーリーCPU専用 夜符「クイーン・オブ・ミッドナイト」
0%
西行寺幽々子 萃:プレイヤー専用(壱符) 緋、非:プレイヤー専用(コスト1) 冥符「黄泉平坂行路」
0%
西行寺幽々子 萃:プレイヤー専用(弐符) 緋、非:プレイヤー専用(コスト5) 再迷「幻想郷の黄泉還り」
0%
西行寺幽々子 萃:プレイヤー専用(壱符) 緋、非:プレイヤー専用(コスト2) 霊符「无寿の夢」
0%
西行寺幽々子 萃:プレイヤー専用(弐符) 緋、非:プレイヤー専用(コスト4) 寿命「无寿国への約束手形」
0%
西行寺幽々子 萃:ストーリーCPU専用 符の壱「幽夢の胡蝶」
0%
西行寺幽々子 萃:ストーリーCPU専用 符の弐「白玉楼の垂れ彼岸」
0%
西行寺幽々子 萃:ストーリーCPU専用 符の参「果てしなく昔の死地」
0%
西行寺幽々子 萃:ストーリーCPU専用 桜花「未練未酌宴」
0%
西行寺幽々子 萃:ストーリーCPU専用 「紫(むらさき)の彼岸は遅れて輝く」
0%
八雲紫 萃:プレイヤー専用(弐符) 緋、非:プレイヤー専用(コスト4) 結界「魅力的な四重結界」
0%
八雲紫 萃:プレイヤー専用(壱符)緋、非:プレイヤー専用(コスト1) 境符「二次元と三次元の境界」
0%
八雲紫 萃:プレイヤー専用(弐符)緋、非:プレイヤー専用(コスト3) 結界「客観結界」
0%
八雲紫 萃:ストーリーCPU専用 符の弐「八雲卍傘」
0%
八雲紫 萃:ストーリーCPU専用 外力「無限の超高速飛行体」
0%
八雲紫 萃:ストーリーCPU専用 幻想「第一種永久機関」
0%
伊吹萃香 萃:プレイヤー専用(壱符) 緋、非:プレイヤー専用(コスト2) 萃符「戸隠山投げ」
0%
伊吹萃香 萃:プレイヤー専用(弐符) 緋、非:プレイヤー専用(コスト5) 萃鬼「天手力男投げ」
0%
伊吹萃香 萃:プレイヤー専用(壱符) 緋、非:プレイヤー専用(コスト2) 酔符「鬼縛りの術」
0%
伊吹萃香 萃:プレイヤー専用(弐符) 緋、非:プレイヤー専用(コスト4) 酔夢「施餓鬼縛りの術」
0%
伊吹萃香 萃:プレイヤー専用(壱符)緋、非:プレイヤー専用(コスト2) ダ:LEVEL6 SCENE-8 鬼符「ミッシングパワー」
0%
伊吹萃香 萃:プレイヤー専用(弐符)緋、非:プレイヤー専用(コスト4) 鬼神「ミッシングパープルパワー」
0%
伊吹萃香 萃:ストーリーCPU専用 符の壱「投擲の天岩戸」
0%
伊吹萃香 萃:ストーリーCPU専用 符の弐「坤軸の大鬼」
0%
伊吹萃香 萃:ストーリーCPU専用 符の参「追儺返しブラックホール」
0%
伊吹萃香 萃:ストーリーCPU専用緋、非:プレイヤー専用(コスト4) 鬼火「超高密度燐禍術」
0%
伊吹萃香 萃:ストーリーCPU専用 疎符「六里霧中」
0%
紅美鈴 萃:プレイヤー専用(壱符)非:プレイヤー専用(コスト2) 彩符「彩光風鈴」
0%
紅美鈴 萃:プレイヤー専用(弐符)緋、非:プレイヤー専用(コスト4) 極彩「彩光乱舞」
0%
紅美鈴 萃:プレイヤー専用(壱符) 光符「華光玉」
0%
紅美鈴 萃:プレイヤー専用(弐符) 極光「華厳明星」
0%
紅美鈴 萃:プレイヤー専用(壱符) 華符「破山砲」
0%
紅美鈴 萃:プレイヤー専用(弐符) 三華「崩山彩極砲」
0%
博麗霊夢 花:カードアタック(チャージ2) 霊符「陰陽印」
0%
博麗霊夢 花:ボスアタック 霊符「博麗幻影」
0%
十六夜咲夜 花:カードアタック(チャージ2、3) 時符「プライベートヴィジョン」
0%
十六夜咲夜 花:ボスアタック 時符「ミステリアスジャック」
0%
魂魄妖夢 花:カードアタック(チャージ2、3) 迷符「纏縛剣」
0%
魂魄妖夢 花:ボスアタック 迷符「半身大悟」
0%
鈴仙・優曇華院・イナバ 花:カードアタック(チャージ2、3) 波符「月面波紋(ルナウェーブ)」
0%
チルノ 花:ボスアタック 凍符「コールドディヴィニティー」
0%
リリカ・プリズムリバー 花:カードアタック(チャージ2、3) 騒符「ソウルノイズフロー」
0%
メルラン・プリズムリバー 花:カードアタック(チャージ2、3) 騒符「ソウルゴーハッピー」
0%
メルラン・プリズムリバー 花:ボスアタック 騒符「メルラン・ハッピーライブ」
0%
ルナサ・プリズムリバー 花:カードアタック(チャージ2、3) 騒符「ノイズメランコリー」
0%
ミスティア・ローレライ 花:カードアタック(チャージ2) 鳥符「ヒューマンケージ」
0%
ミスティア・ローレライ 花:カードアタック(チャージ3) 鳥符「ヒューマンケージダブル」
0%
ミスティア・ローレライ 花:ボスアタック 鳥符「ミステリアスソング」
0%
因幡てゐ 花:カードアタック(チャージ2、3) 兎符「開運大紋」
0%
因幡てゐ 花:ボスアタック 兎符「因幡の素兎」
0%
射命丸文 花:カードアタック(チャージ2、3) 風符「風神一扇」
0%
射命丸文 花:ボスアタック 疾風「風神少女」
0%
メディスン・メランコリー 花:ボスアタック 毒符「憂鬱の毒」
0%
小野塚小町 花:カードアタック(チャージ2、3) 投銭「宵越しの銭」
0%
小野塚小町 花:ボスアタック 死神「ヒガンルトゥール」
0%
四季映姫・ヤマザナドゥ 花:カードアタック(チャージ2、3) 罪符「彷徨える大罪」
0%
四季映姫・ヤマザナドゥ 花:ボスアタック 審判「ラストジャッジメント」
0%
リグル・ナイトバグ 文:LEVEL 1 SCENE-3 蛍符「地上の恒星」
0%
ルーミア 文:LEVEL 1 SCENE-4 闇符「ダークサイドオブザムーン」
0%
レティ・ホワイトロック 文:LEVEL 2 SCENE-4 寒符「コールドスナップ」
0%
レティ・ホワイトロック 文:LEVEL 2 SCENE-6 冬符「ノーザンウイナー」
0%
上白沢慧音 文:LEVEL 3 SCENE-2 光符「アマテラス」
0%
アリス・マーガトロイド 文:LEVEL 3 SCENE-3 操符「ドールズインシー」
0%
上白沢慧音 文:LEVEL 3 SCENE-4 包符「昭和の雨」
0%
アリス・マーガトロイド 文:LEVEL 3 SCENE-5 呪符「ストロードールカミカゼ」
0%
上白沢慧音 文:LEVEL 3 SCENE-6 葵符「水戸の光圀」
0%
アリス・マーガトロイド 文:LEVEL 3 SCENE-7 赤符「ドールミラセティ」
0%
上白沢慧音 文:LEVEL 3 SCENE-8 倭符「邪馬台の国」
0%
メディスン・メランコリー 文:LEVEL 4 SCENE-2 霧符「ガシングガーデン」
0%
因幡てゐ 文:LEVEL 4 SCENE-3 脱兎「フラスターエスケープ」
0%
鈴仙・優曇華院・イナバ 文:LEVEL 4 SCENE-4 散符「朧月花栞(ロケット・イン・ミスト)」
0%
鈴仙・優曇華院・イナバ 文:LEVEL 4 SCENE-6 波符「幻の月(インビジブルハーフムーン)」
0%
因幡てゐ 文:LEVEL 4 SCENE-8 借符「大穴牟遅様の薬」
0%
鈴仙・優曇華院・イナバ 文:LEVEL 4 SCENE-9 狂夢「風狂の夢(ドリームワールド)」
0%
パチュリー・ノーレッジ 文:LEVEL 5 SCENE-2 日&水符「ハイドロジェナスプロミネンス」
0%
パチュリー・ノーレッジ 文:LEVEL 5 SCENE-4 水&火符「フロギスティックレイン」
0%
紅美鈴 文:LEVEL 5 SCENE-5非:ストーリーCPU専用 彩翔「飛花落葉」
0%
紅美鈴 文:LEVEL 5 SCENE-7非:プレイヤー専用(コスト4) 彩華「虹色太極拳」
0%
魂魄妖夢 文:LEVEL 6 SCENE-2非:ストーリーCPU専用 人智剣「天女返し」
0%
文:LEVEL 6 SCENE-3 星符「飛び重ね鱗」
0%
魂魄妖夢 文:LEVEL 6 SCENE-4 妄執剣「修羅の血」
0%
文:LEVEL 6 SCENE-5 鬼神「鳴動持国天」
0%
魂魄妖夢 文:LEVEL 6 SCENE-6 天星剣「涅槃寂静の如し」
0%
魂魄妖夢 文:LEVEL 6 SCENE-8 四生剣「衆生無情の響き」
0%
レミリア・スカーレット 文:LEVEL 7 SCENE-2 魔符「全世界ナイトメア」
0%
十六夜咲夜 文:LEVEL 7 SCENE-3 時符「トンネルエフェクト」
0%
レミリア・スカーレット 文:LEVEL 7 SCENE-4 紅符「ブラッディマジックスクウェア」
0%
十六夜咲夜 文:LEVEL 7 SCENE-5 空虚「インフレーションスクウェア」
0%
レミリア・スカーレット 文:LEVEL 7 SCENE-6 紅蝙蝠「ヴァンピリッシュナイト」
0%
十六夜咲夜 文:LEVEL 7 SCENE-7 銀符「パーフェクトメイド」
0%
レミリア・スカーレット 文:LEVEL 7 SCENE-8 緋:ストーリーCPU専用 神鬼「レミリアストーカー」
0%
西行寺幽々子 文:LEVEL 8 SCENE-2緋、非:プレイヤー専用(コスト3) 幽雅「死出の誘蛾灯」
0%
八雲藍 文:LEVEL 8 SCENE-3 密符「御大師様の秘鍵」
0%
西行寺幽々子 文:LEVEL 8 SCENE-4緋、非:プレイヤー専用(コスト4) 蝶符「鳳蝶紋の死槍」
0%
八雲藍 文:LEVEL 8 SCENE-5 行符「八千万枚護摩」
0%
西行寺幽々子 文:LEVEL 8 SCENE-6 死符「酔人の生、死の夢幻」
0%
西行寺幽々子 文:LEVEL 8 SCENE-8 「死蝶浮月」
0%
蓬莱山輝夜 文:LEVEL 9 SCENE-2 新難題「月のイルメナイト」
0%
八意永琳 文:LEVEL 9 SCENE-3 薬符「胡蝶夢丸ナイトメア」
0%
蓬莱山輝夜 文:LEVEL 9 SCENE-4 新難題「エイジャの赤石」
0%
八意永琳 文:LEVEL 9 SCENE-5 錬丹「水銀の海」
0%
八意永琳 文:LEVEL 9 SCENE-7 秘薬「仙香玉兎」
0%
蓬莱山輝夜 文:LEVEL 9 SCENE-8 新難題「ミステリウム」
0%
四季映姫・ヤマザナドゥ 文:LEVEL 10 SCENE-2 嘘言「タン・オブ・ウルフ」
0%
小野塚小町 文:LEVEL 10 SCENE-3 緋、非:プレイヤー専用(コスト3) 死歌「八重霧の渡し」
0%
小野塚小町 文:LEVEL 10 SCENE-5 古雨「黄泉中有の旅の雨」
0%
四季映姫・ヤマザナドゥ 文:LEVEL 10 SCENE-6 審判「ギルティ・オワ・ノットギルティ」
0%
小野塚小町 文:LEVEL 10 SCENE-7 死価「プライス・オブ・ライフ」
0%
四季映姫・ヤマザナドゥ 文:LEVEL 10 SCENE-8 審判「浄頗梨審判 -射命丸文-」
0%
フランドール・スカーレット 文:LEVEL EX SCENE-1 禁忌「フォービドゥンフルーツ」
0%
フランドール・スカーレット 文:LEVEL EX SCENE-2 禁忌「禁じられた遊び」
0%
八雲紫 文:LEVEL EX SCENE-3 境符「色と空の境界」
0%
藤原妹紅 文:LEVEL EX SCENE-5 貴人「サンジェルマンの忠告」
0%
藤原妹紅 文:LEVEL EX SCENE-6 蓬莱「瑞江浦嶋子と五色の瑞亀」
0%
伊吹萃香 文:LEVEL EX SCENE-7 緋:ストーリーCPU専用 鬼気「濛々迷霧」
0%
秋静葉 風:1面道中1枚目(Hard/Lunatic) 葉符「狂いの落葉」
0%
秋穣子 風:1面ボス1枚目(Hard/Lunatic) 秋符「秋の空と乙女の心」
0%
鍵山雛 風:2面道中1枚目(Easy/Normal) 厄符「バッドフォーチュン」
0%
鍵山雛 風:2面ボス2枚目(Easy/Normal) 悪霊「ミスフォーチュンズホイール」
0%
河城にとり 風:3面ボス1枚目(Hard) 洪水「デリューヴィアルメア」
0%
河城にとり 風:3面ボス2枚目(Hard) 水符「河童のフラッシュフラッド」
0%
射命丸文 風:4面ボス1枚目(Easy/Normal) 岐符「天の八衢」
0%
射命丸文 風:4面ボス2枚目(Lunatic) 風神「二百十日」
0%
射命丸文 風:4面ボス3枚目(Easy)、4枚目(Normal) 塞符「山神渡御」
0%
射命丸文 風:4面ボス4枚目(Lunatic) 塞符「天上天下の照國」
0%
東風谷早苗 風:5面道中1枚目(Lunatic) 秘術「一子相伝の弾幕」
0%
東風谷早苗 風:5面ボス1枚目(Hard) 奇跡「客星の明るい夜」
0%
東風谷早苗 風:5面ボス1枚目(Lunatic)非:プレイヤー専用(コスト4) 奇跡「客星の明るすぎる夜」
0%
東風谷早苗 風:5面ボス3枚目(Easy/Normal) 準備「神風を喚ぶ星の儀式」
0%
東風谷早苗 風:5面ボス3枚目(Hard/Lunatic) 準備「サモンタケミナカタ」
0%
八坂神奈子 風:6面ボス1枚目(Easy/Normal) 神祭「エクスパンデッド・オンバシラ」
0%
八坂神奈子 風:6面ボス1枚目(Hard/Lunatic) 奇祭「目処梃子乱舞」
0%
八坂神奈子 風:6面ボス2枚目(Hard) 忘穀「アンリメンバードクロップ」
0%
八坂神奈子 風:6面ボス2枚目(Lunatic) 神穀「ディバイニングクロップ」
0%
八坂神奈子 風:6面ボス3枚目(Hard) 神秘「葛井の清水」
0%
八坂神奈子 風:6面ボス4枚目(Hard/Lunatic) 天竜「雨の源泉」
0%
八坂神奈子 風:Ex道中1枚目 神符「水眼の如き美しき源泉」
0%
八坂神奈子 風:Ex道中2枚目 神符「杉で結ぶ古き縁」
0%
八坂神奈子 風:Ex道中3枚目 神符「神が歩かれた御神渡り」
0%
洩矢諏訪子 風:Exボス2枚目非:プレイヤー専用(コスト4) 土着神「手長足長さま」
0%
洩矢諏訪子 風:Exボス4枚目非:プレイヤー専用(コスト4) 源符「厭い川の翡翠」
0%
洩矢諏訪子 風:Exボス8枚目非:プレイヤー専用(コスト4) 土着神「宝永四年の赤蛙」
0%
博麗霊夢 緋、非:プレイヤー専用(コスト1) 珠符「明珠暗投」
0%
博麗霊夢 緋、非:プレイヤー専用(コスト3) 神技「天覇風神脚」
0%
博麗霊夢 緋:ストーリーCPU専用 祈願「厄除け祈願」
0%
博麗霊夢 緋:ストーリーCPU専用 宝符「躍る陰陽玉」
0%
博麗霊夢 緋:ストーリーCPU専用 光霊「神霊宝珠」
0%
博麗霊夢 緋:ストーリーCPU専用 「境界の内側に潜む霊と不思議な巫女」
0%
霧雨魔理沙 緋、非:プレイヤー専用(コスト1) 星符「メテオニックシャワー」
0%
霧雨魔理沙 緋、非:プレイヤー専用(コスト2) 光符「ルミネスストライク」
0%
霧雨魔理沙 緋、非:プレイヤー専用(コスト3) 星符「エスケープベロシティ」
0%
霧雨魔理沙 緋:ストーリーCPU専用 星符「ポラリスユニーク」
0%
霧雨魔理沙 緋:ストーリーCPU専用 天儀「オーレリーズユニバース」
0%
十六夜咲夜 緋:ストーリーCPU、プレイヤー(コスト2) 非:プレイヤー専用(コスト2) 銀符「シルバーバウンド」
0%
十六夜咲夜 緋、非:プレイヤー専用(コスト3) 速符「ルミネスリコシェ」
0%
十六夜咲夜 緋:ストーリーCPU、プレイヤー(コスト4)非:プレイヤー専用(コスト4) 時符「咲夜特製ストップウォッチ」
0%
十六夜咲夜 緋:ストーリーCPU専用 幻術「マイナイフリカージョン」
0%
十六夜咲夜 緋:ストーリーCPU専用 時符「シルバーアキュート360」
0%
アリス・マーガトロイド 緋、非:プレイヤー専用(コスト2) 偵符「シーカードールズ」
0%
アリス・マーガトロイド 緋、非:プレイヤー専用(コスト2) 注力「トリップワイヤー」
0%
アリス・マーガトロイド 緋、非:プレイヤー専用(コスト3) 人形「未来文楽」
0%
アリス・マーガトロイド 緋、非:プレイヤー専用(コスト4) 紅符「和蘭人形」
0%
アリス・マーガトロイド 緋:ストーリーCPU専用 足軽「スーサイドスクワッド」
0%
アリス・マーガトロイド 緋:ストーリーCPU専用 剣符「ソルジャーオブクロス」
0%
アリス・マーガトロイド 緋:ストーリーCPU専用 人形「魂のないフォークダンス」
0%
パチュリー・ノーレッジ 緋:ストーリーCPU、プレイヤー(コスト3) 非:プレイヤー専用(コスト3) 水符「ジェリーフィッシュプリンセス」
0%
パチュリー・ノーレッジ 緋、非:プレイヤー専用(コスト3) 日木符「フォトシンセシス」
0%
パチュリー・ノーレッジ 緋:ストーリーCPU専用 月金符「サンシャインリフレクター」
0%
魂魄妖夢 緋、非:プレイヤー専用(コスト3) 剣伎「桜花閃々」
0%
魂魄妖夢 緋、非:プレイヤー専用(コスト4) 断霊剣「成仏得脱斬」
0%
魂魄妖夢 緋:ストーリーCPU専用 桜花剣「閃々散華」
0%
魂魄妖夢 緋:ストーリーCPU専用 断想剣「草木成仏斬」
0%
魂魄妖夢 緋:ストーリーCPU専用 瞑斬「楼観から弾をも断つ心の眼」
0%
レミリア・スカーレット 緋、非:プレイヤー専用(コスト3) 夜符「バッドレディスクランブル」
0%
レミリア・スカーレット 緋:ストーリーCPU、プレイヤー(コスト3) 非:プレイヤー専用(コスト3) 運命「ミゼラブルフェイト」
0%
レミリア・スカーレット 緋:ストーリーCPU専用 夜符「ボンバードナイト」
0%
レミリア・スカーレット 緋:ストーリーCPU専用 蝙蝠「ヴァンパイアスウィープ」
0%
西行寺幽々子 緋:ストーリーCPU、プレイヤー(コスト2)非:プレイヤー専用(コスト2) 霊蝶「蝶の羽風生に暫く」
0%
西行寺幽々子 緋:ストーリーCPU専用 幽符「冥界ミステリースポット」
0%
西行寺幽々子 緋:ストーリーCPU専用 宴会「死して全て大団円」
0%
八雲紫 緋、非:プレイヤー専用(コスト2) 空餌「中毒性のあるエサ」
0%
八雲紫 緋:ストーリーCPU、プレイヤー(コスト3)非:プレイヤー専用(コスト3) 幻巣「飛光虫ネスト」
0%
八雲紫 緋:ストーリーCPU専用 光弾「ドップラーエフェクト」
0%
八雲紫 緋:ストーリーCPU専用 捌器「全てを二つに別ける物」
0%
八雲紫 緋:ストーリーCPU専用 空餌「狂躁高速飛行体」
0%
八雲紫 緋:ストーリーCPU専用 「八雲の巣」
0%
伊吹萃香 緋、非:プレイヤー専用(コスト2) 酔神「鬼縛りの術」
0%
伊吹萃香 緋、非:プレイヤー専用(コスト2) 霧符「雲集霧散」
0%
伊吹萃香 緋、非:プレイヤー専用(コスト5) 鬼符「大江山悉皆殺し」
0%
伊吹萃香 緋:ストーリーCPU専用 吐息「小鬼の深呼吸」
0%
伊吹萃香 緋:ストーリーCPU専用 火弾「地霊活性弾」
0%
伊吹萃香 緋:ストーリーCPU専用 「百万同一鬼」
0%
鈴仙・優曇華院・イナバ 緋、非:プレイヤー専用(コスト1) 惑視「離円花冠(カローラヴィジョン)」
0%
鈴仙・優曇華院・イナバ 緋、非:プレイヤー専用(コスト3) 幻惑「花冠視線(クラウンヴィジョン)」
0%
鈴仙・優曇華院・イナバ 緋、非:プレイヤー専用(コスト1) 弱心「喪心喪意(ディモチヴィエイション)」
0%
鈴仙・優曇華院・イナバ 緋、非:プレイヤー専用(コスト2) 毒煙幕「瓦斯織物の玉」
0%
鈴仙・優曇華院・イナバ 緋、非:プレイヤー専用(コスト3) 生薬「国士無双の薬」
0%
鈴仙・優曇華院・イナバ 緋:ストーリーCPU専用 迫符「脅迫幻覚(オブセッショナー)」
0%
鈴仙・優曇華院・イナバ 緋:ストーリーCPU専用 幻弾「幻想視差(ブラフバラージ)」
0%
鈴仙・優曇華院・イナバ 緋:ストーリーCPU専用 幻兎「平行交差(パラレルクロス)」
0%
射命丸文 緋、非:プレイヤー専用(コスト1) 魔獣「鎌鼬ベーリング」
0%
射命丸文 緋、非:プレイヤー専用(コスト3) 旋符「紅葉扇風」
0%
射命丸文 緋、非:プレイヤー専用(コスト3) 突符「天狗のマクロバースト」
0%
射命丸文 緋、非:プレイヤー専用(コスト2) 風符「天狗道の開風」
0%
射命丸文 緋:ストーリーCPU、プレイヤー(コスト2) 非:プレイヤー専用(コスト2) 突風「猿田彦の先導」
0%
射命丸文 緋、非:プレイヤー専用(コスト4) 逆風「人間禁制の道」
0%
射命丸文 緋、非:プレイヤー専用(コスト5) 竜巻「天孫降臨の道しるべ」
0%
射命丸文 緋:ストーリーCPU専用 旋符「飄妖扇」
0%
射命丸文 緋:ストーリーCPU専用 旋風「鳥居つむじ風」
0%
小野塚小町 緋、非:プレイヤー専用(コスト1) 舟符「河の流れのように」
0%
小野塚小町 緋、非:プレイヤー専用(コスト1) 霊符「何処にでもいる浮遊霊」
0%
小野塚小町 緋、非:プレイヤー専用(コスト3) 恨符「未練がましい緊縛霊」
0%
小野塚小町 緋、非:プレイヤー専用(コスト3) 地獄「無間の狭間」
0%
小野塚小町 緋:ストーリーCPU、プレイヤー(コスト2) 非:プレイヤー専用(コスト2) 死符「死者選別の鎌」
0%
小野塚小町 緋、非:プレイヤー専用(コスト3) 薄命「余命幾許も無し」
0%
小野塚小町 緋、非:プレイヤー専用(コスト5) 換命「不惜身命、可惜身命」
0%
小野塚小町 緋:ストーリーCPU専用 霊符「古き地縛霊の目覚め」
0%
小野塚小町 緋:ストーリーCPU専用 魂符「魂の遊戯」
0%
永江衣玖 緋、非:プレイヤー専用(コスト1) 電符「雷鼓弾」
0%
永江衣玖 緋、非:プレイヤー専用(コスト2) 雷魚「雷雲魚遊泳弾」
0%
永江衣玖 緋、非:プレイヤー専用(コスト3) 魚符「龍魚ドリル」
0%
永江衣玖 緋、非:プレイヤー専用(コスト3) 雷符「エレキテルの龍宮」
0%
永江衣玖 緋:ストーリーCPU、プレイヤー(コスト3) 非:プレイヤー専用(コスト3) 棘符「雷雲棘魚」
0%
永江衣玖 緋、非:プレイヤー専用(コスト3) 光星「光龍の吐息」
0%
永江衣玖 緋、非:プレイヤー専用(コスト4) 羽衣「羽衣は空の如く」
0%
永江衣玖 緋、非:プレイヤー専用(コスト5) ダ:LEVEL 10 SCENE-8 龍魚「龍宮の使い遊泳弾」
0%
永江衣玖 緋:ストーリーCPU専用 光珠「龍の光る眼」
0%
永江衣玖 緋:ストーリーCPU専用 雷符「神鳴り様の住処」
0%
永江衣玖 緋:ストーリーCPU専用 雲界「玄雲海の雷庭」
0%
比那名居天子 緋、非:プレイヤー専用(コスト2) 非想「非想非非想の剣」
0%
比那名居天子 緋、非:プレイヤー専用(コスト3) 天符「天道是非の剣」
0%
比那名居天子 緋、非:プレイヤー専用(コスト4) 気符「天啓気象の剣」
0%
比那名居天子 緋、非:プレイヤー専用(コスト5) 要石「天地開闢プレス」
0%
比那名居天子 緋:ストーリーCPU専用 要石「天空の霊石」
0%
比那名居天子 緋:ストーリーCPU専用 乾坤「荒々しくも母なる大地よ」
0%
比那名居天子 緋:ストーリーCPU専用 霊想「大地を鎮める石」
0%
比那名居天子 緋:ストーリーCPU専用 天地「世界を見下ろす遥かなる大地よ」
0%
キスメ 地:1面道中1枚目(Hard/Lunatic) 怪奇「釣瓶落としの怪」
0%
黒谷ヤマメ 地:1面ボス1枚目(Hard/Lunatic) 蜘蛛「石窟の蜘蛛の巣」
0%
黒谷ヤマメ 地:1面ボス2枚目(Easy/Normal) 瘴符「フィルドミアズマ」
0%
黒谷ヤマメ 地:1面ボス2枚目(Hard/Lunatic) 瘴気「原因不明の熱病」
0%
水橋パルスィ 地:2面道中1枚目(Hard/Lunatic) 嫉妬「緑色の目をした見えない怪物」
0%
水橋パルスィ 地:2面ボス1枚目(Easy/Normal) 花咲爺「華やかなる仁者への嫉妬」
0%
水橋パルスィ 地:2面ボス1枚目(Hard/Lunatic) 花咲爺「シロの灰」
0%
水橋パルスィ 地:2面ボス2枚目(Easy/Normal) 舌切雀「謙虚なる富者への片恨」
0%
水橋パルスィ 地:2面ボス2枚目(Hard/Lunatic) 舌切雀「大きな葛籠と小さな葛籠」
0%
星熊勇儀 地:3面ボス1枚目(Easy/Normal) 怪輪「地獄の苦輪」
0%
星熊勇儀 地:3面ボス1枚目(Hard/Lunatic) 枷符「咎人の外さぬ枷」
0%
星熊勇儀 地:3面ボス2枚目(Hard/Lunatic) 力業「大江山颪」
0%
古明地さとり 地:4面ボス1枚目(Easy/Normal) 想起「テリブルスーヴニール」
0%
古明地さとり 地:4面ボス1枚目(Hard/Lunatic) 想起「恐怖催眠術」
0%
古明地さとり 地:4面ボス2枚目(霊夢A) 想起「二重黒死蝶」
0%
古明地さとり 地:4面ボス3枚目(霊夢A) 想起「飛行虫ネスト」
0%
古明地さとり 地:4面ボス2枚目(霊夢B) 想起「戸隠山投げ」
0%
古明地さとり 地:4面ボス4枚目(霊夢B) 想起「濛々迷霧」
0%
古明地さとり 地:4面ボス3枚目(霊夢C) 想起「天狗のマクロバースト」
0%
古明地さとり 地:4面ボス4枚目(霊夢C) 想起「鳥居つむじ風」
0%
古明地さとり 地:4面ボス3枚目(魔理沙A) 想起「ストロードールカミカゼ」
0%
古明地さとり 地:4面ボス4枚目(魔理沙A) 想起「リターンイナニメトネス」
0%
火焔猫燐 地:5面道中1枚目(Hard/Lunatic) 猫符「怨霊猫乱歩」
0%
火焔猫燐 地:5面ボス1枚目(Hard/Lunatic) 呪精「怨霊憑依妖精」
0%
火焔猫燐 地:5面ボス2枚目(Easy/Normal) 恨霊「スプリーンイーター」
0%
火焔猫燐 地:5面ボス2枚目(Hard/Lunatic) 屍霊「食人怨霊」
0%
火焔猫燐 地:5面ボス3枚目(Easy/Normal) 贖罪「旧地獄の針山」
0%
火焔猫燐 地:5面ボス3枚目(Hard/Lunatic) 贖罪「昔時の針と痛がる怨霊」
0%
火焔猫燐 地:5面ボス4枚目(Easy/Normal) 「死灰復燃」
0%
火焔猫燐 地:5面ボス4枚目(Hard/Lunatic) 「小悪霊復活せし」
0%
火焔猫燐 地:6面道中1枚目 妖怪「火焔の車輪」
0%
霊烏路空 地:6面ボス1枚目(Easy/Normal) 核熱「ニュークリアフュージョン」
0%
霊烏路空 地:6面ボス1枚目(Hard) 核熱「ニュークリアエクスカーション」
0%
霊烏路空 地:6面ボス1枚目(Lunatic) 核熱「核反応制御不能」
0%
霊烏路空 地:6面ボス2枚目(Easy) 爆符「プチフレア」
0%
霊烏路空 地:6面ボス3枚目(Easy/Normal)非:プレイヤー専用(コスト3) 焔星「フィクストスター」
0%
霊烏路空 地:6面ボス3枚目(Hard) 焔星「プラネタリーレボリューション」
0%
霊烏路空 地:6面ボス4枚目(Easy/Normal) 「地獄極楽メルトダウン」
0%
東風谷早苗 地:Ex道中1枚目非:プレイヤー専用(コスト5) 秘法「九字刺し」
0%
東風谷早苗 地:Ex道中2枚目 奇跡「ミラクルフルーツ」
0%
古明地こいし 地:Exボス7枚目 復燃「恋の埋火」
0%
古明地こいし 地:Exボス8枚目 深層「無意識の遺伝子」
0%
博麗霊夢 星:ボム(霊夢A) 夢符「退魔符乱舞」
0%
霧雨魔理沙 星:ボム(魔理沙A) 魔符「アルティメットショートウェーブ」
0%
東風谷早苗 星:ボム(早苗A) 蛇符「神代大蛇」
0%
東風谷早苗 星:ボム(早苗B) ダ:LEVEL EX SCENE-6 紺:ボム 蛙符「手管の蝦蟇」
0%
ナズーリン 星:1面道中1枚目(Hard/Lunatic) 棒符「ビジーロッド」
0%
ナズーリン 星:1面ボス1枚目(Easy/Normal) 捜符「レアメタルディテクター」
0%
ナズーリン 星:1面ボス1枚目(Hard/Lunatic) 捜符「ゴールドディテクター」
0%
ナズーリン 星:1面ボス2枚目(Hard) 視符「高感度ナズーリンペンデュラム」
0%
ナズーリン 星:1面ボス2枚目(Hard) 守符「ペンデュラムガード」
0%
多々良小傘 星:2面道中1枚目(Easy/Normal) 大輪「からかさ後光」
0%
多々良小傘 星:2面道中1枚目(Hard/Lunatic) 大輪「ハロウフォゴットンワールド」
0%
多々良小傘 星:2面ボス1枚目(Easy/Normal) 傘符「パラソルスターシンフォニー」
0%
多々良小傘 星:2面ボス1枚目(Hard/Lunatic) 傘符「パラソルスターメモリーズ」
0%
多々良小傘 星:2面ボス2枚目(Hard/Lunatic) 雨傘「超撥水かさかさお化け」
0%
多々良小傘 星:2面ボス3枚目(Easy/Normal) 化符「忘れ傘の夜行列車」
0%
多々良小傘 星:2面ボス3枚目(Hard/Lunatic) 化鉄「置き傘特急ナイトカーニバル」
0%
雲居一輪&雲山 星:3面道中1枚目(Easy/Normal) 鉄拳「問答無用の妖怪拳」
0%
雲居一輪&雲山 星:3面道中1枚目(Hard) 神拳「雲上地獄突き」
0%
雲居一輪&雲山 星:3面道中1枚目(Lunatic) 神拳「天海地獄突き」
0%
雲居一輪&雲山 星:3面ボス1枚目(Easy/Normal) 拳符「天網サンドバッグ」
0%
雲居一輪&雲山 星:3面ボス1枚目(Hard) 連打「雲界クラーケン殴り」
0%
雲居一輪&雲山 星:3面ボス1枚目(Lunatic) 連打「キングクラーケン殴り」
0%
雲居一輪&雲山 星:3面ボス2枚目(Easy/Normal) 拳打「げんこつスマッシュ」
0%
雲居一輪&雲山 星:3面ボス2枚目(Hard/Lunatic) 潰滅「天上天下連続フック」
0%
雲居一輪&雲山 星:3面ボス3枚目(Easy/Normal) 大喝「時代親父大目玉」
0%
雲居一輪&雲山 星:3面ボス3枚目(Hard) 忿怒「天変大目玉焼き」
0%
雲居一輪&雲山 星:3面ボス3枚目(Lunatic) 忿怒「空前絶後大目玉焼き」
0%
村紗水蜜 星:4面ボス1枚目(Easy/Normal) 転覆「道連れアンカー」
0%
村紗水蜜 星:4面ボス1枚目(Lunatic) 転覆「撃沈アンカー」
0%
村紗水蜜 星:4面ボス2枚目(Easy/Normal) 溺符「ディープヴォーテックス」
0%
村紗水蜜 星:4面ボス2枚目(Hard/Lunatic) 溺符「シンカブルヴォーテックス」
0%
村紗水蜜 星:4面ボス3枚目(Easy/Normal) 湊符「ファントムシップハーバー」
0%
村紗水蜜 星:4面ボス3枚目(Hard) 湊符「幽霊船の港」
0%
村紗水蜜 星:4面ボス3枚目(Lunatic) 湊符「幽霊船永久停泊」
0%
村紗水蜜 星:4面ボス4枚目(Normal) 幽霊「シンカーゴースト」
0%
村紗水蜜 星:4面ボス4枚目(Hard/Lunatic) 幽霊「忍び寄る柄杓」
0%
寅丸星 星:5面ボス1枚目(Easy/Normal) 宝塔「レイディアントトレジャー」
0%
寅丸星 星:5面ボス1枚目(Hard/Lunatic) 宝塔「レイディアントトレジャーガン」
0%
寅丸星 星:5面ボス2枚目(Easy/Normal) 光符「アブソリュートジャスティス」
0%
寅丸星 星:5面ボス2枚目(Hard/Lunatic) 光符「正義の威光」
0%
寅丸星 星:5面ボス3枚目(Easy/Normal) 法力「至宝の独鈷杵」
0%
寅丸星 星:5面ボス3枚目(Hard/Lunatic) 法灯「隙間無い法の独鈷杵」
0%
寅丸星 星:5面ボス4枚目(Easy/Normal/Hard) 光符「浄化の魔」
0%
寅丸星 星:5面ボス4枚目(Lunatic) 「コンプリートクラリフィケイション」
0%
聖白蓮 星:6面ボス1枚目(Easy/Normal) 魔法「紫雲のオーメン」
0%
聖白蓮 星:6面ボス1枚目(Hard) 吉兆「紫の雲路」
0%
聖白蓮 星:6面ボス1枚目(Lunatic) 吉兆「極楽の紫の雲路」
0%
聖白蓮 星:6面ボス2枚目(Easy/Normal) 魔法「魔界蝶の妖香」
0%
聖白蓮 星:6面ボス2枚目(Hard/Lunatic) 魔法「マジックバタフライ」
0%
聖白蓮 星:6面ボス3枚目(Easy/Normal) 光魔「スターメイルシュトロム」
0%
聖白蓮 星:6面ボス3枚目(Hard/Lunatic) 光魔「魔法銀河系」
0%
聖白蓮 星:6面ボス4枚目 大魔法「魔神復誦」
0%
聖白蓮 星:6面ボス5枚目(Normal/Hard) 「聖尼公のエア巻物」
0%
聖白蓮 星:6面ボス6枚目(Easy/Normal) 飛鉢「フライングファンタスティカ」
0%
聖白蓮 星:6面ボス6枚目(Hard/Lunatic) 飛鉢「伝説の飛空円盤」
0%
多々良小傘 星:Ex道中1枚目 傘符「大粒の涙雨」
0%
多々良小傘 星:Ex道中2枚目 驚雨「ゲリラ台風」
0%
多々良小傘 星:Ex道中3枚目 後光「からかさ驚きフラッシュ」
0%
封獣ぬえ 星:Exボス1枚目 妖雲「平安のダーククラウド」
0%
封獣ぬえ 星:Exボス3枚目 鵺符「鵺的スネークショー」
0%
封獣ぬえ 星:Exボス7枚目 鵺符「アンディファインドダークネス」
0%
博麗霊夢 非:プレイヤー専用(コスト3) 結界「拡散結界」
0%
博麗霊夢 非:ストーリーCPU専用 御守「妖怪足止め守り」
0%
博麗霊夢 非:ストーリーCPU専用 霊符「夢想封印 円」
0%
博麗霊夢 非:ストーリーCPU専用 「最も凶悪なびっくり巫女玉」
0%
霧雨魔理沙 非:プレイヤー専用(コスト3) 星符「グラビティビート」
0%
霧雨魔理沙 非:プレイヤー専用(コスト4) 魔廃「ディープエコロジカルボム」
0%
霧雨魔理沙 非:ストーリーCPU専用 星符「エキセントリックアステロイド」
0%
霧雨魔理沙 非:ストーリーCPU専用 流光「シューティングエコー」
0%
霧雨魔理沙 非:ストーリーCPU専用 魔符「マジカルR360」
0%
十六夜咲夜 非:プレイヤー専用(コスト3) 時符「イマジナリバーチカルタイム」
0%
十六夜咲夜 非:プレイヤー専用(コスト5) 光速「C.リコシェ」
0%
アリス・マーガトロイド 非:プレイヤー専用(コスト4) 槍符「キューティ大千槍」
0%
アリス・マーガトロイド 非:プレイヤー専用(コスト5) 人形「レミングスパレード」
0%
アリス・マーガトロイド 非:ストーリーCPU専用 人形「セミオートマトン」
0%
アリス・マーガトロイド 非:ストーリーCPU専用 騎士「ドールオブラウンドテーブル」
0%
アリス・マーガトロイド 非:ストーリーCPU専用 犠牲「スーサイドパクト」
0%
アリス・マーガトロイド 非:ストーリーCPU専用 試験中「レベルティターニア」
0%
アリス・マーガトロイド 非:ストーリーCPU専用 試験中「ゴリアテ人形」
0%
パチュリー・ノーレッジ 非:プレイヤー専用(コスト3) 火水符「フロギスティックピラー」
0%
パチュリー・ノーレッジ 非:プレイヤー専用(コスト4) 土金符「エメラルドメガロポリス」
0%
パチュリー・ノーレッジ 非:ストーリーCPU専用 火符「リングオブアグニ」
0%
魂魄妖夢 非:プレイヤー専用(コスト3) 転生剣「円心流転斬」
0%
魂魄妖夢 非:プレイヤー専用(コスト5) 神、鬼:ボム 空観剣「六根清浄斬」
0%
レミリア・スカーレット 非:プレイヤー専用(コスト4) 「ミレニアムの吸血鬼」
0%
西行寺幽々子 非:プレイヤー専用(コスト5) 桜符「センスオブチェリーブロッサム」
0%
八雲紫 非:プレイヤー専用(コスト4) 魔眼「ラプラスの魔」
0%
伊吹萃香 非:プレイヤー専用(コスト3) 四天王奥義「三歩壊廃」
0%
鈴仙・優曇華院・イナバ 非:プレイヤー専用(コスト2) 長視「赤月下(インフレアドムーン)」
0%
鈴仙・優曇華院・イナバ 非:プレイヤー専用(コスト3) 短視「超短脳波(エックスウェイブ)」
0%
鈴仙・優曇華院・イナバ 非:プレイヤー専用(コスト4) 赤眼「望見円月(ルナティックブラスト)」
0%
射命丸文 非:プレイヤー専用(コスト2) 風符「天狗報即日限」
0%
射命丸文 非:プレイヤー専用(コスト4) 鴉符「暗夜のデイメア」
0%
小野塚小町 非:プレイヤー専用(コスト4) 魂符「生魂流離の鎌」
0%
永江衣玖 非:プレイヤー専用(コスト1) 羽衣「羽衣は時の如く」
0%
永江衣玖 非:プレイヤー専用(コスト4) ダ:LEVEL 10 SCENE-4 珠符「五爪龍の珠」
0%
比那名居天子 非:プレイヤー専用(コスト3) 剣技「気炎万丈の剣」
0%
比那名居天子 非:プレイヤー専用(コスト3) 天気「緋想天促」
0%
東風谷早苗 非:プレイヤー専用(コスト2) 祈願「商売繁盛守り」
0%
東風谷早苗 非:プレイヤー専用(コスト2) 神籤「乱れおみくじ連続引き」
0%
東風谷早苗 非:ストーリーCPU専用 蛇符「雲を泳ぐ大蛇」
0%
東風谷早苗 非:ストーリーCPU専用 奇跡「ファフロッキーズの奇跡」
0%
チルノ 非:プレイヤー専用(コスト2) 氷符「アイシクルマシンガン」
0%
チルノ 非:プレイヤー専用(コスト2) 氷符「フェアリースピン」
0%
チルノ 非:プレイヤー専用(コスト3) 氷塊「コールドスプリンクラー」
0%
チルノ 非:プレイヤー専用(コスト3) 冷体「スーパーアイスキック」
0%
チルノ 非:プレイヤー専用(コスト3) 氷符「ソードフリーザー」
0%
チルノ 非:プレイヤー専用(コスト3) 凍符「フリーズアトモスフェア」
0%
チルノ 非:プレイヤー専用(コスト3) 冷符「瞬間冷凍ビーム」
0%
チルノ 非:プレイヤー専用(コスト4) 吹氷「アイストルネード」
0%
チルノ 非:プレイヤー専用(コスト5) 氷塊「グレートクラッシャー」
0%
紅美鈴 非:プレイヤー専用(コスト2) 虹符「烈虹真拳」
0%
紅美鈴 非:プレイヤー専用(コスト3) 気符「星脈弾」
0%
紅美鈴 非:プレイヤー専用(コスト3) 撃符「大鵬拳」
0%
紅美鈴 非:プレイヤー専用(コスト3) 気符「地龍天龍脚」
0%
紅美鈴 非:プレイヤー専用(コスト4) 気符「猛虎内剄」
0%
紅美鈴 非:プレイヤー専用(コスト5) 星気「星脈地転弾」
0%
紅美鈴 非:プレイヤー専用(コスト5) 熾撃「大鵬墜撃拳」
0%
紅美鈴 非:ストーリーCPU専用 彩符「極彩沛雨」
0%
霊烏路空 非:プレイヤー専用(コスト2) 制御「セルフトカマク」
0%
霊烏路空 非:プレイヤー専用(コスト3) 遮光「核熱バイザー」
0%
霊烏路空 非:プレイヤー専用(コスト3) 核符「クリーピングサン」
0%
霊烏路空 非:プレイヤー専用(コスト3) 光熱「ハイテンションブレード」
0%
霊烏路空 非:プレイヤー専用(コスト4) 地熱「核ブレイズゲイザー」
0%
霊烏路空 非:プレイヤー専用(コスト4) 鴉符「八咫烏ダイブ」
0%
霊烏路空 非:ストーリーCPU、プレイヤー(コスト4) 核熱「核反応制御不能ダイブ」
0%
霊烏路空 非:プレイヤー専用(コスト5) 「アビスノヴァ」
0%
霊烏路空 非:ストーリーCPU専用 熱符「ブレイクプロミネンス」
0%
霊烏路空 非:ストーリーCPU専用 「ホットジュピター落下モデル」
0%
霊烏路空 非:ストーリーCPU専用 核熱「人工太陽の黒点」
0%
洩矢諏訪子 非:プレイヤー専用(コスト2) 源符「諏訪清水」
0%
洩矢諏訪子 非:プレイヤー専用(コスト3) 土着神「洩矢神」
0%
洩矢諏訪子 非:プレイヤー専用(コスト4) 蛙休「オールウェイズ冬眠できます」
0%
洩矢諏訪子 非:プレイヤー専用(コスト5) 祟り神「赤口(ミシャグチ)さま」
0%
洩矢諏訪子 非:ストーリーCPU専用 合掌「だいだらぼっちの参拝」
0%
洩矢諏訪子 非:ストーリーCPU専用 「獄熱の間欠泉」
0%
洩矢諏訪子 非:ストーリーCPU専用 「マグマの両生類」
0%
洩矢諏訪子 非:ストーリーCPU専用 「幻想郷空中神戦」
0%
大ナマズ 非:ストーリーCPU専用 ナマズ「ほらほら世界が震えるぞ?」
0%
大ナマズ 非:ストーリーCPU専用 ナマズ「液状化現象で大地も泥のようじゃ!」
0%
大ナマズ 非:ストーリーCPU専用 ナマズ「発電だって頑張っちゃうぞ?」
0%
大ナマズ 非:ストーリーCPU専用 ナマズ「オール電化でエコロジーじゃ!」
0%
大ナマズ 非:ストーリーCPU専用 大ナマズ「これで浮き世もおしまいじゃあ!!」
0%
秋静葉 ダ:LEVEL 1 SCENE-3 秋符「フォーリンブラスト」
0%
秋穣子 ダ:LEVEL 1 SCENE-4 実符「ウォームカラーハーヴェスト」
0%
秋静葉 ダ:LEVEL 1 SCENE-5 枯道「ロストウィンドロウ」
0%
水橋パルスィ ダ:LEVEL 2 SCENE-3 嫉妬「ジェラシーボンバー」
0%
鍵山雛 ダ:LEVEL 2 SCENE-4 厄野「禊川の堆積」
0%
水橋パルスィ ダ:LEVEL 2 SCENE-5 怨み念法「積怨返し」
0%
鍵山雛 ダ:LEVEL 2 SCENE-6 災禍「呪いの雛人形」
0%
多々良小傘 ダ:LEVEL 3 SCENE-2 傘符「一本足ピッチャー返し」
0%
キスメ ダ:LEVEL 3 SCENE-3 釣瓶「飛んで井の中」
0%
多々良小傘 ダ:LEVEL 3 SCENE-5 虹符「オーバー・ザ・レインボー」
0%
キスメ ダ:LEVEL 3 SCENE-6 釣瓶「ウェルディストラクター」
0%
黒谷ヤマメ ダ:LEVEL 3 SCENE-7 毒符「樺黄小町」
0%
多々良小傘 ダ:LEVEL 3 SCENE-8 傘符「細雪の過客」
0%
河城にとり ダ:LEVEL 4 SCENE-3 水符「ウォーターカーペット」
0%
犬走椛 ダ:LEVEL 4 SCENE-4 狗符「レイビーズバイト」
0%
河城にとり ダ:LEVEL 4 SCENE-5 河符「ディバイディングエッジ」
0%
犬走椛 ダ:LEVEL 4 SCENE-6 山窩「エクスペリーズカナン」
0%
河城にとり ダ:LEVEL 4 SCENE-7 河童「乾燥尻子玉」
0%
雲居一輪&雲山 ダ:LEVEL 5 SCENE-3 拳骨「天空鉄槌落とし」
0%
村紗水蜜 ダ:LEVEL 5 SCENE-4 錨符「幽霊船長期停泊」
0%
雲居一輪&雲山 ダ:LEVEL 5 SCENE-5 稲妻「帯電入道」
0%
村紗水蜜 ダ:LEVEL 5 SCENE-6 浸水「船底のヴィーナス」
0%
雲居一輪&雲山 ダ:LEVEL 5 SCENE-7 鉄拳「入道にょき」
0%
村紗水蜜 ダ:LEVEL 5 SCENE-8 「ディープシンカー」
0%
星熊勇儀 ダ:LEVEL 6 SCENE-3 光鬼「金剛螺旋」
0%
伊吹萃香 ダ:LEVEL 6 SCENE-4 鬼符「豆粒大の針地獄」
0%
星熊勇儀 ダ:LEVEL 6 SCENE-5 鬼符「鬼気狂瀾」
0%
伊吹萃香 ダ:LEVEL 6 SCENE-6 地獄「煉獄吐息」
0%
星熊勇儀 ダ:LEVEL 6 SCENE-7 鬼声「壊滅の咆哮」
0%
寅丸星 ダ:LEVEL 7 SCENE-3 寅符「ハングリータイガー」
0%
ナズーリン ダ:LEVEL 7 SCENE-4 棒符「ナズーリンロッド」
0%
寅丸星 ダ:LEVEL 7 SCENE-5 天符「焦土曼荼羅」
0%
寅丸星 ダ:LEVEL 7 SCENE-7 宝符「黄金の震眩」
0%
霊烏路空 ダ:LEVEL 8 SCENE-2 熔解「メルティングホワイト」
0%
火焔猫燐 ダ:LEVEL 8 SCENE-3 「死体繁華街」
0%
霊烏路空 ダ:LEVEL 8 SCENE-4 巨星「レッドジャイアント」
0%
火焔猫燐 ダ:LEVEL 8 SCENE-5 死符「ゴーストタウン」
0%
霊烏路空 ダ:LEVEL 8 SCENE-6 星符「巨星墜つ」
0%
火焔猫燐 ダ:LEVEL 8 SCENE-7 酔歩「キャットランダムウォーク」
0%
霊烏路空 ダ:LEVEL 8 SCENE-8 七星「セプテントリオン」
0%
古明地こいし ダ:LEVEL 9 SCENE-2 心符「没我の愛」
0%
古明地さとり ダ:LEVEL 9 SCENE-3 脳符「ブレインフィンガープリント」
0%
古明地さとり ダ:LEVEL 9 SCENE-5 心花「カメラシャイローズ」
0%
古明地こいし ダ:LEVEL 9 SCENE-8 「ローズ地獄」
0%
比那名居天子 ダ:LEVEL 10 SCENE-1 気性「勇気凛々の剣」
0%
永江衣玖 ダ:LEVEL 10 SCENE-2 雷符「ライトニングフィッシュ」
0%
比那名居天子 ダ:LEVEL 10 SCENE-3 地震「避難険路」
0%
比那名居天子 ダ:LEVEL 10 SCENE-5 憑:プレイヤー専用 要石「カナメファンネル」
0%
永江衣玖 ダ:LEVEL 10 SCENE-6 龍宮「タイヤヒラメダンス」
0%
洩矢諏訪子 ダ:LEVEL 11 SCENE-2 神桜「湛えの桜吹雪」
0%
八坂神奈子 ダ:LEVEL 11 SCENE-3 蛇符「グラウンドサーペント」
0%
洩矢諏訪子 ダ:LEVEL 11 SCENE-4 姫川「プリンセスジェイドグリーン」
0%
洩矢諏訪子 ダ:LEVEL 11 SCENE-6 鉄輪「ミシカルリング」
0%
洩矢諏訪子 ダ:LEVEL 11 SCENE-8 土着神「御射軍神さま」
0%
封獣ぬえ ダ:LEVEL 12 SCENE-2 正体不明「紫鏡」
0%
聖白蓮 ダ:LEVEL 12 SCENE-3 「遊行聖」
0%
封獣ぬえ ダ:LEVEL 12 SCENE-4 正体不明「赤マント青マント」
0%
聖白蓮 ダ:LEVEL 12 SCENE-5 習合「垂迹大日如来」
0%
聖白蓮 ダ:LEVEL 12 SCENE-7 「スターソードの護法」
0%
博麗霊夢 ダ:LEVEL EX SCENE-1 お札「新聞拡張団調伏」
0%
霧雨魔理沙 ダ:LEVEL EX SCENE-2 星符「オールトクラウド」
0%
東風谷早苗 ダ:LEVEL EX SCENE-3 奇跡「弘安の神風」
0%
博麗霊夢 ダ:LEVEL EX SCENE-4 結界「パパラッチ撃退結界」
0%
博麗霊夢 ダ:LEVEL EX SCENE-7 夢符「夢想亜空穴」
0%
東風谷早苗 ダ:LEVEL EX SCENE-9 妖怪退治「妖力スポイラー」
0%
姫海棠はたて ダ:SPOILER SCENE-2 取材「姫海棠はたての練習取材」
0%
姫海棠はたて ダ:SPOILER SCENE-3 連写「ラピッドショット」
0%
姫海棠はたて ダ:SPOILER SCENE-4 遠眼「天狗サイコグラフィ」
0%
射命丸文 ダ:SPOILER SCENE-6 取材「射命丸文の圧迫取材」
0%
射命丸文 ダ:SPOILER SCENE-7 望遠「キャンディッドショット」
0%
射命丸文 ダ:SPOILER SCENE-8 速写「ファストショット」
0%
ルナチャイルド 大:1面ボス2枚目(A-1) 月符「ルナサイクロン」
0%
サニーミルク 大:1面ボス1枚目(B-1) 日符「アグレッシブライト」
0%
サニーミルク 大:1面ボス2枚目(B-1) 日符「ダイレクトサンライト」
0%
スターサファイア 大:1面ボス1枚目(C-1) 星符「スターライトレイン」
0%
スターサファイア 大:1面ボス2枚目(C-1) 星符「レッドスター」
0%
スターサファイア 大:2面ボス1枚目(A1-2) 流星「プチコメット」
0%
スターサファイア 大:2面ボス2枚目(A1-2) 星粒「スプリンクルピース」
0%
スターサファイア 大:2面ボス3枚目(A1-2) 星符「トゥインクルサファイア」
0%
サニーミルク 大:2面ボス1枚目(A2-2) 虹光「プリズムフラッシュ」
0%
サニーミルク 大:2面ボス3枚目(A2-2) 光符「ブルーディフレクション」
0%
スターサファイア 大:2面ボス1枚目(B1-2) 流星「コメットストリーム」
0%
スターサファイア 大:2面ボス2枚目(B1-2) 星粒「スターピースシャワー」
0%
スターサファイア 大:2面ボス3枚目(B1-2) 星符「シューティングサファイア」
0%
ルナチャイルド 大:2面ボス1枚目(B2-2) 障光「ムーンライトウォール」
0%
ルナチャイルド 大:2面ボス2枚目(B2-2) 夜符「ナイトフェアリーズ」
0%
ルナチャイルド 大:2面ボス3枚目(B2-2) 月光「ダークスティルネス」
0%
サニーミルク 大:2面ボス1枚目(C1-2) 瞬光「フェイタルフラッシュ」
0%
サニーミルク 大:2面ボス2枚目(C1-2) 光精「クロスディフュージョン」
0%
サニーミルク 大:2面ボス3枚目(C1-2) 光符「イエローディフレクション」
0%
ルナチャイルド 大:2面ボス1枚目(C2-2) 月光「ムーンスティルネス」
0%
ルナチャイルド 大:2面ボス2枚目(C2-2) 光壁「ウォールブレイク」
0%
ルナチャイルド 大:2面ボス3枚目(C2-2) 月光「サイレントサイクロン」
0%
サニーミルク 大:3面道中1枚目(A1-3) 陽光「サンシャインブラスト」
0%
スターサファイア 大:3面道中1枚目(A2-3) 星光「スターレーザー」
0%
ルナチャイルド 大:3面道中1枚目(B1-3) 月光「サイレントストーム」
0%
スターサファイア 大:3面道中1枚目(B2-3) 星光「スターストーム」
0%
ルナチャイルド 大:3面道中1枚目(C1-3) 月光「サイレントフラワー」
0%
サニーミルク 大:3面道中1枚目(C2-3) 陽光「サンシャインニードル」
0%
光の三妖精 大:3面ボス1枚目(A1-3) 光符「ルチルフレクション」
0%
光の三妖精 大:3面ボス3枚目(A1-3) 空符「エルフィンキャノピー」
0%
光の三妖精 大:3面ボス1枚目(A2-3) 光符「トリプルメテオ」
0%
光の三妖精 大:3面ボス3枚目(A2-3) 光星「オリオンベルト」
0%
光の三妖精 大:3面ボス1枚目(B1-3) 光符「ブライトナイト」
0%
光の三妖精 大:3面ボス3枚目(B1-3) 空符「ブレイクキャノピー」
0%
光の三妖精 大:3面ボス1枚目(B2-3) 光符「エクステンシブメテオ」
0%
光の三妖精 大:3面ボス3枚目(B2-3) 光星「グレートトライアングル」
0%
光の三妖精 大:3面ボス1枚目(C1-3) 光符「フルムーンナイト」
0%
光の三妖精 大:3面ボス3枚目(C1-3) 降光「トリプルライト」
0%
光の三妖精 大:3面ボス1枚目(C2-3) 光符「ハイパーインクレクション」
0%
光の三妖精 大:3面ボス3枚目(C2-3) 激光「サンバースト」
0%
光の三妖精 大:3面ボス2枚目(A1-3、C2-3) 日熱「アイスディゾルバー」
0%
光の三妖精 大:3面ボス2枚目(A2-3、B2-3) 星熱「アイスディゾルバー」
0%
光の三妖精 大:3面ボス2枚目(B1-3、C1-3) 月熱「アイスディゾルバー」
0%
光の三妖精 大:3面ボス4枚目 協力技「フェアリーオーバードライブ」
0%
光の三妖精 大:3面ボス5枚目 「スリーフェアリーズ」
0%
霧雨魔理沙 大:Exボス1枚目 光符「ミステリアスビーム」
0%
霧雨魔理沙 大:Exボス2枚目 光撃「シュート・ザ・リトルムーン」
0%
霧雨魔理沙 大:Exボス3枚目 魔弾「テストスレイブ」
0%
霧雨魔理沙 大:Exボス4枚目 閉符「ビッグクランチ」
0%
霧雨魔理沙 大:Exボス6枚目 魔開「オープンユニバース」
0%
霧雨魔理沙 大:Exボス7枚目 魔十字「グランドクロス」
0%
霧雨魔理沙 大:Exボス8枚目 流星「スーパーペルセイド」
0%
霧雨魔理沙 大:Exボス9枚目 「ブレイジングスターのような鬼ごっこ」
0%
西行寺幽々子 神:1面ボス1枚目(Easy/Normal) 符牒「死蝶の舞」
0%
西行寺幽々子 神:1面ボス1枚目(Hard/Lunatic) 符牒「死蝶の舞 - 桜花 -」
0%
西行寺幽々子 神:1面ボス2枚目(Easy/Normal) 幽蝶「ゴーストスポット」
0%
西行寺幽々子 神:1面ボス2枚目(Hard/Lunatic) 幽蝶「ゴーストスポット - 桜花 -」
0%
西行寺幽々子 神:1面ボス3枚目 冥符「常夜桜」
0%
西行寺幽々子 神:1面ボス4枚目(Hard/Lunatic) 桜符「西行桜吹雪」
0%
幽谷響子 神:2面道中1枚目(Easy/Normal) 響符「マウンテンエコー」
0%
幽谷響子 神:2面道中1枚目(Hard/Lunatic) 響符「マウンテンエコースクランブル」
0%
幽谷響子 神:2面ボス1枚目 響符「パワーレゾナンス」
0%
幽谷響子 神:2面ボス2枚目(Easy/Normal) 山彦「ロングレンジエコー」
0%
幽谷響子 神:2面ボス2枚目(Hard/Lunatic) 山彦「アンプリファイエコー」
0%
幽谷響子 神:2面ボス3枚目(Easy/Normal) 大声「チャージドクライ」
0%
幽谷響子 神:2面ボス3枚目(Hard/Lunatic) 大声「チャージドヤッホー」
0%
多々良小傘 神:3面道中1枚目(Hard/Lunatic) 虹符「アンブレラサイクロン」
0%
宮古芳香 神:3面ボス1枚目 回復「ヒールバイデザイア」
0%
宮古芳香 神:3面ボス2枚目(Hard/Lunatic) 毒爪「ポイズンマーダー」
0%
宮古芳香 神:3面ボス3枚目(Easy/Normal) 欲符「稼欲霊招来」
0%
宮古芳香 神:3面ボス3枚目(Hard/Lunatic) 欲霊「スコアデザイアイーター」
0%
霍青娥 神:4面道中1枚目(Normal) 邪符「ヤンシャオグイ」
0%
霍青娥 神:4面道中1枚目(Hard/Lunatic) 邪符「グーフンイエグイ」
0%
霍青娥 神:4面ボス1枚目 入魔「ゾウフォルゥモォ」
0%
霍青娥 神:4面ボス2枚目(Easy/Normal) 降霊「死人タンキー」
0%
霍青娥 神:4面ボス2枚目(Hard/Lunatic) 通霊「トンリン芳香」
0%
霍青娥 神:4面ボス3枚目 道符「タオ胎動」
0%
蘇我屠自古 神:5面道中1枚目(Normal/Hard) 雷矢「ガゴウジサイクロン」
0%
蘇我屠自古 神:5面道中1枚目(Lunatic) 雷矢「ガゴウジトルネード」
0%
物部布都 神:5面ボス1枚目(Easy/Normal) 天符「雨の磐舟」
0%
物部布都 神:5面ボス1枚目(Hard/Lunatic) 天符「天の磐舟よ天へ昇れ」
0%
物部布都 神:5面ボス2枚目 投皿「物部の八十平瓮」
0%
物部布都 神:5面ボス3枚目(Easy/Normal) 炎符「廃仏の炎風」
0%
物部布都 神:5面ボス3枚目(Hard/Lunatic) 炎符「桜井寺炎上」
0%
物部布都 神:5面ボス4枚目 聖童女「大物忌正餐」
0%
豊聡耳神子 神:6面ボス1枚目(Easy/Normal) 名誉「十二階の色彩」
0%
豊聡耳神子 神:6面ボス1枚目(Hard/Lunatic) 名誉「十二階の冠位」
0%
豊聡耳神子 神:6面ボス2枚目(Easy/Normal) 心、深、憑:プレイヤー専用 仙符「日出ずる処の道士」
0%
豊聡耳神子 神:6面ボス2枚目(Hard/Lunatic) 仙符「日出ずる処の天子」
0%
豊聡耳神子 神:6面ボス4枚目(Easy/Normal/Hard) 秘宝「斑鳩寺の天球儀」
0%
豊聡耳神子 神:6面ボス4枚目(Lunatic) 秘宝「聖徳太子のオーパーツ」
0%
豊聡耳神子 神:6面ボス6枚目(Easy/Normal) 眼光「十七条のレーザー」
0%
豊聡耳神子 神:6面ボス6枚目(Hard/Lunatic) 神光「逆らう事なきを宗とせよ」
0%
豊聡耳神子 神:6面ボス7枚目(Easy/Normal) 「星降る神霊廟」
0%
豊聡耳神子 神:6面ボス7枚目(Hard/Lunatic) 「生まれたての神霊」
0%
封獣ぬえ 神:Ex道中1枚目 アンノウン「軌道不明の鬼火」
0%
封獣ぬえ 神:Ex道中2枚目 アンノウン「姿態不明の空魚」
0%
封獣ぬえ 神:Ex道中3枚目 アンノウン「原理不明の妖怪玉」
0%
二ッ岩マミゾウ 神:Exボス1枚目 壱番勝負「霊長化弾幕変化」
0%
二ッ岩マミゾウ 神:Exボス2枚目 弐番勝負「肉食化弾幕変化」
0%
二ッ岩マミゾウ 神:Exボス3枚目 参番勝負「延羽化弾幕変化」
0%
二ッ岩マミゾウ 神:Exボス4枚目 四番勝負「両生化弾幕変化」
0%
二ッ岩マミゾウ 神:Exボス6枚目 六番勝負「狸の化け学校」
0%
二ッ岩マミゾウ 神:Exボス7枚目 七番勝負「野生の離島」
0%
二ッ岩マミゾウ 神:Exボス8枚目 変化「まぬけ巫女の偽調伏」
0%
二ッ岩マミゾウ 神:Exボス9枚目 「マミゾウ化弾幕十変化」
0%
西行寺幽々子 神:OverDrive 桜符「桜吹雪地獄」
0%
幽谷響子 神:OverDrive 山彦「ヤマビコの本領発揮エコー」
0%
宮古芳香 神:OverDrive 毒爪「死なない殺人鬼」
0%
霍青娥 神:OverDrive 道符「TAO胎動 ~道~」
0%
蘇我屠自古 神:OverDrive 怨霊「入鹿の雷」
0%
物部布都 神:OverDrive 聖童女「太陽神の贄」
0%
豊聡耳神子 神:OverDrive 「神霊大宇宙」
0%
二ッ岩マミゾウ 神:OverDrive 「ワイルドカーペット」
0%
博麗霊夢 心、深、憑:プレイヤー専用 宝具「陰陽飛鳥井」
0%
博麗霊夢 心:ストーリーCPU専用 御札「神社繁栄祈願札」
0%
博麗霊夢 心:ストーリーCPU専用 御札「夢幻の高速祈願札」
0%
博麗霊夢 心:ストーリーCPU専用 御札「対妖怪方位除」
0%
霊夢&神子 心:ストーリーCPU専用 「信仰心増大祈願の儀」
0%
霊夢&白蓮 心:ストーリーCPU専用 「二大宗教九字護身法」
0%
霊夢&白蓮&神子 心:ストーリーCPU専用 「面霊気大調伏」
0%
霊夢&白蓮&神子 心:ストーリーCPU専用 「最後のトリニティリリージョン」
0%
霧雨魔理沙 心:ラストワード 「サングレイザー」
0%
霧雨魔理沙 心:ストーリーCPU専用 星符「ミリ秒パルサー」
0%
霧雨魔理沙 心:ストーリーCPU専用 魔符「ブレイズアウェイ」
0%
雲居一輪&雲山 心、深、憑:プレイヤー専用 嵐符「仏罰の野分雲」
0%
雲居一輪&雲山 心、深、憑:プレイヤー専用 積乱「見越し入道雲」
0%
雲居一輪&雲山 心、深、憑:プレイヤー専用 拳固「懺悔の殺風」
0%
雲居一輪&雲山 心:ラストワード 「華麗なる親父時代」
0%
雲居一輪&雲山 心:ストーリーCPU専用 拳符「怒りの大雲塊」
0%
雲居一輪&雲山 心:ストーリーCPU専用 入道「夏の幻想太郎」
0%
聖白蓮 心、深、憑:プレイヤー専用 天符「三千大千世界の主」
0%
聖白蓮 心、深、憑:プレイヤー専用 天符「大日如来の輝き」
0%
聖白蓮 心、深、憑:プレイヤー専用 天符「釈迦牟尼の五行山」
0%
聖白蓮 心:ラストワード 「アーンギラサヴェーダ」
0%
聖白蓮 心:ストーリーCPU専用 杵符「ヴァジュラパーニの呪文」
0%
聖白蓮 心:ストーリーCPU専用 超人「ガルーダの翼」
0%
物部布都 心、深、憑:プレイヤー専用 風符「三輪の皿嵐」
0%
物部布都 心、深、憑:プレイヤー専用 炎符「太乙真火」
0%
物部布都 心、深、憑:プレイヤー専用 運気「破局の開門」
0%
物部布都 心:ストーリーCPU専用 皿投「かわらけ回転投げ」
0%
物部布都 心:ストーリーCPU専用 弓符「星龍弓」
0%
豊聡耳神子 心、深、憑:プレイヤー専用 道符「掌の上の天道」
0%
豊聡耳神子 心、深、憑:プレイヤー専用 人符「勧善懲悪は古の良き典なり」
0%
豊聡耳神子 心:ラストワード 「詔を承けては必ず慎め」
0%
豊聡耳神子 心:ストーリーCPU専用 徳符「聖徳のプレスティージ」
0%
豊聡耳神子 心:ストーリーCPU専用 光符「無限条のレーザー」
0%
河城にとり 心、深、憑:プレイヤー専用 豪雨「河底大戦争」
0%
河城にとり 心、深、憑:プレイヤー専用 泡符「撃て!バブルドラゴン」
0%
河城にとり 心、深、憑:プレイヤー専用 戦機「飛べ!三平ファイト」
0%
河城にとり 心:ラストワード 「スーパースコープ3D」
0%
河城にとり 心:ストーリーCPU専用 水符「夏のペットボトルロケット」
0%
河城にとり 心:ストーリーCPU専用 妖怪戦艦「三平ファイター」
0%
古明地こいし 心:ストーリーCPU専用 本能「フロウディアン」
0%
古明地こいし 心:ストーリーCPU専用 茨符「コンファインドイノセント」
0%
二ッ岩マミゾウ 心、深、憑:プレイヤー専用 変化「分福熱湯風呂」
0%
二ッ岩マミゾウ 心:ストーリーCPU、プレイヤー 深、憑:ストーリーCPU専用 変化「百鬼妖界の門」
0%
二ッ岩マミゾウ 心:ストーリーCPU専用 変化「二ッ岩家の裁き」
0%
二ッ岩マミゾウ 心:ラストワード 「八百八狸囃子」
0%
二ッ岩マミゾウ 心:ストーリーCPU専用 変化「満月の花鳥園」
0%
二ッ岩マミゾウ 心:ストーリーCPU専用(偽霊夢) 「神社のお釈迦様」
0%
二ッ岩マミゾウ 心:ストーリーCPU専用(偽白蓮) 「ベンテンの琵琶法師」
0%
二ッ岩マミゾウ 心:ストーリーCPU専用(偽神子) 「たわむれはおわりじゃ」
0%
秦こころ 心、深、憑:プレイヤー専用 憑依「喜怒哀楽ポゼッション」
0%
秦こころ 心、深、憑:プレイヤー専用 憂面「杞人地を憂う」
0%
秦こころ 心:ラストワード 「仮面喪心舞 暗黒能楽」
0%
秦こころ 心:ストーリーCPU専用 憂符「憂き世は憂しの小車」
0%
秦こころ 心:ストーリーCPU専用 喜符「昂揚の神楽獅子」
0%
秦こころ 心:ストーリーCPU専用 「モンキーポゼッション」
0%
霧雨魔理沙 輝:ボム(魔理沙B) マジックアブソーバー
0%
十六夜咲夜 輝:ボム(咲夜A) 妖器「銀色のアナザーディメンジョン」
0%
十六夜咲夜 輝:ボム(咲夜B) 時符「デュアルバニッシュ」
0%
チルノ 輝:1面道中1枚目(Hard/Lunatic) 氷符「アルティメットブリザード」
0%
わかさぎ姫 輝:1面ボス1枚目 水符「テイルフィンスラップ」
0%
わかさぎ姫 輝:1面ボス2枚目(Hard) 鱗符「逆鱗の荒波」
0%
わかさぎ姫 輝:1面ボス2枚目(Lunatic) 鱗符「逆鱗の大荒波」
0%
赤蛮奇 輝:2面道中1枚目 飛符「フライングヘッド」
0%
赤蛮奇 輝:2面ボス1枚目(Easy/Normal) 首符「クローズアイショット」
0%
赤蛮奇 輝:2面ボス1枚目(Hard/Lunatic) 首符「ろくろ首飛来」
0%
赤蛮奇 輝:2面ボス2枚目(Easy/Normal) 飛頭「マルチプリケイティブヘッド」
0%
赤蛮奇 輝:2面ボス3枚目 飛頭「デュラハンナイト」
0%
今泉影狼 輝:3面道中1枚目(Hard/Lunatic) 牙符「月下の犬歯」
0%
今泉影狼 輝:3面ボス1枚目(Easy/Normal) 変身「トライアングルファング」
0%
今泉影狼 輝:3面ボス1枚目(Hard/Lunatic) 変身「スターファング」
0%
今泉影狼 輝:3面ボス2枚目(Easy/Normal) 咆哮「ストレンジロア」
0%
今泉影狼 輝:3面ボス2枚目(Hard/Lunatic) 咆哮「満月の遠吠え」
0%
今泉影狼 輝:3面ボス3枚目(Easy/Normal) 狼符「スターリングパウンス」
0%
今泉影狼 輝:3面ボス3枚目(Hard/Lunatic) 天狼「ハイスピードパウンス」
0%
九十九弁々 輝:4面ボス1枚目(妖器使用時) 平曲「祇園精舎の鐘の音」
0%
九十九弁々 輝:4面ボス2枚目(Easy/Normal (妖器使用時)) 怨霊「耳無し芳一」
0%
九十九弁々 輝:4面ボス2枚目(Hard/Lunatic (妖器使用時)) 怨霊「平家の大怨霊」
0%
九十九弁々 輝:4面ボス3枚目(Easy/Normal (妖器使用時)) 楽符「邪悪な五線譜」
0%
九十九弁々 輝:4面ボス3枚目(Lunatic (妖器使用時)) 楽符「ダブルスコア」
0%
九十九八橋 輝:4面ボス1枚目(妖器非使用時) 琴符「諸行無常の琴の音」
0%
九十九八橋 輝:4面ボス2枚目(Easy/Normal (妖器非使用時)) 響符「平安の残響」
0%
九十九八橋 輝:4面ボス2枚目(Hard/Lunatic (妖器非使用時)) 響符「エコーチェンバー」
0%
九十九八橋 輝:4面ボス3枚目(Easy/Normal (妖器非使用時)) 箏曲「下剋上送箏曲」
0%
鬼人正邪 輝:5面ボス1枚目(Easy/Normal) 逆符「鏡の国の弾幕」
0%
鬼人正邪 輝:5面ボス1枚目(Hard/Lunatic) 逆符「イビルインザミラー」
0%
鬼人正邪 輝:5面ボス2枚目(Easy/Normal) 逆符「天地有用」
0%
鬼人正邪 輝:5面ボス2枚目(Hard/Lunatic) 逆符「天下転覆」
0%
鬼人正邪 輝:5面ボス3枚目(Easy/Normal) 逆弓「天壌夢弓」
0%
鬼人正邪 輝:5面ボス3枚目(Hard/Lunatic) 逆弓「天壌夢弓の詔勅」
0%
鬼人正邪 輝:5面ボス4枚目(Easy/Normal) 逆転「リバースヒエラルキー」
0%
鬼人正邪 輝:5面ボス4枚目(Hard/Lunatic) 逆転「チェンジエアブレイブ」
0%
少名針妙丸 輝:6面ボス1枚目(Easy/Normal) 小弾「小人の道」
0%
少名針妙丸 輝:6面ボス3枚目 妖剣「輝針剣」
0%
少名針妙丸 輝:6面ボス6枚目(Hard/Lunatic) 「七人の一寸法師」
0%
九十九姉妹 輝:Ex道中1枚目 弦楽「嵐のアンサンブル」
0%
堀川雷鼓 輝:Exボス2枚目 二鼓「怨霊アヤノツヅミ」
0%
堀川雷鼓 輝:Exボス3枚目 三鼓「午前零時のスリーストライク」
0%
堀川雷鼓 輝:Exボス5枚目 五鼓「デンデン太鼓」
0%
堀川雷鼓 輝:Exボス6枚目 六鼓「オルタネイトスティッキング」
0%
堀川雷鼓 輝:Exボス7枚目 七鼓「高速和太鼓ロケット」
0%
堀川雷鼓 輝:Exボス10枚目 「プリスティンビート」
0%
わかさぎ姫 弾:一日目 1-2 水符「ルナティックレッドスラップ」
0%
チルノ 弾:一日目 1-3 氷符「パーフェクトグレーシェリスト」
0%
わかさぎ姫 弾:一日目 1-4 潮符「湖のタイダルウェイブ」
0%
わかさぎ姫 弾:一日目 1-6 魚符「スクールオブフィッシュ」
0%
幽谷響子 弾:二日目 2-1 叫喚「プライマルスクリーム」
0%
赤蛮奇 弾:二日目 2-2 眼光「ヘルズレイ」
0%
幽谷響子 弾:二日目 2-3 劈音「ピアッシングサークル」
0%
幽谷響子 弾:二日目 2-5 御経「無限念仏」
0%
赤蛮奇 弾:二日目 2-6 飛首「ツインロクロヘッド」
0%
今泉影狼 弾:三日目 3-2 満月「フルムーンロア」
0%
今泉影狼 弾:三日目 3-5 狼牙「血に餓えたウルフファング」
0%
藤原妹紅 弾:三日目 3-7 「火の鳥 -不死伝説-」
0%
霍青娥 弾:四日目 4-2 入魔「過剰ゾウフォルゥモォ」
0%
宮古芳香 弾:四日目 4-4 毒爪「ゾンビクロー」
0%
霍青娥 弾:四日目 4-5 仙術「ウォールランナー」
0%
西行寺幽々子 弾:四日目 4-6 桜花「桜吹雪花小町」
0%
霍青娥 弾:四日目 4-7 仙術「壁抜けワームホール」
0%
九十九弁々 弾:五日目 5-2 音符「大熱唱琵琶」
0%
九十九八橋 弾:五日目 5-3 哀歌「人琴ともに亡ぶ」
0%
堀川雷鼓 弾:五日目 5-4 雷符「怒りのデンデン太鼓」
0%
九十九弁々 弾:五日目 5-5 楽譜「スコアウェブ」
0%
堀川雷鼓 弾:五日目 5-7 太鼓「ファンタジックウーファー」
0%
九十九姉妹 弾:五日目 5-8 両吟「星降る唄」
0%
射命丸文 弾:六日目 6-2 写真「激撮テングスクープ」
0%
姫海棠はたて 弾:六日目 6-3 写真「フルパノラマショット」
0%
河城にとり 弾:六日目 6-4 瀑符「シライトフォール」
0%
河城にとり 弾:六日目 6-6 瀑符「ケゴンガン」
0%
姫海棠はたて 弾:六日目 6-7 写真「籠もりパパラッチ」
0%
射命丸文 弾:六日目 6-8 「瞬撮ジャーナリスト」
0%
霧雨魔理沙 弾:七日目 7-1 恋符「ワイドマスター」
0%
十六夜咲夜 弾:七日目 7-2 時符「タイムストッパー咲夜」
0%
魂魄妖夢 弾:七日目 7-3 光符「冥府光芒一閃」
0%
霧雨魔理沙 弾:七日目 7-5 恋符「マシンガンスパーク」
0%
魂魄妖夢 弾:七日目 7-7 彼岸剣「地獄極楽滅多斬り」
0%
東風谷早苗 弾:七日目 7-8 蛇符「グリーンスネークカモン」
0%
二ッ岩マミゾウ 弾:八日目 8-3 「鳴かぬなら泣くまで待とう時鳥」
0%
少名針妙丸 弾:八日目 8-7 輝針「鬼ごろし両目突きの針」
0%
洩矢諏訪子 弾:九日目 9-2 緑石「ジェイドブレイク」
0%
物部布都 弾:九日目 9-3 古舟「エンシェントシップ」
0%
伊吹萃香 弾:九日目 9-4 鬼群「インプスウォーム」
0%
八坂神奈子 弾:九日目 9-5 「神の御威光」
0%
洩矢諏訪子 弾:九日目 9-6 蛙符「血塗られた赤蛙塚」
0%
物部布都 弾:九日目 9-7 熱龍「火焔龍脈」
0%
伊吹萃香 弾:九日目 9-8 鬼群「百鬼禿童」
0%
聖白蓮 弾:最終日 10-1 「ハリの制縛」
0%
豊聡耳神子 弾:最終日 10-2 「我こそが天道なり」
0%
聖白蓮 弾:最終日 10-6 「ブラフマーの瞳」
0%
比那名居天子 弾:最終日 10-8 「鹿島鎮護」
0%
八雲紫 弾:最終日 10-10 「運鈍根の捕物帖」
0%
博麗霊夢 弾G:シーンEx 2枚目 「天国にいちばん近いお賽銭」
0%
博麗霊夢 弾G:シーンEx 3枚目 「だんまく長者」
0%
博麗霊夢 深:ストーリーCPU専用 結界「至る所の青山」
0%
博麗霊夢 深:エキストラストーリーCPU専用 針符「月卿を封じる針」
0%
博麗霊夢 深:エキストラストーリーCPU専用 結界「乱暴な世界の裂け目」
0%
博麗霊夢 深:エキストラストーリーCPU専用 結界「幻想バウンダリークラック」
0%
霧雨魔理沙 深、憑:怪ラストワード *ステキ!厠の花子さん!*
0%
霧雨魔理沙 深:ストーリーCPU専用 星符「オカルテイション」
0%
霧雨魔理沙 深:ストーリーCPU専用 *呪われた歴代校長の肖像*
0%
霧雨魔理沙 深:ストーリーCPU専用 *夜の学校怪談行脚*
0%
茨木華扇 深、憑:プレイヤー専用 龍符「ドラゴンズグロウル」
0%
茨木華扇 深、憑:プレイヤー専用 包符「義腕プロテウス」
0%
茨木華扇 深、憑:プレイヤー専用 鷹符「ホークビーコン」
0%
茨木華扇 深、憑:怪ラストワード *猿の手よ!敵を握りつぶせ!*
0%
茨木華扇 深:ストーリーCPU専用 雷符「微速の務光」
0%
茨木華扇 深:ストーリーCPU専用 *死ぬまで願いを叶える手*
0%
茨木華扇 深:ストーリーCPU専用 *猿の手はオカルトな夢を見る*
0%
茨木華扇 深:ストーリーCPU専用(没) 虎符「両門の彭祖」
0%
藤原妹紅 深、憑:プレイヤー専用 焔符「自滅火焔大旋風」
0%
藤原妹紅 深、憑:プレイヤー専用 不死「凱風快晴飛翔蹴」
0%
藤原妹紅 深、憑:プレイヤー専用 呪札「無差別発火の符」
0%
藤原妹紅 深、憑:怪ラストワード *こんな世は燃え尽きてしまえ!*
0%
藤原妹紅 深:ストーリーCPU専用 炎符「フェニックスの超高温な羽」
0%
藤原妹紅 深:ストーリーCPU専用 *凱風晴天快晴脚*
0%
藤原妹紅 深:エキストラストーリーCPU専用 炎符「フェニックスの羽」
0%
藤原妹紅 深:エキストラストーリーCPU専用 爪符「デスパレートクロー」
0%
藤原妹紅 深:エキストラストーリーCPU専用 「この何度目かの命、燃え尽きるまで」
0%
少名針妙丸 深、憑:プレイヤー専用 小槌「伝説の椀飯振舞」
0%
少名針妙丸 深、憑:プレイヤー専用 小人「一寸法師にも五分の魂」
0%
少名針妙丸 深、憑:プレイヤー専用 釣符「可愛い太公望」
0%
少名針妙丸 深、憑:怪ラストワード *緑の巨人よ、おおきくなれよ!*
0%
少名針妙丸 深:ストーリーCPU専用 大漁「空中大回転漁法」
0%
少名針妙丸 深:ストーリーCPU専用 *幻の国ブレフスキュ*
0%
雲居一輪&雲山 深、憑:怪ラストワード *265センチの魔人現る!*
0%
雲居一輪&雲山 深:ストーリーCPU専用 悪符「八丈のオカルト柱」
0%
雲居一輪&雲山 深:ストーリーCPU専用 *謎の女に囚われた真夏の夜*
0%
聖白蓮 深、憑:怪ラストワード *100キロで空を駆けろ!*
0%
聖白蓮 深:ストーリーCPU専用 超音速「老婆のスプリント」
0%
聖白蓮 深:ストーリーCPU専用 *ハイウェイターボエアターン*
0%
聖白蓮 深:ストーリーCPU専用 *ターボババァ走死走愛*
0%
聖白蓮 深:エキストラストーリーCPU専用 光符「インドラのヴァジュラ」
0%
聖白蓮 深:エキストラストーリーCPU専用 超人「大追跡!ブディストライダー」
0%
物部布都 深、憑:怪ラストワード *死んでも一枚足りない!*
0%
物部布都 深:ストーリーCPU専用 皿符「自暴自棄のお菊」
0%
物部布都 深:ストーリーCPU専用 *仄暗い古井戸の底から*
0%
豊聡耳神子 深、憑:怪ラストワード *特別に両方選ばせてやろう!*
0%
豊聡耳神子 深:ストーリーCPU専用 怪人「ヘルメティックマント」
0%
豊聡耳神子 深:ストーリーCPU専用 *大怪人の動脈と静脈*
0%
豊聡耳神子 深:ストーリーCPU専用 *世紀の怪人赤マント青マント*
0%
豊聡耳神子 深:エキストラストーリーCPU専用 怪人「ブラッディマント」
0%
豊聡耳神子 深:エキストラストーリーCPU専用 怪人「カーシング赤青マント」
0%
豊聡耳神子 深:エキストラストーリーCPU専用 「死生有命 ~自らの意思で最期を選べ」
0%
河城にとり 深、憑:怪ラストワード *ネス湖は今ここにある!*
0%
河城にとり 深:ストーリーCPU専用 *ネッシーの完全養殖技術*
0%
古明地こいし 深、憑:怪ラストワード *今から電話をするから出てね*
0%
古明地こいし 深:ストーリーCPU専用 *呪われたワン切り電話*
0%
二ッ岩マミゾウ 深、憑:怪ラストワード *宇宙機密漏洩!直ちに処置せよ*
0%
二ッ岩マミゾウ 深:ストーリーCPU専用 未確認「遊抱戯画」
0%
二ッ岩マミゾウ 深:ストーリーCPU専用 *満員のエイリアンボール*
0%
二ッ岩マミゾウ 深:ストーリーCPU専用 *そろそろ帰ろうエイリアン達よ*
0%
秦こころ 深、憑:怪ラストワード *これでもアタシ、キレイよね?*
0%
秦こころ 深:ストーリーCPU専用 *口裂けの感情*
0%
宇佐見菫子 深、憑:プレイヤー専用 銃符「3Dプリンターガン」
0%
宇佐見菫子 深、憑:プレイヤー専用 念力「サイコキネシスアプリ」
0%
宇佐見菫子 深、憑:プレイヤー専用 念力「テレキネシス 電波塔」
0%
宇佐見菫子 深、憑:怪ラストワード *幻視せよ! 異世界の狂気を*
0%
宇佐見菫子 深:ストーリーCPU専用 念力「サイコプロージョン」
0%
宇佐見菫子 深:ストーリーCPU専用 念力「テレキネシス 不法投棄」
0%
宇佐見菫子 深:ストーリーCPU専用 *現し世のオカルティシャン*
0%
宇佐見菫子 深:ストーリーCPU専用 *深秘のエソテリックセブン*
0%
鈴仙・優曇華院・イナバ 深、憑:プレイヤー専用 「月面跳弾(ルナティックダブル)」
0%
鈴仙・優曇華院・イナバ 深、憑:プレイヤー専用 「地上跳弾(ルナティックエコー)」
0%
鈴仙・優曇華院・イナバ 深、憑:怪ラストワード *もうお前は狂っている!*
0%
鈴仙・優曇華院・イナバ 紺:ボム 「障壁波動(イビルアンジュレーション)」
0%
清蘭 紺:1面道中1枚目(Hard/Lunatic) 凶弾「スピードストライク」
0%
清蘭 紺:1面ボス1枚目(Easy/Normal/Hard) 秘:月曜日 弾幕夢1 弾符「イーグルシューティング」
0%
鈴瑚 紺:2面ボス1枚目(Hard/Lunatic) 兎符「ベリーベリーダンゴ」
0%
鈴瑚 紺:2面ボス2枚目 兎符「ダンゴインフリューエンス」
0%
鈴瑚 紺:2面ボス3枚目(Easy/Normal/Hard) 月見「セプテンバーフルムーン」
0%
鈴瑚 紺:2面ボス3枚目(Lunatic) 月見酒「ルナティックセプテンバー」
0%
ドレミー・スイート 紺:3面道中1枚目(Easy/Normal) 夢符「緋色の悪夢」
0%
ドレミー・スイート 紺:3面道中1枚目(Hard/Lunatic) 夢符「緋色の圧迫悪夢」
0%
ドレミー・スイート 紺:3面ボス1枚目(Easy/Normal) 夢符「藍色の愁夢」
0%
ドレミー・スイート 紺:3面ボス1枚目(Hard) 夢符「藍色の愁三重夢」
0%
ドレミー・スイート 紺:3面ボス3枚目(Lunatic) 夢符「夢我夢中」
0%
ドレミー・スイート 紺:3面ボス4枚目 月符「紺色の狂夢」
0%
稀神サグメ 紺:4面ボス1枚目(Easy/Normal) 玉符「烏合の呪」
0%
稀神サグメ 紺:4面ボス1枚目(Hard) 玉符「烏合の逆呪」
0%
稀神サグメ 紺:4面ボス1枚目(Lunatic) 玉符「烏合の二重呪」
0%
稀神サグメ 紺:4面ボス2枚目(Easy/Normal) 玉符「穢身探知型機雷」
0%
稀神サグメ 紺:4面ボス2枚目(Hard/Lunatic) 玉符「穢身探知型機雷 改」
0%
稀神サグメ 紺:4面ボス3枚目(Easy/Normal) 玉符「神々の弾冠」
0%
稀神サグメ 紺:4面ボス3枚目(Hard/Lunatic) 玉符「神々の光り輝く弾冠」
0%
稀神サグメ 紺:4面ボス4枚目 「片翼の白鷺」
0%
クラウンピース 紺:5面ボス2枚目(Easy/Normal) 獄符「フラッシュアンドストライプ」
0%
クラウンピース 紺:5面ボス2枚目(Hard/Lunatic) 獄符「スターアンドストライプ」
0%
クラウンピース 紺:5面ボス3枚目(Easy/Normal/Hard) 獄炎「グレイズインフェルノ」
0%
純狐 紺:6面ボス3枚目(Easy/Normal) 「原始の神霊界」
0%
純狐 紺:6面ボス3枚目(Hard/Lunatic) 「現代の神霊界」
0%
純狐 紺:6面ボス6枚目(Easy/Normal/Hard) 「溢れ出る瑕穢」
0%
純狐 紺:6面ボス6枚目(Lunatic) 「地上穢の純化」
0%
ドレミー・スイート 紺:Ex道中1枚目 胡蝶「バタフライサプランテーション」
0%
ヘカーティア・ラピスラズリ 紺:Exボス1枚目 異界「逢魔ガ刻」
0%
ヘカーティア・ラピスラズリ 紺:Exボス2枚目 地球「邪穢在身」
0%
純狐 紺:Exボス4枚目 「袋の鼠を追い詰める為の単純な弾幕」
0%
ヘカーティア・ラピスラズリ 紺:Exボス5枚目 異界「地獄のノンイデアル弾幕」
0%
純狐 紺:Exボス8枚目 「人を殺める為の純粋な弾幕」
0%
ヘカーティア・ラピスラズリ 紺:Exボス9枚目 「トリニタリアンラプソディ」
0%
霧雨魔理沙 天:ボム 恋符「マスタースパークフローズン」
0%
チルノ 天:ボム 氷符「クールサンフラワー」
0%
射命丸文 天:ボム 風符「天狗突風雨」
0%
エタニティラルバ 天:1面ボス1枚目(Easy/Normal) 蝶符「ミニットスケールス」
0%
エタニティラルバ 天:1面ボス1枚目(Hard/Lunatic) 蝶符「アゲハの鱗粉」
0%
エタニティラルバ 天:1面ボス2枚目(Easy/Normal) 蝶符「フラッタリングサマー」
0%
エタニティラルバ 天:1面ボス2枚目(Hard/Lunatic) 蝶符「真夏の羽ばたき」
0%
坂田ネムノ 天:2面ボス1枚目(Easy/Normal) 雨符「囚われの秋雨」
0%
坂田ネムノ 天:2面ボス1枚目(Hard/Lunatic) 雨符「呪われた柴榑雨」
0%
坂田ネムノ 天:2面ボス3枚目(Easy/Normal) 尽符「マウンテンマーダー」
0%
坂田ネムノ 天:2面ボス3枚目(Hard/Lunatic) 尽符「ブラッディマウンテンマーダー」
0%
リリーホワイト 天:3面道中1枚目(Hard/Lunatic) 春符「サプライズスプリング」
0%
高麗野あうん 天:3面ボス1枚目(Easy/Normal) 犬符「野良犬の散歩」
0%
高麗野あうん 天:3面ボス2枚目(Easy/Normal/Hard) 獣:ボスアタック 独楽「コマ犬回し」
0%
高麗野あうん 天:3面ボス2枚目(Lunatic) 独楽「カールアップアンドダイ」
0%
矢田寺成美 天:4面ボス1枚目(Easy/Normal) 魔符「インスタントボーディ」
0%
矢田寺成美 天:4面ボス1枚目(Hard/Lunatic) 魔符「即席菩提」
0%
矢田寺成美 天:4面ボス3枚目(Easy/Normal) 地蔵「クリミナルサルヴェイション」
0%
矢田寺成美 天:4面ボス3枚目(Hard/Lunatic) 地蔵「業火救済」
0%
丁礼田舞 天:5面ボス1枚目(Hard/Lunatic (舞に最多ダメージ)) 竹符「バンブークレイジーダンス」
0%
爾子田里乃 天:5面ボス1枚目(里乃に最多ダメージ) 茗荷「フォゲットユアネーム」
0%
舞&里乃 天:5面ボス3枚目 舞符「ビハインドフェスティバル」
0%
舞&里乃 天:5面ボス4枚目(Easy/Normal) 狂舞「テングオドシ」
0%
舞&里乃 天:5面ボス4枚目(Hard/Lunatic) 狂舞「狂乱天狗怖し」
0%
摩多羅隠岐奈 天:6面ボス1枚目(Easy/Normal/Hard) 後符「秘神の後光」
0%
摩多羅隠岐奈 天:6面ボス1枚目(Lunatic) 秘:裏・土曜日 弾幕夢3 後符「絶対秘神の後光」
0%
摩多羅隠岐奈 天:6面ボス2枚目(Hard/Lunatic) 裏夏「異常猛暑の焦土」
0%
摩多羅隠岐奈 天:6面ボス3枚目(Easy/Normal) 裏秋「ダイ・オブ・ファミン」
0%
摩多羅隠岐奈 天:6面ボス3枚目(Hard/Lunatic) 裏秋「異常枯死の餓鬼」
0%
摩多羅隠岐奈 天:6面ボス4枚目(Easy/Normal) 裏冬「ブラックスノーマン」
0%
摩多羅隠岐奈 天:6面ボス5枚目(Easy/Normal) 裏春「エイプリルウィザード」
0%
摩多羅隠岐奈 天:6面ボス5枚目(Hard/Lunatic) 裏春「異常落花の魔術使い」
0%
舞&里乃 天:Ex道中1枚目 鼓舞「パワフルチアーズ」
0%
舞&里乃 天:Ex道中2枚目 狂舞「クレイジーバックダンス」
0%
摩多羅隠岐奈 天:Exボス3枚目 秘儀「弾幕の玉繭」
0%
摩多羅隠岐奈 天:Exボス4枚目 秘儀「穢那の火」
0%
摩多羅隠岐奈 天:Exボス5枚目 秘儀「後戸の狂言」
0%
摩多羅隠岐奈 天:Exボス6枚目 秘儀「マターラドゥッカ」
0%
摩多羅隠岐奈 天:Exボス7枚目 秘儀「七星の剣」
0%
摩多羅隠岐奈 天:Exボス8枚目 秘儀「無縁の芸能者」
0%
摩多羅隠岐奈 天:Exボス9枚目 「背面の暗黒猿楽」
0%
霊夢&華扇 憑:ストーリーCPU専用 霊鷹符「鷹による夢想封印ハンティング」
0%
霊夢&魔理沙 憑:ストーリーCPU専用 針星符「月卿を封じる針スパーク」
0%
博麗霊夢 憑:ストーリーCPU専用 霊符「夢想封印 夢限」
0%
博麗霊夢 憑:ストーリーCPU専用 「最強最良の異変解決巫女」
0%
魔理沙&こいし 憑:ストーリーCPU専用 星恋符「スプリンクルスター&ハート」
0%
魔理沙&霊夢 憑:ストーリーCPU専用 星霊符「スプリンクルスター封印」
0%
霧雨魔理沙 憑:ストーリーCPU専用 星符「アステロイドベルトナイトメア」
0%
一輪&雲山&布都 憑:ストーリーCPU専用 拳風符「入道叢雲風水拳」
0%
一輪&雲山&魔理沙 憑:ストーリーCPU専用 拳星符「入道叢雲スレイブスパーク」
0%
一輪&雲山&にとり 憑:ストーリーCPU専用 拳水符「入道叢雲ミズバク拳」
0%
白蓮&一輪&雲山 憑:ストーリーCPU専用 撃拳符「スカンダの怪雲拳」
0%
白蓮&神子 憑:ストーリーCPU専用 撃光符「スカンダの王道の威光」
0%
白蓮&神子 憑:ストーリーCPU専用 蹴斬符「ガルーダの聖徳斬」
0%
白蓮&神子 憑:ストーリーCPU専用(OVERDRIVE) 光仙符「日出ずる国の僧侶と道士」
0%
白蓮&一輪&雲山 憑:ストーリーCPU専用 光拳符「インドラのヴァジュラ怪雲拳」
0%
聖白蓮 憑:ストーリーCPU専用 撃符「スカンダに追われる正夢」
0%
布都&霊夢 憑:ストーリーCPU専用 風霊符「磐舟かわらけ封印」
0%
神子&白蓮 憑:ストーリーCPU専用 光撃符「君を導く王道のヴァジュラシュート」
0%
神子&布都 憑:ストーリーCPU専用 光風府「レイディアント風水マント」
0%
豊聡耳神子 憑:ストーリーCPU専用 光符「君を導く夢王道の威光」
0%
にとり&こころ 憑:ストーリーCPU専用 水面符「ミズバクマスカレード」
0%
こいし&一輪&雲山 憑:ストーリーCPU専用 恋拳符「ローズカプリチオ怪雲拳」
0%
マミゾウ&妹紅 憑:ストーリーCPU専用 化火符「妖怪弾幕変化 葉っぱ発破」
0%
二ッ岩マミゾウ 憑:ストーリーCPU専用 化符「妖怪弾幕変化 夢見心地」
0%
こころ&布都 憑:ストーリーCPU専用 面風符「喜怒哀楽風水術」
0%
秦こころ 憑:ストーリーCPU専用 面符「喜怒哀楽発狂マスカレード」
0%
華扇&霊夢 憑:ストーリーCPU専用 雷霊符「務光の雷弾夢想封印」
0%
華扇&霊夢 憑:ストーリーCPU専用 龍蹴符「ドラゴンズ飛鳥井キック」
0%
華扇&マミゾウ 憑:ストーリーCPU専用 雷化符「務光と葉っぱの弾幕変化」
0%
華扇&マミゾウ 憑:ストーリーCPU専用 龍化符「ドラゴンズエイリアンカプセル」
0%
茨木華扇 憑:ストーリーCPU専用 雷符「務光の雷霆閃光夢幻弾」
0%
茨木華扇 憑:ストーリーCPU専用 龍符「ドラゴンズオプティカルドリーム」
0%
妹紅&鈴仙 憑:ストーリーCPU専用 火狂符「人体発火秘匿弾幕(バーニングヒドゥンバレット)」
0%
妹紅&霊夢 憑:ストーリーCPU専用 「この何度目かの命、夢想封印されるまで」
0%
針妙丸&マミゾウ 憑:ストーリーCPU専用 槌化符「大判小判弾幕変化」
0%
針妙丸&こいし 憑:ストーリーCPU専用 槌恋符「大判小判ザックザクハート」
0%
針妙丸&菫子 憑:ストーリーCPU専用 槌礫符「大判小判ザックザクサイコキネシス」
0%
宇佐見菫子(夢) 憑:ストーリーCPU専用 超能力「サイコキネシスエンドレス」
0%
菫子(夢)&菫子(ド) 憑:ストーリーCPU専用 W超能力「サイコキネシステレポテーション」
0%
菫子(夢)&菫子(ド) 憑:ストーリーCPU専用 W超能力「絶体絶命メトロポリタン」
0%
菫子(夢)&菫子(ド) 憑:ストーリーCPU専用(OVERDRIVE) 「世紀のダブルエスパー 宇佐見菫子」
0%
鈴仙&針妙丸 憑:ストーリーCPU専用 狂槌符「狂視幻像(ディスオーダーアイ)も大きくなあれ」
0%
ドレミー・スイート 憑:プレイヤー専用 夢符「留紺色の逃走夢」
0%
ドレミー・スイート 憑:プレイヤー専用 夢符「漆黒の宇宙夢」
0%
ドレミー・スイート 憑:怪ラストワード *もう目覚めなくて良いのよ*
0%
ドレミー&菫子 憑:ストーリーCPU専用 夢礫符「羊毛色のサイコキネシス」
0%
ドレミー&天子 憑:ストーリーCPU専用 夢要符「羊毛色の乾坤一擲」
0%
比那名居天子 憑:プレイヤー専用 地符「一撃震乾坤」
0%
比那名居天子 憑:プレイヤー専用 桃符「堅牢堅固の仙桃」
0%
比那名居天子 憑:怪ラストワード *大気圏は我が手中にあり*
0%
天子&針妙丸 憑:ストーリーCPU専用 昇槌符「僕らの夢を載せて大きくなあれ」
0%
天子&針妙丸 憑:ストーリーCPU専用 墜槌符「夢は大気圏に堕ちて大きくなあれ」
0%
天子&針妙丸 憑:ストーリーCPU専用(OVERDRIVE) 「全小人族の緋想天」
0%
比那名居天子 憑:ストーリーCPU専用 昇符「遥か宙まで飛べ! 僕らの夢を載せて」
0%
比那名居天子 憑:ストーリーCPU専用 墜符「大気圏に落ちて、夢は地表に降り注ぐ」
0%
比那名居天子 憑:ストーリーCPU専用 「大地を造り直そう、夢のある世界へ!」
0%
比那名居天子 憑:ストーリーCPU専用(OVERDRIVE) 「ヒュージバトルシップ 無双ナマズ見参」
0%
比那名居天子 憑:ストーリーCPU専用(OVERDRIVE) 「全スペースピープルの緋想天」
0%
八雲紫 憑:プレイヤー専用 「無人廃線車両爆弾」
0%
八雲紫 憑:プレイヤー専用 境界「溢れ出る漂流物」
0%
八雲紫 憑:怪ラストワード *その綺麗な足をくれ!*
0%
八雲紫 憑:ストーリーCPU専用 「憑坐の憂鬱」
0%
紫&霊夢 憑:ストーリーCPU専用 「完全憑依と夢想封印」
0%
紫&霊夢 憑:ストーリーCPU専用 「憑坐と神霊の境界」
0%
依神女苑 憑:プレイヤー専用 憑依剥奪「スレイブロバー」
0%
依神女苑 憑:プレイヤー専用 「クイーンオブバブル」
0%
依神紫苑 憑:プレイヤー専用 貧符「超貧乏玉」
0%
依神紫苑 憑:ストーリーCPU専用 貧符「ミスチャンススキャッター」
0%
依神紫苑 憑:ストーリーCPU専用 「最凶最悪の極貧不幸神」
0%
女苑&紫苑 憑:ストーリーCPU専用 不運「ようこそ極貧の世界へ」
0%
女苑&紫苑 憑:ストーリーCPU専用 財禍「プラックピジョン」
0%
女苑&紫苑 憑:ストーリーCPU専用 憑依交換「アブソリュートルーザー」
0%
鈴瑚 秘:月曜日 弾幕夢2 兎符「ストロベリー大ダンゴ」
0%
清蘭 秘:月曜日 弾幕夢3 弾符「ラビットファルコナー」
0%
鈴瑚 秘:月曜日 弾幕夢4 兎符「ダンゴ三姉妹」
0%
エタニティラルバ 秘:火曜日 弾幕夢2 蝶符「バタフライドリーム」
0%
エタニティラルバ 秘:火曜日 弾幕夢3 蝶符「纏わり付く鱗粉」
0%
矢田寺成美 秘:水曜日 弾幕夢2 魔符「慈愛の地蔵」
0%
矢田寺成美 秘:水曜日 弾幕夢3 地蔵「菩薩ストンプ」
0%
矢田寺成美 秘:水曜日 弾幕夢4 地蔵「活きの良いバレットゴーレム」
0%
坂田ネムノ 秘:木曜日 弾幕夢2 研符「狂い輝く鬼包丁」
0%
坂田ネムノ 秘:木曜日 弾幕夢3 殺符「窮僻の山姥」
0%
高麗野あうん 鬼:4面ボス3枚目 獣:ボスアタック 独楽「コマ犬大回転」
0%
高麗野あうん 秘:金曜日 弾幕夢3 独楽「阿吽の閃光」
0%
清蘭 秘:裏・日曜日 弾幕夢2 夢弾「ルナティックドリームショット」
0%
鈴瑚 秘:裏・日曜日 弾幕夢3 団子「ダンゴフラワー」
0%
エタニティラルバ 秘:裏・日曜日 弾幕夢4 夢蝶「クレージーバタフライ」
0%
矢田寺成美 秘:裏・日曜日 弾幕夢5 夢地蔵「劫火の希望」
0%
坂田ネムノ 秘:裏・日曜日 弾幕夢6 夢尽「殺人鬼の懐」
0%
高麗野あうん 秘:裏・日曜日 弾幕夢7 夢犬「101匹の野良犬」
0%
クラウンピース 秘:裏・月曜日 弾幕夢2 獄符「バースティンググラッジ」
0%
クラウンピース 秘:裏・月曜日 弾幕夢3 獄符「ダブルストライプ」
0%
クラウンピース 秘:裏・月曜日 弾幕夢4 月夢「エクリプスナイトメア」
0%
稀神サグメ 秘:裏・火曜日 弾幕夢2 玉符「金城鉄壁の陰陽玉」
0%
稀神サグメ 秘:裏・火曜日 弾幕夢3 玉符「神々の写し難い弾冠」
0%
稀神サグメ 秘:裏・火曜日 弾幕夢4 夢鷺「片翼の夢鷺」
0%
丁礼田舞 秘:裏・水曜日 弾幕夢2 竹符「バンブーラビリンス」
0%
爾子田里乃 秘:裏・水曜日 弾幕夢3 茗荷「メスメリズムダンス」
0%
丁礼田舞 秘:裏・水曜日 弾幕夢4 笹符「タナバタスタードリーム」
0%
爾子田里乃 秘:裏・水曜日 弾幕夢5 冥加「ビハインドナイトメア」
0%
ヘカーティア・ラピスラズリ 秘:裏・木曜日 弾幕夢1 異界「ディストーテッドファイア」
0%
ヘカーティア・ラピスラズリ 秘:裏・木曜日 弾幕夢3 月「コズミックレディエーション」
0%
ヘカーティア・ラピスラズリ 秘:裏・木曜日 弾幕夢4 異界「逢魔ガ刻 夢」
0%
ヘカーティア・ラピスラズリ 秘:裏・木曜日 弾幕夢5 「月が堕ちてくる!」
0%
純狐 秘:裏・金曜日 弾幕夢2 「震え凍える悪夢」
0%
純狐 秘:裏・金曜日 弾幕夢3 「サイケデリックマンダラ」
0%
純狐 秘:裏・金曜日 弾幕夢4 「極めて威厳のある純光」
0%
純狐 秘:裏・金曜日 弾幕夢5 「確実に悪夢で殺す為の弾幕」
0%
摩多羅隠岐奈 秘:裏・土曜日 弾幕夢1 秘儀「マターラスッカ」
0%
摩多羅隠岐奈 秘:裏・土曜日 弾幕夢2 秘儀「背面の邪炎」
0%
摩多羅隠岐奈 秘:裏・土曜日 弾幕夢4 秘儀「秘神の暗躍弾幕」
0%
摩多羅隠岐奈 秘:裏・土曜日 弾幕夢5 秘儀「神秘の玉繭」
0%
レミリア&フランドール 秘:悪夢日曜 弾幕夢1 紅魔符「ブラッディカタストロフ」
0%
白蓮&神子 秘:悪夢日曜 弾幕夢2 星神符「十七条の超人」
0%
レミリア&白蓮 秘:悪夢日曜 弾幕夢3 紅星符「超人ブラッディナイフ」
0%
フランドール&神子 秘:悪夢日曜 弾幕夢4 紅神符「十七条のカタストロフ」
0%
レミリア&神子 秘:悪夢日曜 弾幕夢5 神紅符「ブラッディ十七条のレーザー」
0%
フランドール&白蓮 秘:悪夢日曜 弾幕夢6 紅星符「超人カタストロフ行脚」
0%
幽々子&映姫 秘:悪夢月曜 弾幕夢1 妖花符「バタフライストーム閻魔笏」
0%
神奈子&諏訪子 秘:悪夢月曜 弾幕夢2 風神符「ミシャバシラ」
0%
幽々子&神奈子 秘:悪夢月曜 弾幕夢3 風妖符「死蝶オンバシラ」
0%
映姫&諏訪子 秘:悪夢月曜 弾幕夢4 風花符「ミシャグジ様の是非」
0%
幽々子&諏訪子 秘:悪夢月曜 弾幕夢5 妖風符「土着蝶ストーム」
0%
映姫&神奈子 秘:悪夢月曜 弾幕夢6 風花符「オンバシラ裁判」
0%
永琳&輝夜 秘:悪夢火曜 弾幕夢1 永夜符「蓬莱壺中の弾の枝」
0%
天子&針妙丸 秘:悪夢火曜 弾幕夢2 緋針符「要石も大きくなあれ」
0%
永琳&天子 秘:悪夢火曜 弾幕夢3 永緋符「墜落する壺中の有頂天」
0%
輝夜&針妙丸 秘:悪夢火曜 弾幕夢4 輝夜符「蓬莱の大きな弾の枝」
0%
永琳&針妙丸 秘:悪夢火曜 弾幕夢5 永輝符「大きくなる壺」
0%
輝夜&天子 秘:悪夢火曜 弾幕夢6 緋夜符「蓬莱の弾の要石」
0%
さとり&空 秘:悪夢水曜 弾幕夢1 地霊符「マインドステラスチール」
0%
こいし&藍 秘:悪夢水曜 弾幕夢2 地妖符「イドの式神」
0%
さとり&こいし 秘:悪夢水曜 弾幕夢3 「パーフェクトマインドコントロール」
0%
空&藍 秘:悪夢水曜 弾幕夢4 地妖符「式神大星」
0%
さとり&藍 秘:悪夢水曜 弾幕夢5 地妖符「エゴの式神」
0%
空&こいし 秘:悪夢水曜 弾幕夢6 地霊符「マインドステラリリーフ」
0%
マミゾウ&ぬえ 秘:悪夢木曜 弾幕夢1 神星符「正体不明の怪光人だかり」
0%
雷鼓&衣玖 秘:悪夢木曜 弾幕夢2 輝天符「迅雷のドンドコ太鼓」
0%
マミゾウ&雷鼓 秘:悪夢木曜 弾幕夢3 輝神符「謎のドンドコ人だかり」
0%
衣玖&ぬえ 秘:悪夢木曜 弾幕夢4 緋星符「正体不明の落雷」
0%
マミゾウ&衣玖 秘:悪夢木曜 弾幕夢5 神緋符「雷雨の中のストーカー」
0%
雷鼓&ぬえ 秘:悪夢木曜 弾幕夢6 輝星符「正体不明のドンドコ太鼓」
0%
妹紅&萃香 秘:悪夢金曜 弾幕夢1 萃夜符「身命霧散」
0%
純狐&ヘカーティア 秘:悪夢金曜 弾幕夢2 紺珠符「純粋と不純の弾幕」
0%
萃香&純狐 秘:悪夢金曜 弾幕夢3 萃珠符「純粋な五里霧中」
0%
妹紅&ヘカーティア 秘:悪夢金曜 弾幕夢4 永珠符「捨て身のリフレクション」
0%
萃香&ヘカーティア 秘:悪夢金曜 弾幕夢5 萃珠符「ミストレイ」
0%
妹紅&純狐 秘:悪夢金曜 弾幕夢6 永珠符「穢れ無き珠と穢れ多き霊」
0%
紫&隠岐奈 秘:悪夢土曜 弾幕夢1 「秘神結界」
0%
霊夢&魔理沙 秘:悪夢土曜 弾幕夢2 「盗撮者調伏マスタースパーク」
0%
霊夢&隠岐奈 秘:悪夢土曜 弾幕夢3 「背後からの盗撮者調伏」
0%
魔理沙&紫 秘:悪夢土曜 弾幕夢4 「弾幕結界を撃ち抜け!」
0%
魔理沙&隠岐奈 秘:悪夢土曜 弾幕夢5 「卑怯者マスタースパーク」
0%
霊夢&紫 秘:悪夢土曜 弾幕夢6 「許可無く弾幕は撮影禁止です」
0%
ドレミー・スイート 秘:ナイトメアダイアリー 弾幕夢1 「最後の日曜日に見る悪夢」
0%
菫子(夢)&菫子(ド) 秘:ナイトメアダイアリー 弾幕夢2 紙符「ESPカード手裏剣」
0%
紫&菫子 秘:ナイトメアダイアリー 弾幕夢3 紙符「結界中のESPカード手裏剣」
0%
戎瓔花 鬼:1面ボス1枚目(Easy/Normal) 石符「ストーンウッズ」
0%
戎瓔花 鬼:1面ボス1枚目(Hard/Lunatic) 石符「ストーンコニファー」
0%
戎瓔花 鬼:1面ボス2枚目(Easy/Normal) 石符「チルドレンズリンボ」
0%
戎瓔花 鬼:1面ボス2枚目(Hard/Lunatic) 石符「アダルトチルドレンズリンボ」
0%
牛崎潤美 鬼:2面ボス1枚目(Easy/Normal) 石符「ストーンベイビー」
0%
牛崎潤美 鬼:2面ボス1枚目(Hard/Lunatic) 石符「ヘビーストーンベイビー」
0%
牛崎潤美 鬼:2面ボス2枚目 溺符「三途の淪溺」
0%
牛崎潤美 鬼:2面ボス3枚目(Easy/Normal) 鬼符「デーモンシージ」
0%
牛崎潤美 鬼:2面ボス3枚目(Hard/Lunatic) 鬼符「ハングリーデーモンシージ」
0%
庭渡久侘歌 鬼:3面ボス1枚目(Easy/Normal) 水符「水配りの試練」
0%
庭渡久侘歌 鬼:3面ボス1枚目(Hard) 水符「水配りの上級試煉」
0%
庭渡久侘歌 鬼:3面ボス1枚目(Lunatic) 水符「水配りの極級試煉」
0%
庭渡久侘歌 鬼:3面ボス2枚目(Easy/Normal) 光符「見渡しの試練」
0%
庭渡久侘歌 鬼:3面ボス2枚目(Hard) 光符「見渡しの上級試煉」
0%
庭渡久侘歌 鬼:3面ボス2枚目(Lunatic) 光符「見渡しの極級試煉」
0%
庭渡久侘歌 鬼:3面ボス3枚目(Easy/Normal) 鬼符「鬼渡の試練」
0%
庭渡久侘歌 鬼:3面ボス3枚目(Hard) 鬼符「鬼渡の上級試煉」
0%
庭渡久侘歌 鬼:3面ボス3枚目(Lunatic) 鬼符「鬼渡の獄級試煉」
0%
吉弔八千慧 鬼:4面ボス2枚目(Easy/Normal) 鬼符「搦手の畜生」
0%
吉弔八千慧 鬼:4面ボス2枚目(Hard) 鬼符「搦手の犬畜生」
0%
吉弔八千慧 鬼:4面ボス2枚目(Lunatic) 鬼符「搦手の鬼畜生」
0%
杖刀偶磨弓 鬼:5面ボス1枚目(Hard/Lunatic) 埴輪「熟練弓兵埴輪」
0%
杖刀偶磨弓 鬼:5面ボス2枚目(Hard/Lunatic) 埴輪「熟練剣士埴輪」
0%
杖刀偶磨弓 鬼:5面ボス3枚目(Easy/Normal) 埴輪「騎馬兵埴輪」
0%
杖刀偶磨弓 鬼:5面ボス3枚目(Hard/Lunatic) 埴輪「熟練騎馬兵埴輪」
0%
杖刀偶磨弓 鬼:5面ボス4枚目(Easy/Normal) 埴輪「がらんどうの無尽兵団」
0%
杖刀偶磨弓 鬼:5面ボス4枚目(Hard/Lunatic) 埴輪「不敗の無尽兵団」
0%
埴安神袿姫 鬼:6面ボス1枚目(Easy/Normal) 方形「方形造形術」
0%
埴安神袿姫 鬼:6面ボス1枚目(Hard/Lunatic) 方形「スクエアクリーチャー」
0%
埴安神袿姫 鬼:6面ボス2枚目(Easy/Normal) 円形「真円造形術」
0%
埴安神袿姫 鬼:6面ボス2枚目(Hard/Lunatic) 円形「サークルクリーチャー」
0%
埴安神袿姫 鬼:6面ボス3枚目(Easy/Normal) 線形「線形造形術」
0%
埴安神袿姫 鬼:6面ボス3枚目(Hard/Lunatic) 線形「リニアクリーチャー」
0%
埴安神袿姫 鬼:6面ボス4枚目(Easy/Normal) 埴輪「偶像人馬造形術」
0%
埴安神袿姫 鬼:6面ボス4枚目(Hard/Lunatic) 埴輪「アイドルクリーチャー」
0%
埴安神袿姫 鬼:6面ボス5枚目 「鬼形造形術」
0%
埴安神袿姫 鬼:6面ボス6枚目 「ジオメトリッククリーチャー」
0%
埴安神袿姫 鬼:6面ボス7枚目 「イドラディアボルス」
0%
庭渡久侘歌 鬼:Ex道中1枚目 血戦「血の分水嶺」
0%
庭渡久侘歌 鬼:Ex道中2枚目 血戦「獄界視線」
0%
庭渡久侘歌 鬼:Ex道中3枚目 血戦「全霊鬼渡り」
0%
驪駒早鬼 鬼:Exボス1枚目 勁疾技「スリリングショット」
0%
驪駒早鬼 鬼:Exボス2枚目 勁疾技「ライトニングネイ」
0%
驪駒早鬼 鬼:Exボス3枚目 勁疾技「デンスクラウド」
0%
驪駒早鬼 鬼:Exボス4枚目 勁疾技「ビーストエピデミシティ」
0%
驪駒早鬼 鬼:Exボス5枚目 勁疾技「トライアングルチェイス」
0%
驪駒早鬼 鬼:Exボス6枚目 勁疾技「ブラックペガサス流星弾」
0%
驪駒早鬼 鬼:Exボス7枚目 勁疾技「マッスルエクスプロージョン」
0%
驪駒早鬼 鬼:Exボス8枚目 「フォロミーアンアフライド」
0%
驪駒早鬼 鬼:Exボス9枚目 「鬼形のホイポロイ」
0%
驪駒早鬼 鬼:Exボス10枚目 「鬼畜生の所業」
0%
豪徳寺ミケ 虹:1面ボス1枚目闇:Tutorial 1枚目 招符「弾幕万来」
0%
豪徳寺ミケ 虹:1面ボス2枚目 招符「弾災招福」
0%
山城たかね 虹:2面ボス1枚目(Easy/Normal) 森符「木隠れの技術」
0%
山城たかね 虹:2面ボス1枚目(Hard) 森符「極・木隠れの技術」
0%
山城たかね 虹:2面ボス1枚目(Lunatic) 森符「真・木隠れの技術」
0%
山城たかね 虹:2面ボス2枚目(Easy/Normal) 森符「最奥の森域」
0%
山城たかね 虹:2面ボス2枚目(Hard) 森符「極・最奥の森域」
0%
山城たかね 虹:2面ボス2枚目(Lunatic) 森符「真・最奥の森域」
0%
山城たかね 虹:2面ボス3枚目(Easy/Normal) 葉技「グリーンスパイラル」
0%
山城たかね 虹:2面ボス3枚目(Hard) 葉技「グリーンサイクロン」
0%
山城たかね 虹:2面ボス3枚目(Lunatic) 葉技「グリーントルネード」
0%
駒草山如 虹:3面ボス1枚目(Easy/Normal) 山符「動天の雲間草」
0%
駒草山如 虹:3面ボス1枚目(Hard/Lunatic) 山怪「驚愕の雲間草」
0%
駒草山如 虹:3面ボス2枚目(Easy/Normal) 山符「妖光輝く薄雪草」
0%
駒草山如 虹:3面ボス2枚目(Hard/Lunatic) 山怪「妖魔犇めく薄雪草」
0%
駒草山如 虹:3面ボス3枚目(Easy/Normal) 山花「殺戮の駒草」
0%
駒草山如 虹:3面ボス3枚目(Hard/Lunatic) 山花「殺戮の山の女王」
0%
玉造魅須丸 虹:4面ボス1枚目(Easy/Normal/Hard) 玉符「虹龍陰陽玉」
0%
玉造魅須丸 虹:4面ボス1枚目(Lunatic) 玉符「陰陽神玉」
0%
玉造魅須丸 虹:4面ボス2枚目(Easy/Normal) 玉将「クイーンオブインヤンスフィア」
0%
玉造魅須丸 虹:4面ボス3枚目 「陰陽サフォケイション」
0%
飯綱丸龍 虹:5面ボス1枚目(Easy/Normal) 禍星「星火燎原の舞」
0%
飯綱丸龍 虹:5面ボス1枚目(Hard/Lunatic) 禍星「星火燎原乱舞」
0%
飯綱丸龍 虹:5面ボス2枚目(Easy/Normal) 星風「虹彩陸離の舞」
0%
飯綱丸龍 虹:5面ボス2枚目(Hard/Lunatic) 星風「虹彩陸離乱舞」
0%
飯綱丸龍 虹:5面ボス3枚目(Easy/Normal) 光馬「天馬行空の舞」
0%
飯綱丸龍 虹:5面ボス3枚目(Hard/Lunatic) 光馬「天馬行空乱舞」
0%
飯綱丸龍 虹:5面ボス4枚目 虹光「光風霽月」
0%
天弓千亦 虹:6面ボス1枚目 「無主への供物」
0%
天弓千亦 虹:6面ボス2枚目 「弾幕狂蒐家の妄執」
0%
天弓千亦 虹:6面ボス3枚目(Lunatic) 「弾幕自由市場」
0%
天弓千亦 虹:6面ボス4枚目 「虹人環」
0%
天弓千亦 虹:6面ボス5枚目(Hard) 「暴虐のバレットドミニオン」
0%
天弓千亦 虹:6面ボス5枚目(Lunatic) 「無道のバレットドミニオン」
0%
菅牧典 虹:Ex道中1枚目 狐符「フォックスワインダー」
0%
菅牧典 虹:Ex道中2枚目 獣:ボスアタック 管狐「シリンダーフォックス」
0%
菅牧典 虹:Ex道中3枚目 星狐「天狐龍星の舞」
0%
姫虫百々世 虹:Exボス2枚目 蠱毒「ケイブスウォーマー」
0%
姫虫百々世 虹:Exボス3枚目 蠱毒「スカイペンドラ」
0%
姫虫百々世 虹:Exボス4枚目 採掘「積もり続けるマインダンプ」
0%
姫虫百々世 虹:Exボス6枚目 採掘「妖怪達のシールドメゾット」
0%
姫虫百々世 虹:Exボス9枚目 「蠱毒のグルメ」
0%
姫虫百々世 虹:Exボス10枚目 「蟲姫さまの輝かしく落ち着かない毎日」
0%
博麗霊夢 剛:ストーリーCPU専用 霊符「理由無き無差別調伏」
0%
博麗霊夢 剛:ストーリーCPU専用 霊符「理由無き陰陽玉乱舞」
0%
博麗霊夢 剛:ストーリーCPU専用 霊符「至極不条理な無差別調伏」
0%
博麗霊夢 剛:ストーリーCPU専用 霊符「汚染された陰陽玉乱舞」
0%
博麗霊夢 剛:ストーリーCPU専用 血呪「無差別呪殺調伏」
0%
博麗霊夢 剛:ストーリーCPU専用 血呪「血まみれた陰陽玉乱舞」
0%
博麗霊夢 剛:ストーリーCPU専用 「旧血の池地獄に暴力の蓋」
0%
霧雨魔理沙 剛:ストーリーCPU専用 森符「バイオレントトリコローマ」
0%
霧雨魔理沙 剛:ストーリーCPU専用 火符「バイオレントカエンタケ」
0%
八坂神奈子 剛:ストーリーCPU専用 風符「神地獄」
0%
八坂神奈子 剛:ストーリーCPU専用 風符「船上神地獄」
0%
八坂神奈子 剛:ストーリーCPU専用 御柱「オンバシラ揺曳弾」
0%
八坂神奈子 剛:ストーリーCPU専用 御柱「船上オンバシラ揺曳弾」
0%
八坂神奈子 剛:ストーリーCPU専用 御柱「オンバシラバンカーバスター」
0%
八坂神奈子 剛:ストーリーCPU専用 御柱「オンバシラトーピドゥ」
0%
村紗水蜜 剛:ストーリーCPU専用 時化「ストーミーセーリング」
0%
村紗水蜜 剛:ストーリーCPU専用 沈没「強欲な亡者達の海域」
0%
村紗水蜜 剛:ストーリーCPU専用 舟符「キャプテンムラサの不幸な出航」
0%
女苑&紫苑 剛:ストーリーCPU専用 石油「フレイマブルレイン」
0%
女苑&紫苑 剛:ストーリーCPU専用 石油「貧乏神的な原油流出汚染」
0%
女苑&紫苑 剛:ストーリーCPU専用 油井「疫病神的な天空掘削機」
0%
フランドール・スカーレット 剛:ストーリーCPU専用 禁忌「レックレスバロット」
0%
フランドール・スカーレット 剛:ストーリーCPU専用 禁忌「ケルベロススクリッパー」
0%
フランドール・スカーレット 剛:ストーリーCPU専用 「掌中の破壊者」
0%
フランドール・スカーレット 剛:プレイヤー専用(名称のみ) 「スカーレットニヒリティ」
0%
饕餮尤魔 剛:ストーリーCPU専用 採取「世界の在り方を変える黒い水」
0%
饕餮尤魔 剛:ストーリーCPU専用 蒸留「強引で未熟な蒸留装置」
0%
饕餮尤魔 剛:ストーリーCPU専用 剛欲「この世に存在してはならない暴食」
0%
饕餮尤魔 剛:ストーリーCPU専用 採取「ガイアの血液」
0%
饕餮尤魔 剛:ストーリーCPU専用 精錬「呪われた血液の追憶」
0%
饕餮尤魔 剛:ストーリーCPU専用 「お腹を空かせたグリードモンスター」
0%
多々良小傘 剛:ストーリーCPU専用 雨洞「レイニーケイブ」
0%
多々良小傘 剛:ストーリーCPU専用 水砲「グラウンドウォーターストリーム」
0%
多々良小傘 剛:ストーリーCPU専用 跳傘「大時化サプライズ」
0%
黒谷ヤマメ 剛:ストーリーCPU専用 毒雨「アンサニタリーレイン」
0%
黒谷ヤマメ 剛:ストーリーCPU専用 毒蜘蛛「ヴェノムウェブ」
0%
黒谷ヤマメ 剛:ストーリーCPU専用 油水「オイルバーニングレイン」
0%
黒谷ヤマメ 剛:ストーリーCPU専用 血蜘蛛「インピュアブラッドリーウェブ」
0%
星熊勇儀 剛:ストーリーCPU専用 湧泉「熱鬼掘削撃」
0%
星熊勇儀 剛:ストーリーCPU専用 怨泉「極楽温泉地獄」
0%
霊烏路空 剛:ストーリーCPU専用 獄炎「インフェルノバーナー」
0%
霊烏路空 剛:ストーリーCPU専用 獄炎「ディヒューズヘルファイア」
0%
霊烏路空 剛:ストーリーCPU専用 「太陽を盗んだ鴉」
0%
庭渡久侘歌 剛:ストーリーCPU専用 長鳴「目覚めよ、葬られた幽霊達よ」
0%
庭渡久侘歌 剛:ストーリーCPU専用 笛符「幽霊達よ、居るべき場所に還れ」
0%
庭渡久侘歌 剛:ストーリーCPU専用 庭渡「見渡しのよい旧地獄」
0%
庭渡久侘歌 剛:ストーリーCPU専用 庭渡「アルゴリズミックファントム」
0%
摩多羅隠岐奈 剛:ストーリーCPU専用 扉符「温泉客の安らぐ背中」
0%
摩多羅隠岐奈 剛:ストーリーCPU専用 扉符「太古に失われた背中」
0%
摩多羅隠岐奈 剛:ストーリーCPU専用 扉符「咎人達の血生臭い背中」
0%
摩多羅隠岐奈 剛:ストーリーCPU専用 「秘匿された時空幻想ツアー」
0%
摩多羅隠岐奈 剛:ストーリーCPU専用 「秘められし弾幕界への扉」
0%
豪徳寺ミケ 闇:1st Market 1枚目 金符「三毛猫に小判」
0%
秋穣子 闇:1st Market 1枚目 秋符「五穀豊穣波」
0%
エタニティラルバ 闇:1st Market 1枚目 蝶符「デッドリーバタフライ」
0%
坂田ネムノ 闇:1st Market 1枚目 包丁「刃こぼれするまで切り刻め」
0%
わかさぎ姫 闇:2nd Market 1枚目 歌符「人魚の歌」
0%
牛崎潤美 闇:2nd Market 1枚目 「剽掠のさざ波」
0%
赤蛮奇 闇:2nd Market 1枚目 「身軽な生首ライフ」
0%
戎瓔花 闇:3rd Market 1枚目 石符「エイジャの積石」
0%
庭渡久侘歌 闇:3rd Market 1枚目 「命の分水嶺」
0%
小野塚小町 闇:3rd Market 1枚目 「金と死は積もるほど忙しい」
0%
東風谷早苗 闇:4th Market 1枚目 奇跡「ミラクルペンタクル」
0%
十六夜咲夜 闇:4th Market 1枚目 時符「アイウィンクナイフヘル」
0%
魂魄妖夢 闇:4th Market 1枚目 剣技「血振るいの魍魎」
0%
博麗霊夢 闇:4th Market 1枚目 「満員御礼 弾貨大入り袋」
0%
河城にとり 闇:4th Market 1枚目(空白のカード) 兵器「ウォーター火炎放射器」
0%
河城にとり 闇:4th Market 2枚目(空白のカード) 「沢の流れのように」
0%
菅牧典 闇:5th Market 1枚目 狐符「遅効性の管狐弾」
0%
菅牧典 闇:5th Market 2枚目 狐符「管の中の邪悪」
0%
飯綱丸龍 闇:5th Market 1枚目 星符「天真爛漫の星」
0%
飯綱丸龍 闇:5th Market 2枚目 風符「空々寂々の風」
0%
クラウンピース 闇:5th Market 1枚目 極炎「地獄の釜の底の底」
0%
クラウンピース 闇:5th Market 2枚目 「ルナティックトーチリレー」
0%
比那名居天子 闇:5th Market 1枚目 要石「乾坤鳴動砲」
0%
比那名居天子 闇:5th Market 2枚目 要石「拡散乾坤鳴動砲」
0%
伊吹萃香 闇:6th Market 1枚目 密符「稠密の隠形鬼」
0%
伊吹萃香 闇:6th Market 2枚目 「鬼火の大将軍」
0%
二ッ岩マミゾウ 闇:6th Market 1枚目 「空前絶後 大行列の闇市場」
0%
二ッ岩マミゾウ 闇:6th Market 2枚目 弾幕変化「妖怪生物群集」
0%
驪駒早鬼 闇:6th Market 1枚目 獣:ボスアタック 天星馬「ペガサスクロス」
0%
驪駒早鬼 闇:6th Market 2枚目 「爆発は筋力だ!」
0%
姫虫百々世 闇:6th Market 1枚目 蠱毒「リボルトスウォーマー」
0%
姫虫百々世 闇:6th Market 2枚目 「千切れもがき苦しむ蟲の怨み」
0%
山城たかね 闇:6th Market 1枚目(資本主義のジレンマ) 弾貨「バレットマネーグラット」
0%
山城たかね 闇:6th Market 2枚目(資本主義のジレンマ) 葉技「スーパーグリーンスパイラル」
0%
山城たかね 闇:6th Market 3枚目(資本主義のジレンマ) 「ブラックマーケットの万華鏡」
0%
天弓千亦 闇:End of Market 1枚目 「正当なバレットマーケット」
0%
天弓千亦 闇:End of Market 2枚目 「闇市場のミシガンロール」
0%
博麗霊夢 獣:ボスアタック 霊符「乱撃陰陽玉」
0%
博麗霊夢 獣:ストーリーCPUボスアタック 「在庫全ての陰陽玉」
0%
博麗霊夢 獣:ストーリーCPUボスアタック 「鬼畜生調伏に慈悲は無し」
0%
霧雨魔理沙 獣:ボスアタック 星符「シュート・ザ・ビースト」
0%
霧雨魔理沙 獣:ボスアタック 星符「シュート・ザ・ビーストキング」
0%
八雲藍 獣:ボスアタック 式神「マルチスティルハンター」
0%
ナズーリン 獣:ボスアタック 宝石「ジュエルレイン」
0%
清蘭 獣:ボスアタック 弾符「ラビットシューティング」
0%
火焔猫燐 獣:ボスアタック 死霊「フェアリーオブザデッド」
0%
二ッ岩マミゾウ 獣:ボスアタック 狸符「強欲な動物霊に紛れよ!」
0%
吉弔八千慧 獣:ストーリーCPUボスアタック 亀符「吉弔大結界」
0%
驪駒早鬼 獣:ストーリーCPUボスアタック 天星馬「ペガサススターマイン」
0%
驪駒早鬼 獣:ストーリーCPUボスアタック 「ラストシュート」
0%
饕餮尤魔 獣:ボスアタック 宿怨「ゴージライザー」
0%
饕餮尤魔 獣:ストーリーCPUボスアタック 「アブソーバーファントム」
0%
饕餮尤魔 獣:ストーリーCPUボスアタック 「底辺の暴食」
0%
伊吹萃香 獣:ボスアタック 鬼符「濛々酒鬼」
0%
伊吹萃香 獣:ストーリーCPUボスアタック 鬼符「疎音濛々酒鬼」
0%
伊吹萃香 獣:ストーリーCPUボスアタック 「美しき地獄弾幕夜行」
0%
孫美天 獣:ボスアタック 猿撃「モンキーマジック」
0%
三頭慧ノ子 獣:ボスアタック 三頭「ケルベロスファイア」
0%
天火人ちやり 獣:ボスアタック 呪血「カースドデビル」
0%
日白残無 獣:ストーリーCPUボスアタック 「無心純霊弾」
0%
日白残無 獣:ストーリーCPUボスアタック 「亡羊のキングダム」
0%
塵塚ウバメ 錦:1面ボス1枚目(Easy/Normal) 塵符「コズミックダスト」
0%
塵塚ウバメ 錦:1面ボス1枚目(Hard/Lunatic) 塵符「宇宙塵」
0%
塵塚ウバメ 錦:1面ボス2枚目(Easy/Normal) 塵符「唐櫃返し」
0%
塵塚ウバメ 錦:1面ボス2枚目(Hard/Lunatic) 塵符「唐櫃大返し」
0%
封獣チミ 錦:2面ボス1枚目(Easy/Normal) 魅符「まつろわぬ沢の気」
0%
封獣チミ 錦:2面ボス1枚目(Hard/Lunatic) 魅符「荒くれる沢の気」
0%
封獣チミ 錦:2面ボス2枚目(Easy/Normal) 魅符「うなされる森の気」
0%
封獣チミ 錦:2面ボス2枚目(Hard/Lunatic) 魅符「息苦しい森の気」
0%
封獣チミ 錦:2面ボス3枚目(Easy/Normal) 魑符「荒ぶる山の気」
0%
封獣チミ 錦:2面ボス3枚目(Hard/Lunatic) 魑符「怒れる山の気」
0%
道神馴子 錦:3面ボス1枚目(Easy/Normal) 謎符「ピラミダルラビリンス」
0%
道神馴子 錦:3面ボス2枚目(Easy/Normal) 塞符「ロジカルウォール」
0%
道神馴子 錦:3面ボス2枚目(Hard/Lunatic) 塞符「ロジカルグレートウォール」
0%
道神馴子 錦:3面ボス3枚目 謎符「エンシャントトラップ」
0%
ユイマン・浅間 錦:4面ボス1枚目(Easy/Normal) 虚符「ストリーミングドール」
0%
ユイマン・浅間 錦:4面ボス1枚目(Hard/Lunatic) 虚符「ストリーミングマリオネット」
0%
ユイマン・浅間 錦:4面ボス2枚目(Easy/Normal) 群符「ラブルデータ」
0%
ユイマン・浅間 錦:4面ボス2枚目(Hard/Lunatic) 群符「ラブルビッグデータ」
0%
ユイマン・浅間 錦:4面ボス3枚目 「シカを射るだけの美しい記憶」
0%
綿月豊姫 錦:5面ボス1枚目 宝珠「潮盈珠」
0%
綿月豊姫 錦:5面ボス2枚目(Hard) 災禍「長い山津波」
0%
綿月豊姫 錦:5面ボス3枚目 宝珠「潮乾珠」
0%
磐永阿梨夜 錦:6面ボス1枚目 石神「巌となるさざれ石」
0%
磐永阿梨夜 錦:6面ボス3枚目 生符「混沌の冬」
0%
矢田寺成美 闇:3rd Market 1枚目 「56億7千万年の単純労働」
0%
依神女苑 憑:怪ラストワード 「80'sのエクストーショナー」
0%
封獣ぬえ 星:Exボス2枚目 正体不明「忿怒のレッドUFO襲来」
0%
封獣ぬえ 星:Exボス4枚目 正体不明「哀愁のブルーUFO襲来」
0%
封獣ぬえ 星:Exボス6枚目 正体不明「義心のグリーンUFO襲来」
0%
封獣ぬえ 星:Exボス8枚目 正体不明「恐怖の虹色UFO襲来」
0%
洩矢諏訪子 風:Exボス9枚目 「諏訪大戦 ~ 土着神話 vs 中央神話」
0%
封獣ぬえ ダ:LEVEL 12 SCENE-8 「遊星よりの弾幕X」
0%
No matching quizzes found
Score Distribution
Percent of People with Each Score
Percentile by Number Answered
Your Score History
You have not taken this quiz since the last reset